{"text_format":"3","workbook":"xlsx","n_sheets":17,"sheets":["部门财务收支预算总表01-1","部门收入预算表01-2","部门支出预算表01-3","部门财政拨款收支预算总表02-1","一般公共预算支出预算表02-2","一般公共预算“三公”经费支出预算表03","部门基本支出预算表04","部门项目支出预算表05-1","部门项目支出绩效目标表05-2","部门政府性基金预算表06","部门政府采购预算表07","部门政府购买服务预算表08","省对下转移支付预算表09-1","省对下转移支付绩效目标表09-2","新增资产配置表10","中央转移支付补助项目支出预算表11","部门项目支出中期规划预算表12"],"not_rendered":{"defined_names":10},"read":"whole","date_system":"1900"}

{"sheet":"部门财务收支预算总表01-1","index":0,"n_rows":21,"n_cols":4,"rows_kept":21,"merged":[[1,0,1,3],[2,0,2,1],[3,0,3,1],[3,2,3,3],[4,0,5,0],[4,1,5,1],[4,2,5,2],[4,3,5,3]]}
[{"$nulls":3},"预算01-1表"]
["2026年部门财务收支预算总表"]
[{"$f":"\"单位名称：\"&\"云南省有色地质局\"","v":"单位名称：云南省有色地质局"},null,null,"单位:元"]
["收        入",null,"支        出"]
["项      目","预算数","项目（按功能分类）","预算数"]
[]
["一、一般公共预算拨款收入",{"v":126276690.4,"d":"126,276,690.40"},{"$f":"\"一\"&\"、\"&\"社会保障和就业支出\"","v":"一、社会保障和就业支出"},{"v":42244630,"d":"42,244,630.00"}]
["二、政府性基金预算拨款收入",null,{"$f":"\"二\"&\"、\"&\"卫生健康支出\"","v":"二、卫生健康支出"},{"v":13040500,"d":"13,040,500.00"}]
["三、国有资本经营预算拨款收入",null,{"$f":"\"三\"&\"、\"&\"资源勘探工业信息等支出\"","v":"三、资源勘探工业信息等支出"},{"v":691519310,"d":"691,519,310.00"}]
["四、财政专户管理资金收入",null,{"$f":"\"四\"&\"、\"&\"住房保障支出\"","v":"四、住房保障支出"},{"v":20078560.4,"d":"20,078,560.40"}]
["五、单位资金",{"v":600540290,"d":"600,540,290.00"}]
["1、事业收入",{"v":411638270,"d":"411,638,270.00"}]
["2、事业单位经营收入"]
["3、上级补助收入",{"v":85000000,"d":"85,000,000.00"}]
["4、附属单位上缴收入",{"v":51858000,"d":"51,858,000.00"}]
["5、其他收入",{"v":52044020,"d":"52,044,020.00"}]
["本年收入合计",{"v":726816980.4,"d":"726,816,980.40"},"本年支出合计",{"v":766883000.4,"d":"766,883,000.40"}]
["上年结转结余",{"v":403398010.89,"d":"403,398,010.89"},"年终结转结余",{"v":363331990.89,"d":"363,331,990.89"}]
["1、财政拨款结转结余",null,"1、财政拨款结转结余"]
["2、非财政拨款结余",{"v":403398010.89,"d":"403,398,010.89"},"2、非财政拨款结余",{"v":363331990.89,"d":"363,331,990.89"}]
["收  入  总  计",{"v":1130214991.29,"d":"1,130,214,991.29"},"支 出 总 计",{"v":1130214991.29,"d":"1,130,214,991.29"}]

{"sheet":"部门收入预算表01-2","index":1,"n_rows":22,"n_cols":19,"rows_kept":22,"merged":[[0,17,0,18],[1,0,1,18],[2,0,2,3],[2,17,2,18],[3,0,5,0],[3,1,5,1],[3,2,5,2],[3,3,3,13],[3,14,3,18],[4,3,5,3],[4,4,5,4],[4,5,5,5],[4,6,5,6],[4,7,5,7],[4,8,4,13],[4,14,5,14],[4,15,5,15],[4,16,5,16],[4,17,5,17],[4,18,5,18]]}
[{"$nulls":17},"预算01-2表"]
["2026年部门收入预算表"]
[{"$f":"\"单位名称：\"&\"云南省有色地质局\"","v":"单位名称：云南省有色地质局"},{"$nulls":16},"单位:元","单位:元"]
["部门（单位）代码","部门（单位）名称","合计","本年收入",{"$nulls":10},"上年结转结余"]
[{"$nulls":3},"小计","一般公共预算","政府性基金预算","国有资本经营预算","财政专户管理资金","单位资金收入",null,"事业单位经营收入","上级补助收入","附属单位上缴收入","其他收入","小计","一般公共预算","政府性基金预算","国有资本经营预算","非财政拨款结余"]
[{"$nulls":8},"小计","事业收入","事业单位经营收入","上级补助收入","附属单位上缴收入","其他收入"]
[1,2,3,4,5,6,7,8,9,10,11,12,13,14,15,16,17,18,19]
["411","云南省有色地质局",{"v":371815430.4,"d":"371,815,430.40"},{"v":85320330.4,"d":"85,320,330.40"},{"v":20162110.4,"d":"20,162,110.40"},{"$nulls":3},{"v":65158220,"d":"65,158,220.00"},{"v":4500000,"d":"4,500,000.00"},null,null,{"v":51858000,"d":"51,858,000.00"},{"v":8800220,"d":"8,800,220.00"},{"v":286495100,"d":"286,495,100.00"},{"$nulls":3},{"v":286495100,"d":"286,495,100.00"}]
["411001","云南省有色地质局",{"v":333902510.4,"d":"333,902,510.40"},{"v":72017410.4,"d":"72,017,410.40"},{"v":12946190.4,"d":"12,946,190.40"},{"$nulls":3},{"v":59071220,"d":"59,071,220.00"},{"$nulls":3},{"v":51858000,"d":"51,858,000.00"},{"v":7213220,"d":"7,213,220.00"},{"v":261885100,"d":"261,885,100.00"},{"$nulls":3},{"v":261885100,"d":"261,885,100.00"}]
["411006","云南省有色地质局地质勘查院",{"v":27817000,"d":"27,817,000.00"},{"v":4007000,"d":"4,007,000.00"},{"$nulls":4},{"v":4007000,"d":"4,007,000.00"},{"v":4000000,"d":"4,000,000.00"},{"$nulls":3},{"v":7000,"d":"7,000.00"},{"v":23810000,"d":"23,810,000.00"},{"$nulls":3},{"v":23810000,"d":"23,810,000.00"}]
["411016","云南省有色地质局勘测设计院",{"v":10095920,"d":"10,095,920.00"},{"v":9295920,"d":"9,295,920.00"},{"v":7215920,"d":"7,215,920.00"},{"$nulls":3},{"v":2080000,"d":"2,080,000.00"},{"v":500000,"d":"500,000.00"},{"$nulls":3},{"v":1580000,"d":"1,580,000.00"},{"v":800000,"d":"800,000.00"},{"$nulls":3},{"v":800000,"d":"800,000.00"}]
["411008001","云南省有色地质局地质地球物理化学勘查院",{"v":91353020,"d":"91,353,020.00"},{"v":76353020,"d":"76,353,020.00"},{"v":10153020,"d":"10,153,020.00"},{"$nulls":3},{"v":66200000,"d":"66,200,000.00"},{"v":66000000,"d":"66,000,000.00"},{"$nulls":3},{"v":200000,"d":"200,000.00"},{"v":15000000,"d":"15,000,000.00"},{"$nulls":3},{"v":15000000,"d":"15,000,000.00"}]
["411009001","云南省有色地质局三0六队",{"v":68515920,"d":"68,515,920.00"},{"v":61515920,"d":"61,515,920.00"},{"v":8879570,"d":"8,879,570.00"},{"$nulls":3},{"v":52636350,"d":"52,636,350.00"},{"v":32296350,"d":"32,296,350.00"},null,{"v":10000000,"d":"10,000,000.00"},null,{"v":10340000,"d":"10,340,000.00"},{"v":7000000,"d":"7,000,000.00"},{"$nulls":3},{"v":7000000,"d":"7,000,000.00"}]
["411012001","云南省有色地质局三一二队",{"v":33423150,"d":"33,423,150.00"},{"v":24828150,"d":"24,828,150.00"},{"v":7158570,"d":"7,158,570.00"},{"$nulls":3},{"v":17669580,"d":"17,669,580.00"},{"v":16569580,"d":"16,569,580.00"},{"$nulls":3},{"v":1100000,"d":"1,100,000.00"},{"v":8595000,"d":"8,595,000.00"},{"$nulls":3},{"v":8595000,"d":"8,595,000.00"}]
["411011001","云南省有色地质局三一0队",{"v":118221861.21,"d":"118,221,861.21"},{"v":95963440,"d":"95,963,440.00"},{"v":12646240,"d":"12,646,240.00"},{"$nulls":3},{"v":83317200,"d":"83,317,200.00"},{"v":51067200,"d":"51,067,200.00"},null,{"v":30000000,"d":"30,000,000.00"},null,{"v":2250000,"d":"2,250,000.00"},{"v":22258421.21,"d":"22,258,421.21"},{"$nulls":3},{"v":22258421.21,"d":"22,258,421.21"}]
["411013001","云南省有色地质局三一三队",{"v":70783583.68,"d":"70,783,583.68"},{"v":54422820,"d":"54,422,820.00"},{"v":14675140,"d":"14,675,140.00"},{"$nulls":3},{"v":39747680,"d":"39,747,680.00"},{"v":29647680,"d":"29,647,680.00"},null,{"v":9000000,"d":"9,000,000.00"},null,{"v":1100000,"d":"1,100,000.00"},{"v":16360763.68,"d":"16,360,763.68"},{"$nulls":3},{"v":16360763.68,"d":"16,360,763.68"}]
["411014001","云南省有色地质局三一七队",{"v":54132200,"d":"54,132,200.00"},{"v":49632200,"d":"49,632,200.00"},{"v":11132200,"d":"11,132,200.00"},{"$nulls":3},{"v":38500000,"d":"38,500,000.00"},{"v":31000000,"d":"31,000,000.00"},null,{"v":6000000,"d":"6,000,000.00"},null,{"v":1500000,"d":"1,500,000.00"},{"v":4500000,"d":"4,500,000.00"},{"$nulls":3},{"v":4500000,"d":"4,500,000.00"}]
["411007001","云南省有色地质局地质研究所",{"v":50775830,"d":"50,775,830.00"},{"v":25775830,"d":"25,775,830.00"},{"v":8692030,"d":"8,692,030.00"},{"$nulls":3},{"v":17083800,"d":"17,083,800.00"},{"v":700000,"d":"700,000.00"},{"$nulls":3},{"v":16383800,"d":"16,383,800.00"},{"v":25000000,"d":"25,000,000.00"},{"$nulls":3},{"v":25000000,"d":"25,000,000.00"}]
["411015001","云南省有色地质局楚雄勘查院",{"v":107475000,"d":"107,475,000.00"},{"v":93675000,"d":"93,675,000.00"},{"v":15590100,"d":"15,590,100.00"},{"$nulls":3},{"v":78084900,"d":"78,084,900.00"},{"v":66184900,"d":"66,184,900.00"},null,{"v":10000000,"d":"10,000,000.00"},null,{"v":1900000,"d":"1,900,000.00"},{"v":13800000,"d":"13,800,000.00"},{"$nulls":3},{"v":13800000,"d":"13,800,000.00"}]
["411005001","云南省有色地质局机关后勤服务中心",{"v":11967300,"d":"11,967,300.00"},{"v":8547300,"d":"8,547,300.00"},{"v":2547300,"d":"2,547,300.00"},{"$nulls":3},{"v":6000000,"d":"6,000,000.00"},{"$nulls":4},{"v":6000000,"d":"6,000,000.00"},{"v":3420000,"d":"3,420,000.00"},{"$nulls":3},{"v":3420000,"d":"3,420,000.00"}]
["411010001","云南省有色地质局三0八队",{"v":151751696,"d":"151,751,696.00"},{"v":150782970,"d":"150,782,970.00"},{"v":14640410,"d":"14,640,410.00"},{"$nulls":3},{"v":136142560,"d":"136,142,560.00"},{"v":113672560,"d":"113,672,560.00"},null,{"v":20000000,"d":"20,000,000.00"},null,{"v":2470000,"d":"2,470,000.00"},{"v":968726,"d":"968,726.00"},{"$nulls":3},{"v":968726,"d":"968,726.00"}]
["合计",null,{"v":1130214991.29,"d":"1,130,214,991.29"},{"v":726816980.4,"d":"726,816,980.40"},{"v":126276690.4,"d":"126,276,690.40"},{"$nulls":3},{"v":600540290,"d":"600,540,290.00"},{"v":411638270,"d":"411,638,270.00"},null,{"v":85000000,"d":"85,000,000.00"},{"v":51858000,"d":"51,858,000.00"},{"v":52044020,"d":"52,044,020.00"},{"v":403398010.89,"d":"403,398,010.89"},{"$nulls":3},{"v":403398010.89,"d":"403,398,010.89"}]

{"sheet":"部门支出预算表01-3","index":2,"n_rows":24,"n_cols":15,"rows_kept":24,"merged":[[1,0,1,14],[2,0,2,11],[3,0,4,0],[3,1,4,1],[3,2,4,2],[3,3,3,5],[3,6,4,6],[3,7,4,7],[3,8,4,8],[3,9,3,14],[23,0,23,1]]}
[{"$nulls":14},"预算01-3表"]
["2026年部门支出预算表"]
[{"$f":"\"单位名称：\"&\"云南省有色地质局\"","v":"单位名称：云南省有色地质局"},{"$nulls":13},"单位:元"]
["科目编码","科目名称","合计","一般公共预算",null,null,"政府性基金预算","国有资本经营预算","财政专户管理的支出","单位资金","事业支出","事业单位\n经营支出","上级补助支出","附属单位补助支出","其他支出"]
[{"$nulls":3},"小计","基本支出","项目支出",{"$nulls":3},"小计","事业支出","事业单位\n经营支出","上级补助支出","附属单位补助支出","其他支出"]
[1,2,3,4,5,6,7,8,9,10,11,12,13,14,15]
["208","社会保障和就业支出",{"v":42244630,"d":"42,244,630.00"},{"v":26825230,"d":"26,825,230.00"},{"v":26825230,"d":"26,825,230.00"},{"$nulls":4},{"v":15419400,"d":"15,419,400.00"},{"v":13457900,"d":"13,457,900.00"},{"$nulls":3},{"v":1961500,"d":"1,961,500.00"}]
["20805","行政事业单位养老支出",{"v":40338430,"d":"40,338,430.00"},{"v":26139430,"d":"26,139,430.00"},{"v":26139430,"d":"26,139,430.00"},{"$nulls":4},{"v":14199000,"d":"14,199,000.00"},{"v":12282500,"d":"12,282,500.00"},{"$nulls":3},{"v":1916500,"d":"1,916,500.00"}]
["2080502","事业单位离退休",{"v":3053430,"d":"3,053,430.00"},{"v":3053430,"d":"3,053,430.00"},{"v":3053430,"d":"3,053,430.00"}]
["2080505","机关事业单位基本养老保险缴费支出",{"v":24952000,"d":"24,952,000.00"},{"v":15390000,"d":"15,390,000.00"},{"v":15390000,"d":"15,390,000.00"},{"$nulls":4},{"v":9562000,"d":"9,562,000.00"},{"v":8281000,"d":"8,281,000.00"},{"$nulls":3},{"v":1281000,"d":"1,281,000.00"}]
["2080506","机关事业单位职业年金缴费支出",{"v":12333000,"d":"12,333,000.00"},{"v":7696000,"d":"7,696,000.00"},{"v":7696000,"d":"7,696,000.00"},{"$nulls":4},{"v":4637000,"d":"4,637,000.00"},{"v":4001500,"d":"4,001,500.00"},{"$nulls":3},{"v":635500,"d":"635,500.00"}]
["20899","其他社会保障和就业支出",{"v":1906200,"d":"1,906,200.00"},{"v":685800,"d":"685,800.00"},{"v":685800,"d":"685,800.00"},{"$nulls":4},{"v":1220400,"d":"1,220,400.00"},{"v":1175400,"d":"1,175,400.00"},{"$nulls":3},{"v":45000,"d":"45,000.00"}]
["2089999","其他社会保障和就业支出",{"v":1906200,"d":"1,906,200.00"},{"v":685800,"d":"685,800.00"},{"v":685800,"d":"685,800.00"},{"$nulls":4},{"v":1220400,"d":"1,220,400.00"},{"v":1175400,"d":"1,175,400.00"},{"$nulls":3},{"v":45000,"d":"45,000.00"}]
["210","卫生健康支出",{"v":13040500,"d":"13,040,500.00"},{"v":4970700,"d":"4,970,700.00"},{"v":4970700,"d":"4,970,700.00"},{"$nulls":4},{"v":8069800,"d":"8,069,800.00"},{"v":6309800,"d":"6,309,800.00"},{"$nulls":3},{"v":1760000,"d":"1,760,000.00"}]
["21011","行政事业单位医疗",{"v":13040500,"d":"13,040,500.00"},{"v":4970700,"d":"4,970,700.00"},{"v":4970700,"d":"4,970,700.00"},{"$nulls":4},{"v":8069800,"d":"8,069,800.00"},{"v":6309800,"d":"6,309,800.00"},{"$nulls":3},{"v":1760000,"d":"1,760,000.00"}]
["2101102","事业单位医疗",{"v":11981000,"d":"11,981,000.00"},{"v":4970700,"d":"4,970,700.00"},{"v":4970700,"d":"4,970,700.00"},{"$nulls":4},{"v":7010300,"d":"7,010,300.00"},{"v":5492300,"d":"5,492,300.00"},{"$nulls":3},{"v":1518000,"d":"1,518,000.00"}]
["2101199","其他行政事业单位医疗支出",{"v":1059500,"d":"1,059,500.00"},{"$nulls":6},{"v":1059500,"d":"1,059,500.00"},{"v":817500,"d":"817,500.00"},{"$nulls":3},{"v":242000,"d":"242,000.00"}]
["215","资源勘探工业信息等支出",{"v":691519310,"d":"691,519,310.00"},{"v":82800900,"d":"82,800,900.00"},{"v":82800900,"d":"82,800,900.00"},{"$nulls":4},{"v":608718410,"d":"608,718,410.00"},{"v":405012770,"d":"405,012,770.00"},null,{"v":85000000,"d":"85,000,000.00"},{"v":51858000,"d":"51,858,000.00"},{"v":66847640,"d":"66,847,640.00"}]
["21501","资源勘探开发",{"v":691519310,"d":"691,519,310.00"},{"v":82800900,"d":"82,800,900.00"},{"v":82800900,"d":"82,800,900.00"},{"$nulls":4},{"v":608718410,"d":"608,718,410.00"},{"v":405012770,"d":"405,012,770.00"},null,{"v":85000000,"d":"85,000,000.00"},{"v":51858000,"d":"51,858,000.00"},{"v":66847640,"d":"66,847,640.00"}]
["2150107","有色金属矿勘探和采选",{"v":691519310,"d":"691,519,310.00"},{"v":82800900,"d":"82,800,900.00"},{"v":82800900,"d":"82,800,900.00"},{"$nulls":4},{"v":608718410,"d":"608,718,410.00"},{"v":405012770,"d":"405,012,770.00"},null,{"v":85000000,"d":"85,000,000.00"},{"v":51858000,"d":"51,858,000.00"},{"v":66847640,"d":"66,847,640.00"}]
["221","住房保障支出",{"v":20078560.4,"d":"20,078,560.40"},{"v":11679860.4,"d":"11,679,860.40"},{"v":11679860.4,"d":"11,679,860.40"},{"$nulls":4},{"v":8398700,"d":"8,398,700.00"},{"v":6422800,"d":"6,422,800.00"},{"$nulls":3},{"v":1975900,"d":"1,975,900.00"}]
["22102","住房改革支出",{"v":20078560.4,"d":"20,078,560.40"},{"v":11679860.4,"d":"11,679,860.40"},{"v":11679860.4,"d":"11,679,860.40"},{"$nulls":4},{"v":8398700,"d":"8,398,700.00"},{"v":6422800,"d":"6,422,800.00"},{"$nulls":3},{"v":1975900,"d":"1,975,900.00"}]
["2210201","住房公积金",{"v":20078560.4,"d":"20,078,560.40"},{"v":11679860.4,"d":"11,679,860.40"},{"v":11679860.4,"d":"11,679,860.40"},{"$nulls":4},{"v":8398700,"d":"8,398,700.00"},{"v":6422800,"d":"6,422,800.00"},{"$nulls":3},{"v":1975900,"d":"1,975,900.00"}]
["合  计","合  计",{"v":766883000.4,"d":"766,883,000.40"},{"v":126276690.4,"d":"126,276,690.40"},{"v":126276690.4,"d":"126,276,690.40"},{"$nulls":4},{"v":640606310,"d":"640,606,310.00"},{"v":431203270,"d":"431,203,270.00"},null,{"v":85000000,"d":"85,000,000.00"},{"v":51858000,"d":"51,858,000.00"},{"v":72545040,"d":"72,545,040.00"}]

{"sheet":"部门财政拨款收支预算总表02-1","index":3,"n_rows":16,"n_cols":4,"rows_kept":16,"merged":[[1,0,1,3],[2,0,2,1],[3,0,3,1],[3,2,3,3],[4,0,5,0],[4,1,5,1],[4,2,5,2],[4,3,5,3]]}
[{"$nulls":3},"预算02-1表"]
["2026年财政拨款收支预算总表"]
[{"$f":"\"单位名称：\"&\"云南省有色地质局\"","v":"单位名称：云南省有色地质局"},null,null,"单位:元"]
["收        入",null,"支        出"]
["项      目","预算数","支出功能分类科目","预算数"]
[]
["一、本年收入",{"v":126276690.4,"d":"126,276,690.40"},"一、本年支出",{"v":126276690.4,"d":"126,276,690.40"}]
["（一）一般公共预算拨款",{"v":126276690.4,"d":"126,276,690.40"},{"$f":"\"（一）\"&\"社会保障和就业支出\"","v":"（一）社会保障和就业支出"},{"v":26825230,"d":"26,825,230.00"}]
["（二）政府性基金预算拨款",null,{"$f":"\"（二）\"&\"卫生健康支出\"","v":"（二）卫生健康支出"},{"v":4970700,"d":"4,970,700.00"}]
["（三）国有资本经营预算拨款",null,{"$f":"\"（三）\"&\"资源勘探工业信息等支出\"","v":"（三）资源勘探工业信息等支出"},{"v":82800900,"d":"82,800,900.00"}]
["二、上年结转",null,{"$f":"\"（四）\"&\"住房保障支出\"","v":"（四）住房保障支出"},{"v":11679860.4,"d":"11,679,860.40"}]
["（一）一般公共预算拨款"]
["（二）政府性基金预算拨款"]
["（三）国有资本经营预算拨款"]
[null,null,"二、年终结转结余"]
["收 入 总 计",{"v":126276690.4,"d":"126,276,690.40"},"支 出 总 计",{"v":126276690.4,"d":"126,276,690.40"}]

{"sheet":"一般公共预算支出预算表02-2","index":4,"n_rows":23,"n_cols":7,"rows_kept":23,"merged":[[1,0,1,6],[2,0,2,4],[3,0,3,1],[3,2,4,2],[3,3,3,5],[3,6,4,6],[22,0,22,1]]}
[{"$nulls":6},"预算02-2表"]
["2026年一般公共预算支出预算表（按功能科目分类）"]
[{"$f":"\"单位名称：\"&\"云南省有色地质局\"","v":"单位名称：云南省有色地质局"},{"$nulls":5},"单位:元"]
["部门预算支出功能分类科目",null,"合计","基本支出",null,null,"项目支出"]
["科目编码","科目名称",null,"小计","人员经费","公用经费"]
["1","2","3",null,"4","5","6"]
["208","社会保障和就业支出",{"v":26825230,"d":"26,825,230.00"},{"v":26825230,"d":"26,825,230.00"},{"v":23771800,"d":"23,771,800.00"},{"v":3053430,"d":"3,053,430.00"}]
["20805","行政事业单位养老支出",{"v":26139430,"d":"26,139,430.00"},{"v":26139430,"d":"26,139,430.00"},{"v":23086000,"d":"23,086,000.00"},{"v":3053430,"d":"3,053,430.00"}]
["2080502","事业单位离退休",{"v":3053430,"d":"3,053,430.00"},{"v":3053430,"d":"3,053,430.00"},null,{"v":3053430,"d":"3,053,430.00"}]
["2080505","机关事业单位基本养老保险缴费支出",{"v":15390000,"d":"15,390,000.00"},{"v":15390000,"d":"15,390,000.00"},{"v":15390000,"d":"15,390,000.00"}]
["2080506","机关事业单位职业年金缴费支出",{"v":7696000,"d":"7,696,000.00"},{"v":7696000,"d":"7,696,000.00"},{"v":7696000,"d":"7,696,000.00"}]
["20899","其他社会保障和就业支出",{"v":685800,"d":"685,800.00"},{"v":685800,"d":"685,800.00"},{"v":685800,"d":"685,800.00"}]
["2089999","其他社会保障和就业支出",{"v":685800,"d":"685,800.00"},{"v":685800,"d":"685,800.00"},{"v":685800,"d":"685,800.00"}]
["210","卫生健康支出",{"v":4970700,"d":"4,970,700.00"},{"v":4970700,"d":"4,970,700.00"},{"v":4970700,"d":"4,970,700.00"}]
["21011","行政事业单位医疗",{"v":4970700,"d":"4,970,700.00"},{"v":4970700,"d":"4,970,700.00"},{"v":4970700,"d":"4,970,700.00"}]
["2101102","事业单位医疗",{"v":4970700,"d":"4,970,700.00"},{"v":4970700,"d":"4,970,700.00"},{"v":4970700,"d":"4,970,700.00"}]
["215","资源勘探工业信息等支出",{"v":82800900,"d":"82,800,900.00"},{"v":82800900,"d":"82,800,900.00"},{"v":75515970,"d":"75,515,970.00"},{"v":7284930,"d":"7,284,930.00"}]
["21501","资源勘探开发",{"v":82800900,"d":"82,800,900.00"},{"v":82800900,"d":"82,800,900.00"},{"v":75515970,"d":"75,515,970.00"},{"v":7284930,"d":"7,284,930.00"}]
["2150107","有色金属矿勘探和采选",{"v":82800900,"d":"82,800,900.00"},{"v":82800900,"d":"82,800,900.00"},{"v":75515970,"d":"75,515,970.00"},{"v":7284930,"d":"7,284,930.00"}]
["221","住房保障支出",{"v":11679860.4,"d":"11,679,860.40"},{"v":11679860.4,"d":"11,679,860.40"},{"v":11679860.4,"d":"11,679,860.40"}]
["22102","住房改革支出",{"v":11679860.4,"d":"11,679,860.40"},{"v":11679860.4,"d":"11,679,860.40"},{"v":11679860.4,"d":"11,679,860.40"}]
["2210201","住房公积金",{"v":11679860.4,"d":"11,679,860.40"},{"v":11679860.4,"d":"11,679,860.40"},{"v":11679860.4,"d":"11,679,860.40"}]
["合  计","合  计",{"v":126276690.4,"d":"126,276,690.40"},{"v":126276690.4,"d":"126,276,690.40"},{"v":115938330.4,"d":"115,938,330.40"},{"v":10338360,"d":"10,338,360.00"}]

{"sheet":"一般公共预算“三公”经费支出预算表03","index":5,"n_rows":8,"n_cols":6,"rows_kept":8,"merged":[[1,0,1,5],[2,0,2,3],[3,0,4,0],[3,1,4,1],[3,2,3,4],[3,5,4,5],[7,0,7,5]]}
[{"$nulls":5},"预算03表"]
["2026年一般公共预算“三公”经费支出预算表"]
[{"$f":"\"单位名称：\"&\"云南省有色地质局\"","v":"单位名称：云南省有色地质局"},{"$nulls":4},"单位：元"]
["“三公”经费合计","因公出国（境）费","公务用车购置及运行费",null,null,"公务接待费"]
[null,null,"小计","公务用车购置费","公务用车运行费"]
[1,2,3,4,5,6]
[]
["说明：我部门未使用一般公共预算财政拨款安排“三公”经费，因此《2026年一般公共预算“三公”经费支出预算表》（预算03表）公开空表。"]

{"sheet":"部门基本支出预算表04","index":6,"n_rows":404,"n_cols":23,"rows_kept":404,"merged":[[1,0,1,22],[2,0,2,6],[3,0,6,0],[3,1,6,1],[3,2,6,2],[3,3,6,3],[3,4,6,4],[3,5,6,5],[3,6,6,6],[3,7,3,22],[4,7,6,7],[4,8,4,12],[4,13,4,15],[4,16,6,16],[4,17,4,22],[5,8,6,8],[5,9,6,9],[5,10,6,10],[5,11,6,11],[5,12,6,12],[5,13,6,13],[5,14,6,14],[5,15,6,15],[5,17,6,17],[5,18,6,18],[5,19,6,19],[5,20,6,20],[5,21,6,21],[5,22,6,22],[403,0,403,6]]}
[{"$nulls":22},"预算04表"]
["2026年部门基本支出预算表"]
[{"$f":"\"单位名称：\"&\"云南省有色地质局\"","v":"单位名称：云南省有色地质局"},{"$nulls":21},"单位：元"]
["单位名称","项目代码","项目名称","功能科目编码","功能科目名称","经济科目编码","经济科目名称","资金来源"]
[{"$nulls":7},"合计","一般公共预算",{"$nulls":4},"财政拨款结转结余",null,null,"财政专户管理资金","单位资金"]
[{"$nulls":8},"全年数","已提前安排","抵扣上年垫付资金","本次下达","另文下达","一般公共预算","政府性基金预算","国有资本经营预算",null,"小计","事业收入","事业单位\n经营收入","上级补助收入","附属单位上缴收入","其他收入"]
[]
[1,2,3,4,5,6,7,8,9,10,11,12,13,14,15,16,17,18,19,20,21,22,23]
["云南省有色地质局",{"$nulls":6},{"v":110912810.4,"d":"110,912,810.40"},{"v":20162110.4,"d":"20,162,110.40"},{"v":5016752.6,"d":"5,016,752.60"},null,{"v":15145357.8,"d":"15,145,357.80"},{"$nulls":5},{"v":90750700,"d":"90,750,700.00"},{"v":8400000,"d":"8,400,000.00"},null,null,{"v":51858000,"d":"51,858,000.00"},{"v":30492700,"d":"30,492,700.00"}]
["云南省有色地质局",{"$nulls":6},{"v":92909890.4,"d":"92,909,890.40"},{"v":12946190.4,"d":"12,946,190.40"},{"v":3212772.6,"d":"3,212,772.60"},null,{"v":9733417.8,"d":"9,733,417.80"},{"$nulls":5},{"v":79963700,"d":"79,963,700.00"},{"$nulls":3},{"v":51858000,"d":"51,858,000.00"},{"v":28105700,"d":"28,105,700.00"}]
["云南省有色地质局","530000210000000026396","事业人员支出工资","2150107","有色金属矿勘探和采选","30101","基本工资",{"v":3829900,"d":"3,829,900.00"},{"v":3729900,"d":"3,729,900.00"},{"v":932475,"d":"932,475.00"},null,{"v":2797425,"d":"2,797,425.00"},{"$nulls":5},{"v":100000,"d":"100,000.00"},{"$nulls":4},{"v":100000,"d":"100,000.00"}]
["云南省有色地质局","530000210000000026396","事业人员支出工资","2150107","有色金属矿勘探和采选","30102","津贴补贴",{"v":300,"d":"300.00"},{"v":300,"d":"300.00"},{"v":75,"d":"75.00"},null,{"v":225,"d":"225.00"}]
["云南省有色地质局","530000210000000026396","事业人员支出工资","2150107","有色金属矿勘探和采选","30107","绩效工资",{"v":12326500,"d":"12,326,500.00"},{"v":3626500,"d":"3,626,500.00"},{"v":906625,"d":"906,625.00"},null,{"v":2719875,"d":"2,719,875.00"},{"$nulls":5},{"v":8700000,"d":"8,700,000.00"},{"$nulls":3},{"v":5866100,"d":"5,866,100.00"},{"v":2833900,"d":"2,833,900.00"}]
["云南省有色地质局","530000210000000026397","社会保障缴费","2080505","机关事业单位基本养老保险缴费支出","30108","机关事业单位基本养老保险缴费",{"v":1456000,"d":"1,456,000.00"},{"v":1256000,"d":"1,256,000.00"},{"v":314000,"d":"314,000.00"},null,{"v":942000,"d":"942,000.00"},{"$nulls":5},{"v":200000,"d":"200,000.00"},{"$nulls":4},{"v":200000,"d":"200,000.00"}]
["云南省有色地质局","530000210000000026397","社会保障缴费","2089999","其他社会保障和就业支出","30112","其他社会保障缴费",{"v":77300,"d":"77,300.00"},{"v":59300,"d":"59,300.00"},{"v":14825,"d":"14,825.00"},null,{"v":44475,"d":"44,475.00"},{"$nulls":5},{"v":18000,"d":"18,000.00"},{"$nulls":4},{"v":18000,"d":"18,000.00"}]
["云南省有色地质局","530000210000000026397","社会保障缴费","2101102","事业单位医疗","30110","职工基本医疗保险缴费",{"v":1136700,"d":"1,136,700.00"},{"v":948700,"d":"948,700.00"},{"v":237175,"d":"237,175.00"},null,{"v":711525,"d":"711,525.00"},{"$nulls":5},{"v":188000,"d":"188,000.00"},{"$nulls":4},{"v":188000,"d":"188,000.00"}]
["云南省有色地质局","530000210000000026398","社会保障缴费（职业年金单位缴费）","2080506","机关事业单位职业年金缴费支出","30109","职业年金缴费",{"v":728000,"d":"728,000.00"},{"v":628000,"d":"628,000.00"},{"v":157000,"d":"157,000.00"},null,{"v":471000,"d":"471,000.00"},{"$nulls":5},{"v":100000,"d":"100,000.00"},{"$nulls":4},{"v":100000,"d":"100,000.00"}]
["云南省有色地质局","530000210000000026399","住房公积金","2210201","住房公积金","30113","住房公积金",{"v":1655060.4,"d":"1,655,060.40"},{"v":599560.4,"d":"599,560.40"},{"v":149890.1,"d":"149,890.10"},null,{"v":449670.3,"d":"449,670.30"},{"$nulls":5},{"v":1055500,"d":"1,055,500.00"},{"$nulls":4},{"v":1055500,"d":"1,055,500.00"}]
["云南省有色地质局","530000210000000026400","对个人和家庭的补助","2150107","有色金属矿勘探和采选","30399","其他对个人和家庭的补助",{"v":570400,"d":"570,400.00"},{"v":504400,"d":"504,400.00"},{"v":126100,"d":"126,100.00"},null,{"v":378300,"d":"378,300.00"},{"$nulls":5},{"v":66000,"d":"66,000.00"},{"$nulls":4},{"v":66000,"d":"66,000.00"}]
["云南省有色地质局","530000210000000026401","其他工资福利支出","2150107","有色金属矿勘探和采选","30199","其他工资福利支出",{"v":19500,"d":"19,500.00"},{"v":19500,"d":"19,500.00"},{"v":4875,"d":"4,875.00"},null,{"v":14625,"d":"14,625.00"}]
["云南省有色地质局","530000210000000026402","公车购置及运维费","2150107","有色金属矿勘探和采选","30231","公务用车运行维护费",{"v":200000,"d":"200,000.00"},{"$nulls":9},{"v":200000,"d":"200,000.00"},{"$nulls":4},{"v":200000,"d":"200,000.00"}]
["云南省有色地质局","530000210000000026404","公务接待费","2150107","有色金属矿勘探和采选","30217","公务接待费",{"v":50000,"d":"50,000.00"},{"$nulls":9},{"v":50000,"d":"50,000.00"},{"$nulls":4},{"v":50000,"d":"50,000.00"}]
["云南省有色地质局","530000210000000026406","工会经费","2150107","有色金属矿勘探和采选","30228","工会经费",{"v":544200,"d":"544,200.00"},{"v":100000,"d":"100,000.00"},{"v":25000,"d":"25,000.00"},null,{"v":75000,"d":"75,000.00"},{"$nulls":5},{"v":444200,"d":"444,200.00"},{"$nulls":4},{"v":444200,"d":"444,200.00"}]
["云南省有色地质局","530000210000000026407","一般公用经费","2080502","事业单位离退休","30299","其他商品和服务支出",{"v":79470,"d":"79,470.00"},{"v":79470,"d":"79,470.00"},{"v":19867.5,"d":"19,867.50"},null,{"v":59602.5,"d":"59,602.50"}]
["云南省有色地质局","530000210000000026407","一般公用经费","2150107","有色金属矿勘探和采选","30201","办公费",{"v":133100,"d":"133,100.00"},{"v":95100,"d":"95,100.00"},null,null,{"v":95100,"d":"95,100.00"},{"$nulls":5},{"v":38000,"d":"38,000.00"},{"$nulls":4},{"v":38000,"d":"38,000.00"}]
["云南省有色地质局","530000210000000026407","一般公用经费","2150107","有色金属矿勘探和采选","30202","印刷费",{"v":12500,"d":"12,500.00"},{"v":5000,"d":"5,000.00"},{"v":1250,"d":"1,250.00"},null,{"v":3750,"d":"3,750.00"},{"$nulls":5},{"v":7500,"d":"7,500.00"},{"$nulls":4},{"v":7500,"d":"7,500.00"}]
["云南省有色地质局","530000210000000026407","一般公用经费","2150107","有色金属矿勘探和采选","30204","手续费",{"v":28800,"d":"28,800.00"},{"$nulls":9},{"v":28800,"d":"28,800.00"},{"$nulls":4},{"v":28800,"d":"28,800.00"}]
["云南省有色地质局","530000210000000026407","一般公用经费","2150107","有色金属矿勘探和采选","30207","邮电费",{"v":20200,"d":"20,200.00"},{"$nulls":9},{"v":20200,"d":"20,200.00"},{"$nulls":4},{"v":20200,"d":"20,200.00"}]
["云南省有色地质局","530000210000000026407","一般公用经费","2150107","有色金属矿勘探和采选","30211","差旅费",{"v":607400,"d":"607,400.00"},{"v":474400,"d":"474,400.00"},{"v":118600,"d":"118,600.00"},null,{"v":355800,"d":"355,800.00"},{"$nulls":5},{"v":133000,"d":"133,000.00"},{"$nulls":4},{"v":133000,"d":"133,000.00"}]
["云南省有色地质局","530000210000000026407","一般公用经费","2150107","有色金属矿勘探和采选","30213","维修（护）费",{"v":2000,"d":"2,000.00"},{"v":2000,"d":"2,000.00"},{"v":500,"d":"500.00"},null,{"v":1500,"d":"1,500.00"}]
["云南省有色地质局","530000210000000026407","一般公用经费","2150107","有色金属矿勘探和采选","30215","会议费",{"v":115000,"d":"115,000.00"},{"v":85000,"d":"85,000.00"},{"v":21250,"d":"21,250.00"},null,{"v":63750,"d":"63,750.00"},{"$nulls":5},{"v":30000,"d":"30,000.00"},{"$nulls":4},{"v":30000,"d":"30,000.00"}]
["云南省有色地质局","530000210000000026407","一般公用经费","2150107","有色金属矿勘探和采选","30216","培训费",{"v":242100,"d":"242,100.00"},{"v":170000,"d":"170,000.00"},{"v":42500,"d":"42,500.00"},null,{"v":127500,"d":"127,500.00"},{"$nulls":5},{"v":72100,"d":"72,100.00"},{"$nulls":4},{"v":72100,"d":"72,100.00"}]
["云南省有色地质局","530000210000000026407","一般公用经费","2150107","有色金属矿勘探和采选","30226","劳务费",{"v":142000,"d":"142,000.00"},{"v":60000,"d":"60,000.00"},{"v":15000,"d":"15,000.00"},null,{"v":45000,"d":"45,000.00"},{"$nulls":5},{"v":82000,"d":"82,000.00"},{"$nulls":4},{"v":82000,"d":"82,000.00"}]
["云南省有色地质局","530000210000000026407","一般公用经费","2150107","有色金属矿勘探和采选","30227","委托业务费",{"v":760000,"d":"760,000.00"},{"$nulls":9},{"v":760000,"d":"760,000.00"},{"$nulls":4},{"v":760000,"d":"760,000.00"}]
["云南省有色地质局","530000210000000026407","一般公用经费","2150107","有色金属矿勘探和采选","30239","其他交通费用",{"v":141600,"d":"141,600.00"},{"$nulls":9},{"v":141600,"d":"141,600.00"},{"$nulls":4},{"v":141600,"d":"141,600.00"}]
["云南省有色地质局","530000210000000026407","一般公用经费","2150107","有色金属矿勘探和采选","30240","税金及附加费用",{"v":49400,"d":"49,400.00"},{"$nulls":9},{"v":49400,"d":"49,400.00"},{"$nulls":4},{"v":49400,"d":"49,400.00"}]
["云南省有色地质局","530000210000000026407","一般公用经费","2150107","有色金属矿勘探和采选","30299","其他商品和服务支出",{"v":67707960,"d":"67,707,960.00"},{"v":503060,"d":"503,060.00"},{"v":125765,"d":"125,765.00"},null,{"v":377295,"d":"377,295.00"},{"$nulls":5},{"v":67204900,"d":"67,204,900.00"},{"$nulls":3},{"v":45991900,"d":"45,991,900.00"},{"v":21213000,"d":"21,213,000.00"}]
["云南省有色地质局","530000210000000026407","一般公用经费","2150107","有色金属矿勘探和采选","31002","办公设备购置",{"v":274500,"d":"274,500.00"},{"$nulls":9},{"v":274500,"d":"274,500.00"},{"$nulls":4},{"v":274500,"d":"274,500.00"}]
["云南省有色地质局地质勘查院",{"$nulls":6},{"v":7907000,"d":"7,907,000.00"},{"$nulls":9},{"v":7907000,"d":"7,907,000.00"},{"v":7900000,"d":"7,900,000.00"},{"$nulls":3},{"v":7000,"d":"7,000.00"}]
["云南省有色地质局地质勘查院","530000210000000043888","事业人员支出工资","2150107","有色金属矿勘探和采选","30101","基本工资",{"v":220000,"d":"220,000.00"},{"$nulls":9},{"v":220000,"d":"220,000.00"},{"v":220000,"d":"220,000.00"}]
["云南省有色地质局地质勘查院","530000210000000043888","事业人员支出工资","2150107","有色金属矿勘探和采选","30107","绩效工资",{"v":4000000,"d":"4,000,000.00"},{"$nulls":9},{"v":4000000,"d":"4,000,000.00"},{"v":4000000,"d":"4,000,000.00"}]
["云南省有色地质局地质勘查院","530000210000000043895","一般公用经费","2150107","有色金属矿勘探和采选","30201","办公费",{"v":50000,"d":"50,000.00"},{"$nulls":9},{"v":50000,"d":"50,000.00"},{"v":50000,"d":"50,000.00"}]
["云南省有色地质局地质勘查院","530000210000000043895","一般公用经费","2150107","有色金属矿勘探和采选","30211","差旅费",{"v":50000,"d":"50,000.00"},{"$nulls":9},{"v":50000,"d":"50,000.00"},{"v":50000,"d":"50,000.00"}]
["云南省有色地质局地质勘查院","530000210000000043895","一般公用经费","2150107","有色金属矿勘探和采选","30218","专用材料费",{"v":1000000,"d":"1,000,000.00"},{"$nulls":9},{"v":1000000,"d":"1,000,000.00"},{"v":1000000,"d":"1,000,000.00"}]
["云南省有色地质局地质勘查院","530000210000000043895","一般公用经费","2150107","有色金属矿勘探和采选","30227","委托业务费",{"v":2000000,"d":"2,000,000.00"},{"$nulls":9},{"v":2000000,"d":"2,000,000.00"},{"v":2000000,"d":"2,000,000.00"}]
["云南省有色地质局地质勘查院","530000210000000043895","一般公用经费","2150107","有色金属矿勘探和采选","30240","税金及附加费用",{"v":370000,"d":"370,000.00"},{"$nulls":9},{"v":370000,"d":"370,000.00"},{"v":370000,"d":"370,000.00"}]
["云南省有色地质局地质勘查院","530000210000000043895","一般公用经费","2150107","有色金属矿勘探和采选","30299","其他商品和服务支出",{"v":7000,"d":"7,000.00"},{"$nulls":9},{"v":7000,"d":"7,000.00"},{"v":7000,"d":"7,000.00"}]
["云南省有色地质局地质勘查院","530000221100000188938","公车购置及运维费","2150107","有色金属矿勘探和采选","30231","公务用车运行维护费",{"v":210000,"d":"210,000.00"},{"$nulls":9},{"v":210000,"d":"210,000.00"},{"v":203000,"d":"203,000.00"},{"$nulls":3},{"v":7000,"d":"7,000.00"}]
["云南省有色地质局勘测设计院",{"$nulls":6},{"v":10095920,"d":"10,095,920.00"},{"v":7215920,"d":"7,215,920.00"},{"v":1803980,"d":"1,803,980.00"},null,{"v":5411940,"d":"5,411,940.00"},{"$nulls":5},{"v":2880000,"d":"2,880,000.00"},{"v":500000,"d":"500,000.00"},{"$nulls":3},{"v":2380000,"d":"2,380,000.00"}]
["云南省有色地质局勘测设计院","530000210000000040508","事业人员支出工资","2150107","有色金属矿勘探和采选","30101","基本工资",{"v":2817580,"d":"2,817,580.00"},{"v":1630080,"d":"1,630,080.00"},{"v":407520,"d":"407,520.00"},null,{"v":1222560,"d":"1,222,560.00"},{"$nulls":5},{"v":1187500,"d":"1,187,500.00"},{"$nulls":4},{"v":1187500,"d":"1,187,500.00"}]
["云南省有色地质局勘测设计院","530000210000000040508","事业人员支出工资","2150107","有色金属矿勘探和采选","30107","绩效工资",{"v":320000,"d":"320,000.00"},{"v":320000,"d":"320,000.00"},{"v":80000,"d":"80,000.00"},null,{"v":240000,"d":"240,000.00"}]
["云南省有色地质局勘测设计院","530000210000000040509","社会保障缴费","2080505","机关事业单位基本养老保险缴费支出","30108","机关事业单位基本养老保险缴费",{"v":1900000,"d":"1,900,000.00"},{"v":1600000,"d":"1,600,000.00"},{"v":400000,"d":"400,000.00"},null,{"v":1200000,"d":"1,200,000.00"},{"$nulls":5},{"v":300000,"d":"300,000.00"},{"v":100000,"d":"100,000.00"},{"$nulls":3},{"v":200000,"d":"200,000.00"}]
["云南省有色地质局勘测设计院","530000210000000040509","社会保障缴费","2101102","事业单位医疗","30110","职工基本医疗保险缴费",{"v":640000,"d":"640,000.00"},{"$nulls":9},{"v":640000,"d":"640,000.00"},{"v":240000,"d":"240,000.00"},{"$nulls":3},{"v":400000,"d":"400,000.00"}]
["云南省有色地质局勘测设计院","530000210000000040510","住房公积金","2210201","住房公积金","30113","住房公积金",{"v":2614200,"d":"2,614,200.00"},{"v":2614200,"d":"2,614,200.00"},{"v":653550,"d":"653,550.00"},null,{"v":1960650,"d":"1,960,650.00"}]
["云南省有色地质局勘测设计院","530000210000000040511","一般公用经费","2080502","事业单位离退休","30299","其他商品和服务支出",{"v":251640,"d":"251,640.00"},{"v":251640,"d":"251,640.00"},{"v":62910,"d":"62,910.00"},null,{"v":188730,"d":"188,730.00"}]
["云南省有色地质局勘测设计院","530000210000000040511","一般公用经费","2150107","有色金属矿勘探和采选","30201","办公费",{"v":10000,"d":"10,000.00"},{"$nulls":9},{"v":10000,"d":"10,000.00"},{"$nulls":4},{"v":10000,"d":"10,000.00"}]
["云南省有色地质局勘测设计院","530000210000000040511","一般公用经费","2150107","有色金属矿勘探和采选","30204","手续费",{"v":500,"d":"500.00"},{"$nulls":9},{"v":500,"d":"500.00"},{"$nulls":4},{"v":500,"d":"500.00"}]
["云南省有色地质局勘测设计院","530000210000000040511","一般公用经费","2150107","有色金属矿勘探和采选","30205","水费",{"v":15000,"d":"15,000.00"},{"$nulls":9},{"v":15000,"d":"15,000.00"},{"$nulls":4},{"v":15000,"d":"15,000.00"}]
["云南省有色地质局勘测设计院","530000210000000040511","一般公用经费","2150107","有色金属矿勘探和采选","30206","电费",{"v":5000,"d":"5,000.00"},{"$nulls":9},{"v":5000,"d":"5,000.00"},{"$nulls":4},{"v":5000,"d":"5,000.00"}]
["云南省有色地质局勘测设计院","530000210000000040511","一般公用经费","2150107","有色金属矿勘探和采选","30213","维修（护）费",{"v":10000,"d":"10,000.00"},{"$nulls":9},{"v":10000,"d":"10,000.00"},{"$nulls":4},{"v":10000,"d":"10,000.00"}]
["云南省有色地质局勘测设计院","530000210000000040511","一般公用经费","2150107","有色金属矿勘探和采选","30227","委托业务费",{"v":200000,"d":"200,000.00"},{"$nulls":9},{"v":200000,"d":"200,000.00"},{"v":100000,"d":"100,000.00"},{"$nulls":3},{"v":100000,"d":"100,000.00"}]
["云南省有色地质局勘测设计院","530000210000000040511","一般公用经费","2150107","有色金属矿勘探和采选","30240","税金及附加费用",{"v":160000,"d":"160,000.00"},{"$nulls":9},{"v":160000,"d":"160,000.00"},{"v":10000,"d":"10,000.00"},{"$nulls":3},{"v":150000,"d":"150,000.00"}]
["云南省有色地质局勘测设计院","530000210000000040511","一般公用经费","2150107","有色金属矿勘探和采选","30299","其他商品和服务支出",{"v":85000,"d":"85,000.00"},{"$nulls":9},{"v":85000,"d":"85,000.00"},{"$nulls":4},{"v":85000,"d":"85,000.00"}]
["云南省有色地质局勘测设计院","530000210000000043084","社会保障缴费（职业年金单位缴费）","2080506","机关事业单位职业年金缴费支出","30109","职业年金缴费",{"v":950000,"d":"950,000.00"},{"v":800000,"d":"800,000.00"},{"v":200000,"d":"200,000.00"},null,{"v":600000,"d":"600,000.00"},{"$nulls":5},{"v":150000,"d":"150,000.00"},{"v":50000,"d":"50,000.00"},{"$nulls":3},{"v":100000,"d":"100,000.00"}]
["云南省有色地质局勘测设计院","530000210000000043085","对个人和家庭的补助","2150107","有色金属矿勘探和采选","30399","其他对个人和家庭的补助",{"v":72000,"d":"72,000.00"},{"$nulls":9},{"v":72000,"d":"72,000.00"},{"$nulls":4},{"v":72000,"d":"72,000.00"}]
["云南省有色地质局勘测设计院","530000210000000045338","工会经费","2150107","有色金属矿勘探和采选","30228","工会经费",{"v":45000,"d":"45,000.00"},{"$nulls":9},{"v":45000,"d":"45,000.00"},{"$nulls":4},{"v":45000,"d":"45,000.00"}]
["云南省有色地质局机关后勤服务中心",{"$nulls":6},{"v":8547300,"d":"8,547,300.00"},{"v":2547300,"d":"2,547,300.00"},{"v":636825,"d":"636,825.00"},null,{"v":1910475,"d":"1,910,475.00"},{"$nulls":5},{"v":6000000,"d":"6,000,000.00"},{"$nulls":4},{"v":6000000,"d":"6,000,000.00"}]
["云南省有色地质局机关后勤服务中心","530000210000000035161","事业人员支出工资","2150107","有色金属矿勘探和采选","30101","基本工资",{"v":2000000,"d":"2,000,000.00"},{"v":1300000,"d":"1,300,000.00"},{"v":325000,"d":"325,000.00"},null,{"v":975000,"d":"975,000.00"},{"$nulls":5},{"v":700000,"d":"700,000.00"},{"$nulls":4},{"v":700000,"d":"700,000.00"}]
["云南省有色地质局机关后勤服务中心","530000210000000035161","事业人员支出工资","2150107","有色金属矿勘探和采选","30103","奖金",{"v":800000,"d":"800,000.00"},{"$nulls":9},{"v":800000,"d":"800,000.00"},{"$nulls":4},{"v":800000,"d":"800,000.00"}]
["云南省有色地质局机关后勤服务中心","530000210000000035161","事业人员支出工资","2150107","有色金属矿勘探和采选","30107","绩效工资",{"v":2000000,"d":"2,000,000.00"},{"v":700000,"d":"700,000.00"},{"v":175000,"d":"175,000.00"},null,{"v":525000,"d":"525,000.00"},{"$nulls":5},{"v":1300000,"d":"1,300,000.00"},{"$nulls":4},{"v":1300000,"d":"1,300,000.00"}]
["云南省有色地质局机关后勤服务中心","530000210000000035162","社会保障缴费","2080505","机关事业单位基本养老保险缴费支出","30108","机关事业单位基本养老保险缴费",{"v":450000,"d":"450,000.00"},{"$nulls":9},{"v":450000,"d":"450,000.00"},{"$nulls":4},{"v":450000,"d":"450,000.00"}]
["云南省有色地质局机关后勤服务中心","530000210000000035162","社会保障缴费","2089999","其他社会保障和就业支出","30112","其他社会保障缴费",{"v":21000,"d":"21,000.00"},{"$nulls":9},{"v":21000,"d":"21,000.00"},{"$nulls":4},{"v":21000,"d":"21,000.00"}]
["云南省有色地质局机关后勤服务中心","530000210000000035162","社会保障缴费","2101102","事业单位医疗","30110","职工基本医疗保险缴费",{"v":260000,"d":"260,000.00"},{"$nulls":9},{"v":260000,"d":"260,000.00"},{"$nulls":4},{"v":260000,"d":"260,000.00"}]
["云南省有色地质局机关后勤服务中心","530000210000000035162","社会保障缴费","2101199","其他行政事业单位医疗支出","30112","其他社会保障缴费",{"v":8000,"d":"8,000.00"},{"$nulls":9},{"v":8000,"d":"8,000.00"},{"$nulls":4},{"v":8000,"d":"8,000.00"}]
["云南省有色地质局机关后勤服务中心","530000210000000035163","社会保障缴费（职业年金单位缴费）","2080506","机关事业单位职业年金缴费支出","30109","职业年金缴费",{"v":220000,"d":"220,000.00"},{"$nulls":9},{"v":220000,"d":"220,000.00"},{"$nulls":4},{"v":220000,"d":"220,000.00"}]
["云南省有色地质局机关后勤服务中心","530000210000000035164","住房公积金","2210201","住房公积金","30113","住房公积金",{"v":635800,"d":"635,800.00"},{"v":335800,"d":"335,800.00"},{"v":83950,"d":"83,950.00"},null,{"v":251850,"d":"251,850.00"},{"$nulls":5},{"v":300000,"d":"300,000.00"},{"$nulls":4},{"v":300000,"d":"300,000.00"}]
["云南省有色地质局机关后勤服务中心","530000210000000035165","对个人和家庭的补助","2150107","有色金属矿勘探和采选","30305","生活补助",{"v":300000,"d":"300,000.00"},{"$nulls":9},{"v":300000,"d":"300,000.00"},{"$nulls":4},{"v":300000,"d":"300,000.00"}]
["云南省有色地质局机关后勤服务中心","530000210000000035166","其他工资福利支出","2150107","有色金属矿勘探和采选","30199","其他工资福利支出",{"v":151020,"d":"151,020.00"},{"v":151020,"d":"151,020.00"},{"v":37755,"d":"37,755.00"},null,{"v":113265,"d":"113,265.00"}]
["云南省有色地质局机关后勤服务中心","530000210000000035171","工会经费","2150107","有色金属矿勘探和采选","30228","工会经费",{"v":50000,"d":"50,000.00"},{"$nulls":9},{"v":50000,"d":"50,000.00"},{"$nulls":4},{"v":50000,"d":"50,000.00"}]
["云南省有色地质局机关后勤服务中心","530000210000000035172","一般公用经费","2080502","事业单位离退休","30299","其他商品和服务支出",{"v":60480,"d":"60,480.00"},{"v":60480,"d":"60,480.00"},{"v":15120,"d":"15,120.00"},null,{"v":45360,"d":"45,360.00"}]
["云南省有色地质局机关后勤服务中心","530000210000000035172","一般公用经费","2150107","有色金属矿勘探和采选","30201","办公费",{"v":30000,"d":"30,000.00"},{"$nulls":9},{"v":30000,"d":"30,000.00"},{"$nulls":4},{"v":30000,"d":"30,000.00"}]
["云南省有色地质局机关后勤服务中心","530000210000000035172","一般公用经费","2150107","有色金属矿勘探和采选","30202","印刷费",{"v":5000,"d":"5,000.00"},{"$nulls":9},{"v":5000,"d":"5,000.00"},{"$nulls":4},{"v":5000,"d":"5,000.00"}]
["云南省有色地质局机关后勤服务中心","530000210000000035172","一般公用经费","2150107","有色金属矿勘探和采选","30204","手续费",{"v":1000,"d":"1,000.00"},{"$nulls":9},{"v":1000,"d":"1,000.00"},{"$nulls":4},{"v":1000,"d":"1,000.00"}]
["云南省有色地质局机关后勤服务中心","530000210000000035172","一般公用经费","2150107","有色金属矿勘探和采选","30205","水费",{"v":60000,"d":"60,000.00"},{"$nulls":9},{"v":60000,"d":"60,000.00"},{"$nulls":4},{"v":60000,"d":"60,000.00"}]
["云南省有色地质局机关后勤服务中心","530000210000000035172","一般公用经费","2150107","有色金属矿勘探和采选","30206","电费",{"v":230000,"d":"230,000.00"},{"$nulls":9},{"v":230000,"d":"230,000.00"},{"$nulls":4},{"v":230000,"d":"230,000.00"}]
["云南省有色地质局机关后勤服务中心","530000210000000035172","一般公用经费","2150107","有色金属矿勘探和采选","30207","邮电费",{"v":20000,"d":"20,000.00"},{"$nulls":9},{"v":20000,"d":"20,000.00"},{"$nulls":4},{"v":20000,"d":"20,000.00"}]
["云南省有色地质局机关后勤服务中心","530000210000000035172","一般公用经费","2150107","有色金属矿勘探和采选","30209","物业管理费",{"v":300000,"d":"300,000.00"},{"$nulls":9},{"v":300000,"d":"300,000.00"},{"$nulls":4},{"v":300000,"d":"300,000.00"}]
["云南省有色地质局机关后勤服务中心","530000210000000035172","一般公用经费","2150107","有色金属矿勘探和采选","30211","差旅费",{"v":65000,"d":"65,000.00"},{"$nulls":9},{"v":65000,"d":"65,000.00"},{"$nulls":4},{"v":65000,"d":"65,000.00"}]
["云南省有色地质局机关后勤服务中心","530000210000000035172","一般公用经费","2150107","有色金属矿勘探和采选","30213","维修（护）费",{"v":350000,"d":"350,000.00"},{"$nulls":9},{"v":350000,"d":"350,000.00"},{"$nulls":4},{"v":350000,"d":"350,000.00"}]
["云南省有色地质局机关后勤服务中心","530000210000000035172","一般公用经费","2150107","有色金属矿勘探和采选","30215","会议费",{"v":10000,"d":"10,000.00"},{"$nulls":9},{"v":10000,"d":"10,000.00"},{"$nulls":4},{"v":10000,"d":"10,000.00"}]
["云南省有色地质局机关后勤服务中心","530000210000000035172","一般公用经费","2150107","有色金属矿勘探和采选","30240","税金及附加费用",{"v":340000,"d":"340,000.00"},{"$nulls":9},{"v":340000,"d":"340,000.00"},{"$nulls":4},{"v":340000,"d":"340,000.00"}]
["云南省有色地质局机关后勤服务中心","530000210000000035172","一般公用经费","2150107","有色金属矿勘探和采选","30299","其他商品和服务支出",{"v":153000,"d":"153,000.00"},{"$nulls":9},{"v":153000,"d":"153,000.00"},{"$nulls":4},{"v":153000,"d":"153,000.00"}]
["云南省有色地质局机关后勤服务中心","530000210000000035172","一般公用经费","2150107","有色金属矿勘探和采选","31002","办公设备购置",{"v":27000,"d":"27,000.00"},{"$nulls":9},{"v":27000,"d":"27,000.00"},{"$nulls":4},{"v":27000,"d":"27,000.00"}]
["云南省有色地质局地质研究所",{"$nulls":6},{"v":24624870,"d":"24,624,870.00"},{"v":8692030,"d":"8,692,030.00"},{"v":2173007.5,"d":"2,173,007.50"},null,{"v":6519022.5,"d":"6,519,022.50"},{"$nulls":5},{"v":15932840,"d":"15,932,840.00"},{"v":700000,"d":"700,000.00"},{"$nulls":3},{"v":15232840,"d":"15,232,840.00"}]
["云南省有色地质局地质研究所","530000210000000043856","事业人员支出工资","2150107","有色金属矿勘探和采选","30101","基本工资",{"v":4000000,"d":"4,000,000.00"},{"v":3700000,"d":"3,700,000.00"},{"v":925000,"d":"925,000.00"},null,{"v":2775000,"d":"2,775,000.00"},{"$nulls":5},{"v":300000,"d":"300,000.00"},{"$nulls":4},{"v":300000,"d":"300,000.00"}]
["云南省有色地质局地质研究所","530000210000000043856","事业人员支出工资","2150107","有色金属矿勘探和采选","30102","津贴补贴",{"v":10000,"d":"10,000.00"},{"v":10000,"d":"10,000.00"},{"v":2500,"d":"2,500.00"},null,{"v":7500,"d":"7,500.00"}]
["云南省有色地质局地质研究所","530000210000000043856","事业人员支出工资","2150107","有色金属矿勘探和采选","30107","绩效工资",{"v":5947360,"d":"5,947,360.00"},{"v":804060,"d":"804,060.00"},{"v":201015,"d":"201,015.00"},null,{"v":603045,"d":"603,045.00"},{"$nulls":5},{"v":5143300,"d":"5,143,300.00"},{"v":157000,"d":"157,000.00"},{"$nulls":3},{"v":4986300,"d":"4,986,300.00"}]
["云南省有色地质局地质研究所","530000210000000043857","社会保障缴费","2080505","机关事业单位基本养老保险缴费支出","30108","机关事业单位基本养老保险缴费",{"v":1751000,"d":"1,751,000.00"},{"v":1320000,"d":"1,320,000.00"},{"v":330000,"d":"330,000.00"},null,{"v":990000,"d":"990,000.00"},{"$nulls":5},{"v":431000,"d":"431,000.00"},{"$nulls":4},{"v":431000,"d":"431,000.00"}]
["云南省有色地质局地质研究所","530000210000000043857","社会保障缴费","2089999","其他社会保障和就业支出","30112","其他社会保障缴费",{"v":86000,"d":"86,000.00"},{"v":80000,"d":"80,000.00"},{"v":20000,"d":"20,000.00"},null,{"v":60000,"d":"60,000.00"},{"$nulls":5},{"v":6000,"d":"6,000.00"},{"$nulls":4},{"v":6000,"d":"6,000.00"}]
["云南省有色地质局地质研究所","530000210000000043857","社会保障缴费","2101102","事业单位医疗","30110","职工基本医疗保险缴费",{"v":1170000,"d":"1,170,000.00"},{"v":500000,"d":"500,000.00"},{"v":125000,"d":"125,000.00"},null,{"v":375000,"d":"375,000.00"},{"$nulls":5},{"v":670000,"d":"670,000.00"},{"$nulls":4},{"v":670000,"d":"670,000.00"}]
["云南省有色地质局地质研究所","530000210000000043857","社会保障缴费","2101199","其他行政事业单位医疗支出","30112","其他社会保障缴费",{"v":234000,"d":"234,000.00"},{"$nulls":9},{"v":234000,"d":"234,000.00"},{"$nulls":4},{"v":234000,"d":"234,000.00"}]
["云南省有色地质局地质研究所","530000210000000043858","社会保障缴费（职业年金单位缴费）","2080506","机关事业单位职业年金缴费支出","30109","职业年金缴费",{"v":875500,"d":"875,500.00"},{"v":660000,"d":"660,000.00"},{"v":165000,"d":"165,000.00"},null,{"v":495000,"d":"495,000.00"},{"$nulls":5},{"v":215500,"d":"215,500.00"},{"$nulls":4},{"v":215500,"d":"215,500.00"}]
["云南省有色地质局地质研究所","530000210000000043859","住房公积金","2210201","住房公积金","30113","住房公积金",{"v":1220000,"d":"1,220,000.00"},{"v":599600,"d":"599,600.00"},{"v":149900,"d":"149,900.00"},null,{"v":449700,"d":"449,700.00"},{"$nulls":5},{"v":620400,"d":"620,400.00"},{"$nulls":4},{"v":620400,"d":"620,400.00"}]
["云南省有色地质局地质研究所","530000210000000043860","对个人和家庭的补助","2150107","有色金属矿勘探和采选","30305","生活补助",{"v":600000,"d":"600,000.00"},{"v":600000,"d":"600,000.00"},{"v":150000,"d":"150,000.00"},null,{"v":450000,"d":"450,000.00"}]
["云南省有色地质局地质研究所","530000210000000043861","公务接待费","2150107","有色金属矿勘探和采选","30217","公务接待费",{"v":2000,"d":"2,000.00"},{"$nulls":9},{"v":2000,"d":"2,000.00"},{"$nulls":4},{"v":2000,"d":"2,000.00"}]
["云南省有色地质局地质研究所","530000210000000043862","工会经费","2150107","有色金属矿勘探和采选","30228","工会经费",{"v":200000,"d":"200,000.00"},{"v":60000,"d":"60,000.00"},{"v":15000,"d":"15,000.00"},null,{"v":45000,"d":"45,000.00"},{"$nulls":5},{"v":140000,"d":"140,000.00"},{"$nulls":4},{"v":140000,"d":"140,000.00"}]
["云南省有色地质局地质研究所","530000210000000043863","一般公用经费","2080502","事业单位离退休","30299","其他商品和服务支出",{"v":278370,"d":"278,370.00"},{"v":278370,"d":"278,370.00"},{"v":69592.5,"d":"69,592.50"},null,{"v":208777.5,"d":"208,777.50"}]
["云南省有色地质局地质研究所","530000210000000043863","一般公用经费","2150107","有色金属矿勘探和采选","30201","办公费",{"v":65000,"d":"65,000.00"},{"$nulls":9},{"v":65000,"d":"65,000.00"},{"$nulls":4},{"v":65000,"d":"65,000.00"}]
["云南省有色地质局地质研究所","530000210000000043863","一般公用经费","2150107","有色金属矿勘探和采选","30202","印刷费",{"v":3000,"d":"3,000.00"},{"$nulls":9},{"v":3000,"d":"3,000.00"},{"v":2000,"d":"2,000.00"},{"$nulls":3},{"v":1000,"d":"1,000.00"}]
["云南省有色地质局地质研究所","530000210000000043863","一般公用经费","2150107","有色金属矿勘探和采选","30204","手续费",{"v":20000,"d":"20,000.00"},{"$nulls":9},{"v":20000,"d":"20,000.00"},{"$nulls":4},{"v":20000,"d":"20,000.00"}]
["云南省有色地质局地质研究所","530000210000000043863","一般公用经费","2150107","有色金属矿勘探和采选","30205","水费",{"v":350000,"d":"350,000.00"},{"$nulls":9},{"v":350000,"d":"350,000.00"},{"$nulls":4},{"v":350000,"d":"350,000.00"}]
["云南省有色地质局地质研究所","530000210000000043863","一般公用经费","2150107","有色金属矿勘探和采选","30206","电费",{"v":1800000,"d":"1,800,000.00"},{"$nulls":9},{"v":1800000,"d":"1,800,000.00"},{"$nulls":4},{"v":1800000,"d":"1,800,000.00"}]
["云南省有色地质局地质研究所","530000210000000043863","一般公用经费","2150107","有色金属矿勘探和采选","30207","邮电费",{"v":24000,"d":"24,000.00"},{"$nulls":9},{"v":24000,"d":"24,000.00"},{"v":4000,"d":"4,000.00"},{"$nulls":3},{"v":20000,"d":"20,000.00"}]
["云南省有色地质局地质研究所","530000210000000043863","一般公用经费","2150107","有色金属矿勘探和采选","30209","物业管理费",{"v":700000,"d":"700,000.00"},{"$nulls":9},{"v":700000,"d":"700,000.00"},{"$nulls":4},{"v":700000,"d":"700,000.00"}]
["云南省有色地质局地质研究所","530000210000000043863","一般公用经费","2150107","有色金属矿勘探和采选","30211","差旅费",{"v":110000,"d":"110,000.00"},{"$nulls":9},{"v":110000,"d":"110,000.00"},{"v":50000,"d":"50,000.00"},{"$nulls":3},{"v":60000,"d":"60,000.00"}]
["云南省有色地质局地质研究所","530000210000000043863","一般公用经费","2150107","有色金属矿勘探和采选","30213","维修（护）费",{"v":300000,"d":"300,000.00"},{"$nulls":9},{"v":300000,"d":"300,000.00"},{"$nulls":4},{"v":300000,"d":"300,000.00"}]
["云南省有色地质局地质研究所","530000210000000043863","一般公用经费","2150107","有色金属矿勘探和采选","30215","会议费",{"v":24000,"d":"24,000.00"},{"$nulls":9},{"v":24000,"d":"24,000.00"},{"v":2000,"d":"2,000.00"},{"$nulls":3},{"v":22000,"d":"22,000.00"}]
["云南省有色地质局地质研究所","530000210000000043863","一般公用经费","2150107","有色金属矿勘探和采选","30216","培训费",{"v":18000,"d":"18,000.00"},{"$nulls":9},{"v":18000,"d":"18,000.00"},{"v":10000,"d":"10,000.00"},{"$nulls":3},{"v":8000,"d":"8,000.00"}]
["云南省有色地质局地质研究所","530000210000000043863","一般公用经费","2150107","有色金属矿勘探和采选","30226","劳务费",{"v":621000,"d":"621,000.00"},{"$nulls":9},{"v":621000,"d":"621,000.00"},{"v":471000,"d":"471,000.00"},{"$nulls":3},{"v":150000,"d":"150,000.00"}]
["云南省有色地质局地质研究所","530000210000000043863","一般公用经费","2150107","有色金属矿勘探和采选","30239","其他交通费用",{"v":4000,"d":"4,000.00"},{"$nulls":9},{"v":4000,"d":"4,000.00"},{"v":4000,"d":"4,000.00"}]
["云南省有色地质局地质研究所","530000210000000043863","一般公用经费","2150107","有色金属矿勘探和采选","30240","税金及附加费用",{"v":1970000,"d":"1,970,000.00"},{"$nulls":9},{"v":1970000,"d":"1,970,000.00"},{"$nulls":4},{"v":1970000,"d":"1,970,000.00"}]
["云南省有色地质局地质研究所","530000210000000043863","一般公用经费","2150107","有色金属矿勘探和采选","30299","其他商品和服务支出",{"v":1377640,"d":"1,377,640.00"},{"v":80000,"d":"80,000.00"},{"v":20000,"d":"20,000.00"},null,{"v":60000,"d":"60,000.00"},{"$nulls":5},{"v":1297640,"d":"1,297,640.00"},{"$nulls":4},{"v":1297640,"d":"1,297,640.00"}]
["云南省有色地质局地质研究所","530000210000000043863","一般公用经费","2150107","有色金属矿勘探和采选","31002","办公设备购置",{"v":82000,"d":"82,000.00"},{"$nulls":9},{"v":82000,"d":"82,000.00"},{"$nulls":4},{"v":82000,"d":"82,000.00"}]
["云南省有色地质局地质研究所","530000210000000043863","一般公用经费","2150107","有色金属矿勘探和采选","31003","专用设备购置",{"v":720000,"d":"720,000.00"},{"$nulls":9},{"v":720000,"d":"720,000.00"},{"$nulls":4},{"v":720000,"d":"720,000.00"}]
["云南省有色地质局地质研究所","530000210000000043866","公车购置及运维费","2150107","有色金属矿勘探和采选","30231","公务用车运行维护费",{"v":62000,"d":"62,000.00"},{"$nulls":9},{"v":62000,"d":"62,000.00"},{"$nulls":4},{"v":62000,"d":"62,000.00"}]
["云南省有色地质局地质地球物理化学勘查院",{"$nulls":6},{"v":90883020,"d":"90,883,020.00"},{"v":10153020,"d":"10,153,020.00"},{"v":2538255,"d":"2,538,255.00"},null,{"v":7614765,"d":"7,614,765.00"},{"$nulls":5},{"v":80730000,"d":"80,730,000.00"},{"v":80730000,"d":"80,730,000.00"}]
["云南省有色地质局地质地球物理化学勘查院","530000210000000043135","事业人员支出工资","2150107","有色金属矿勘探和采选","30101","基本工资",{"v":11105400,"d":"11,105,400.00"},{"v":7106900,"d":"7,106,900.00"},{"v":1776725,"d":"1,776,725.00"},null,{"v":5330175,"d":"5,330,175.00"},{"$nulls":5},{"v":3998500,"d":"3,998,500.00"},{"v":3998500,"d":"3,998,500.00"}]
["云南省有色地质局地质地球物理化学勘查院","530000210000000043135","事业人员支出工资","2150107","有色金属矿勘探和采选","30107","绩效工资",{"v":10000000,"d":"10,000,000.00"},{"$nulls":9},{"v":10000000,"d":"10,000,000.00"},{"v":10000000,"d":"10,000,000.00"}]
["云南省有色地质局地质地球物理化学勘查院","530000210000000043136","社会保障缴费","2080505","机关事业单位基本养老保险缴费支出","30108","机关事业单位基本养老保险缴费",{"v":2640000,"d":"2,640,000.00"},{"v":880000,"d":"880,000.00"},{"v":220000,"d":"220,000.00"},null,{"v":660000,"d":"660,000.00"},{"$nulls":5},{"v":1760000,"d":"1,760,000.00"},{"v":1760000,"d":"1,760,000.00"}]
["云南省有色地质局地质地球物理化学勘查院","530000210000000043136","社会保障缴费","2089999","其他社会保障和就业支出","30112","其他社会保障缴费",{"v":125000,"d":"125,000.00"},{"v":41000,"d":"41,000.00"},{"v":10250,"d":"10,250.00"},null,{"v":30750,"d":"30,750.00"},{"$nulls":5},{"v":84000,"d":"84,000.00"},{"v":84000,"d":"84,000.00"}]
["云南省有色地质局地质地球物理化学勘查院","530000210000000043136","社会保障缴费","2101102","事业单位医疗","30110","职工基本医疗保险缴费",{"v":1143000,"d":"1,143,000.00"},{"v":370000,"d":"370,000.00"},{"v":92500,"d":"92,500.00"},null,{"v":277500,"d":"277,500.00"},{"$nulls":5},{"v":773000,"d":"773,000.00"},{"v":773000,"d":"773,000.00"}]
["云南省有色地质局地质地球物理化学勘查院","530000210000000043136","社会保障缴费","2101199","其他行政事业单位医疗支出","30112","其他社会保障缴费",{"v":250000,"d":"250,000.00"},{"$nulls":9},{"v":250000,"d":"250,000.00"},{"v":250000,"d":"250,000.00"}]
["云南省有色地质局地质地球物理化学勘查院","530000210000000043137","社会保障缴费（职业年金单位缴费）","2080506","机关事业单位职业年金缴费支出","30109","职业年金缴费",{"v":1320000,"d":"1,320,000.00"},{"v":440000,"d":"440,000.00"},{"v":110000,"d":"110,000.00"},null,{"v":330000,"d":"330,000.00"},{"$nulls":5},{"v":880000,"d":"880,000.00"},{"v":880000,"d":"880,000.00"}]
["云南省有色地质局地质地球物理化学勘查院","530000210000000043138","住房公积金","2210201","住房公积金","30113","住房公积金",{"v":1127200,"d":"1,127,200.00"},{"v":1127200,"d":"1,127,200.00"},{"v":281800,"d":"281,800.00"},null,{"v":845400,"d":"845,400.00"}]
["云南省有色地质局地质地球物理化学勘查院","530000210000000043140","其他工资福利支出","2150107","有色金属矿勘探和采选","30199","其他工资福利支出",{"v":8800000,"d":"8,800,000.00"},{"$nulls":9},{"v":8800000,"d":"8,800,000.00"},{"v":8800000,"d":"8,800,000.00"}]
["云南省有色地质局地质地球物理化学勘查院","530000210000000043141","公车购置及运维费","2150107","有色金属矿勘探和采选","30231","公务用车运行维护费",{"v":1100000,"d":"1,100,000.00"},{"$nulls":9},{"v":1100000,"d":"1,100,000.00"},{"v":1100000,"d":"1,100,000.00"}]
["云南省有色地质局地质地球物理化学勘查院","530000210000000043143","公务接待费","2150107","有色金属矿勘探和采选","30217","公务接待费",{"v":300000,"d":"300,000.00"},{"$nulls":9},{"v":300000,"d":"300,000.00"},{"v":300000,"d":"300,000.00"}]
["云南省有色地质局地质地球物理化学勘查院","530000210000000043145","工会经费","2150107","有色金属矿勘探和采选","30228","工会经费",{"v":210000,"d":"210,000.00"},{"$nulls":9},{"v":210000,"d":"210,000.00"},{"v":210000,"d":"210,000.00"}]
["云南省有色地质局地质地球物理化学勘查院","530000210000000043146","一般公用经费","2080502","事业单位离退休","30299","其他商品和服务支出",{"v":187920,"d":"187,920.00"},{"v":187920,"d":"187,920.00"},{"v":46980,"d":"46,980.00"},null,{"v":140940,"d":"140,940.00"}]
["云南省有色地质局地质地球物理化学勘查院","530000210000000043146","一般公用经费","2150107","有色金属矿勘探和采选","30201","办公费",{"v":400000,"d":"400,000.00"},{"$nulls":9},{"v":400000,"d":"400,000.00"},{"v":400000,"d":"400,000.00"}]
["云南省有色地质局地质地球物理化学勘查院","530000210000000043146","一般公用经费","2150107","有色金属矿勘探和采选","30202","印刷费",{"v":150000,"d":"150,000.00"},{"$nulls":9},{"v":150000,"d":"150,000.00"},{"v":150000,"d":"150,000.00"}]
["云南省有色地质局地质地球物理化学勘查院","530000210000000043146","一般公用经费","2150107","有色金属矿勘探和采选","30204","手续费",{"v":50000,"d":"50,000.00"},{"$nulls":9},{"v":50000,"d":"50,000.00"},{"v":50000,"d":"50,000.00"}]
["云南省有色地质局地质地球物理化学勘查院","530000210000000043146","一般公用经费","2150107","有色金属矿勘探和采选","30205","水费",{"v":50000,"d":"50,000.00"},{"$nulls":9},{"v":50000,"d":"50,000.00"},{"v":50000,"d":"50,000.00"}]
["云南省有色地质局地质地球物理化学勘查院","530000210000000043146","一般公用经费","2150107","有色金属矿勘探和采选","30206","电费",{"v":300000,"d":"300,000.00"},{"$nulls":9},{"v":300000,"d":"300,000.00"},{"v":300000,"d":"300,000.00"}]
["云南省有色地质局地质地球物理化学勘查院","530000210000000043146","一般公用经费","2150107","有色金属矿勘探和采选","30207","邮电费",{"v":60000,"d":"60,000.00"},{"$nulls":9},{"v":60000,"d":"60,000.00"},{"v":60000,"d":"60,000.00"}]
["云南省有色地质局地质地球物理化学勘查院","530000210000000043146","一般公用经费","2150107","有色金属矿勘探和采选","30211","差旅费",{"v":1800000,"d":"1,800,000.00"},{"$nulls":9},{"v":1800000,"d":"1,800,000.00"},{"v":1800000,"d":"1,800,000.00"}]
["云南省有色地质局地质地球物理化学勘查院","530000210000000043146","一般公用经费","2150107","有色金属矿勘探和采选","30213","维修（护）费",{"v":300000,"d":"300,000.00"},{"$nulls":9},{"v":300000,"d":"300,000.00"},{"v":300000,"d":"300,000.00"}]
["云南省有色地质局地质地球物理化学勘查院","530000210000000043146","一般公用经费","2150107","有色金属矿勘探和采选","30218","专用材料费",{"v":3000000,"d":"3,000,000.00"},{"$nulls":9},{"v":3000000,"d":"3,000,000.00"},{"v":3000000,"d":"3,000,000.00"}]
["云南省有色地质局地质地球物理化学勘查院","530000210000000043146","一般公用经费","2150107","有色金属矿勘探和采选","30226","劳务费",{"v":5000000,"d":"5,000,000.00"},{"$nulls":9},{"v":5000000,"d":"5,000,000.00"},{"v":5000000,"d":"5,000,000.00"}]
["云南省有色地质局地质地球物理化学勘查院","530000210000000043146","一般公用经费","2150107","有色金属矿勘探和采选","30227","委托业务费",{"v":32200500,"d":"32,200,500.00"},{"$nulls":9},{"v":32200500,"d":"32,200,500.00"},{"v":32200500,"d":"32,200,500.00"}]
["云南省有色地质局地质地球物理化学勘查院","530000210000000043146","一般公用经费","2150107","有色金属矿勘探和采选","30239","其他交通费用",{"v":1300000,"d":"1,300,000.00"},{"$nulls":9},{"v":1300000,"d":"1,300,000.00"},{"v":1300000,"d":"1,300,000.00"}]
["云南省有色地质局地质地球物理化学勘查院","530000210000000043146","一般公用经费","2150107","有色金属矿勘探和采选","30240","税金及附加费用",{"v":5000000,"d":"5,000,000.00"},{"$nulls":9},{"v":5000000,"d":"5,000,000.00"},{"v":5000000,"d":"5,000,000.00"}]
["云南省有色地质局地质地球物理化学勘查院","530000210000000043146","一般公用经费","2150107","有色金属矿勘探和采选","30299","其他商品和服务支出",{"v":2104000,"d":"2,104,000.00"},{"$nulls":9},{"v":2104000,"d":"2,104,000.00"},{"v":2104000,"d":"2,104,000.00"}]
["云南省有色地质局地质地球物理化学勘查院","530000210000000043146","一般公用经费","2150107","有色金属矿勘探和采选","31002","办公设备购置",{"v":660000,"d":"660,000.00"},{"$nulls":9},{"v":660000,"d":"660,000.00"},{"v":660000,"d":"660,000.00"}]
["云南省有色地质局地质地球物理化学勘查院","530000210000000043146","一般公用经费","2150107","有色金属矿勘探和采选","31003","专用设备购置",{"v":200000,"d":"200,000.00"},{"$nulls":9},{"v":200000,"d":"200,000.00"},{"v":200000,"d":"200,000.00"}]
["云南省有色地质局三0六队",{"$nulls":6},{"v":61490720,"d":"61,490,720.00"},{"v":8879570,"d":"8,879,570.00"},{"v":2219892.5,"d":"2,219,892.50"},null,{"v":6659677.5,"d":"6,659,677.50"},{"$nulls":5},{"v":52611150,"d":"52,611,150.00"},{"v":32271150,"d":"32,271,150.00"},null,{"v":10000000,"d":"10,000,000.00"},null,{"v":10340000,"d":"10,340,000.00"}]
["云南省有色地质局三0六队","530000210000000046385","事业人员支出工资","2150107","有色金属矿勘探和采选","30101","基本工资",{"v":5507840,"d":"5,507,840.00"},{"v":2529720,"d":"2,529,720.00"},{"v":632430,"d":"632,430.00"},null,{"v":1897290,"d":"1,897,290.00"},{"$nulls":5},{"v":2978120,"d":"2,978,120.00"},{"v":2978120,"d":"2,978,120.00"}]
["云南省有色地质局三0六队","530000210000000046385","事业人员支出工资","2150107","有色金属矿勘探和采选","30102","津贴补贴",{"v":270000,"d":"270,000.00"},{"v":162000,"d":"162,000.00"},{"v":40500,"d":"40,500.00"},null,{"v":121500,"d":"121,500.00"},{"$nulls":5},{"v":108000,"d":"108,000.00"},{"v":108000,"d":"108,000.00"}]
["云南省有色地质局三0六队","530000210000000046385","事业人员支出工资","2150107","有色金属矿勘探和采选","30107","绩效工资",{"v":8800000,"d":"8,800,000.00"},{"v":1260000,"d":"1,260,000.00"},{"v":315000,"d":"315,000.00"},null,{"v":945000,"d":"945,000.00"},{"$nulls":5},{"v":7540000,"d":"7,540,000.00"},{"v":7540000,"d":"7,540,000.00"}]
["云南省有色地质局三0六队","530000210000000046386","社会保障缴费","2080505","机关事业单位基本养老保险缴费支出","30108","机关事业单位基本养老保险缴费",{"v":2020000,"d":"2,020,000.00"},{"v":1212000,"d":"1,212,000.00"},{"v":303000,"d":"303,000.00"},null,{"v":909000,"d":"909,000.00"},{"$nulls":5},{"v":808000,"d":"808,000.00"},{"v":808000,"d":"808,000.00"}]
["云南省有色地质局三0六队","530000210000000046386","社会保障缴费","2089999","其他社会保障和就业支出","30112","其他社会保障缴费",{"v":91000,"d":"91,000.00"},{"v":54600,"d":"54,600.00"},{"v":13650,"d":"13,650.00"},null,{"v":40950,"d":"40,950.00"},{"$nulls":5},{"v":36400,"d":"36,400.00"},{"v":36400,"d":"36,400.00"}]
["云南省有色地质局三0六队","530000210000000046386","社会保障缴费","2101102","事业单位医疗","30110","职工基本医疗保险缴费",{"v":880000,"d":"880,000.00"},{"v":528000,"d":"528,000.00"},{"v":132000,"d":"132,000.00"},null,{"v":396000,"d":"396,000.00"},{"$nulls":5},{"v":352000,"d":"352,000.00"},{"v":352000,"d":"352,000.00"}]
["云南省有色地质局三0六队","530000210000000046386","社会保障缴费","2101199","其他行政事业单位医疗支出","30112","其他社会保障缴费",{"v":47000,"d":"47,000.00"},{"$nulls":9},{"v":47000,"d":"47,000.00"},{"v":47000,"d":"47,000.00"}]
["云南省有色地质局三0六队","530000210000000046387","社会保障缴费（职业年金单位缴费）","2080506","机关事业单位职业年金缴费支出","30109","职业年金缴费",{"v":1010000,"d":"1,010,000.00"},{"v":606000,"d":"606,000.00"},{"v":151500,"d":"151,500.00"},null,{"v":454500,"d":"454,500.00"},{"$nulls":5},{"v":404000,"d":"404,000.00"},{"v":404000,"d":"404,000.00"}]
["云南省有色地质局三0六队","530000210000000046388","住房公积金","2210201","住房公积金","30113","住房公积金",{"v":1330000,"d":"1,330,000.00"},{"v":947300,"d":"947,300.00"},{"v":236825,"d":"236,825.00"},null,{"v":710475,"d":"710,475.00"},{"$nulls":5},{"v":382700,"d":"382,700.00"},{"v":382700,"d":"382,700.00"}]
["云南省有色地质局三0六队","530000210000000046389","对个人和家庭的补助","2150107","有色金属矿勘探和采选","30305","生活补助",{"v":1230000,"d":"1,230,000.00"},{"v":1230000,"d":"1,230,000.00"},{"v":307500,"d":"307,500.00"},null,{"v":922500,"d":"922,500.00"}]
["云南省有色地质局三0六队","530000210000000046389","对个人和家庭的补助","2150107","有色金属矿勘探和采选","30399","其他对个人和家庭的补助",{"v":340000,"d":"340,000.00"},{"v":113070,"d":"113,070.00"},{"v":28267.5,"d":"28,267.50"},null,{"v":84802.5,"d":"84,802.50"},{"$nulls":5},{"v":226930,"d":"226,930.00"},{"v":226930,"d":"226,930.00"}]
["云南省有色地质局三0六队","530000210000000046390","其他工资福利支出","2150107","有色金属矿勘探和采选","30199","其他工资福利支出",{"v":7300000,"d":"7,300,000.00"},{"$nulls":9},{"v":7300000,"d":"7,300,000.00"},{"v":7300000,"d":"7,300,000.00"}]
["云南省有色地质局三0六队","530000210000000046391","公车购置及运维费","2150107","有色金属矿勘探和采选","30231","公务用车运行维护费",{"v":741000,"d":"741,000.00"},{"$nulls":9},{"v":741000,"d":"741,000.00"},{"v":741000,"d":"741,000.00"}]
["云南省有色地质局三0六队","530000210000000046393","公务接待费","2150107","有色金属矿勘探和采选","30217","公务接待费",{"v":200000,"d":"200,000.00"},{"$nulls":9},{"v":200000,"d":"200,000.00"},{"v":200000,"d":"200,000.00"}]
["云南省有色地质局三0六队","530000210000000046395","工会经费","2150107","有色金属矿勘探和采选","30228","工会经费",{"v":250000,"d":"250,000.00"},{"$nulls":9},{"v":250000,"d":"250,000.00"},{"v":250000,"d":"250,000.00"}]
["云南省有色地质局三0六队","530000210000000046396","一般公用经费","2080502","事业单位离退休","30299","其他商品和服务支出",{"v":236880,"d":"236,880.00"},{"v":236880,"d":"236,880.00"},{"v":59220,"d":"59,220.00"},null,{"v":177660,"d":"177,660.00"}]
["云南省有色地质局三0六队","530000210000000046396","一般公用经费","2150107","有色金属矿勘探和采选","30201","办公费",{"v":145000,"d":"145,000.00"},{"$nulls":9},{"v":145000,"d":"145,000.00"},{"v":145000,"d":"145,000.00"}]
["云南省有色地质局三0六队","530000210000000046396","一般公用经费","2150107","有色金属矿勘探和采选","30202","印刷费",{"v":47000,"d":"47,000.00"},{"$nulls":9},{"v":47000,"d":"47,000.00"},{"v":47000,"d":"47,000.00"}]
["云南省有色地质局三0六队","530000210000000046396","一般公用经费","2150107","有色金属矿勘探和采选","30204","手续费",{"v":3000,"d":"3,000.00"},{"$nulls":9},{"v":3000,"d":"3,000.00"},{"v":3000,"d":"3,000.00"}]
["云南省有色地质局三0六队","530000210000000046396","一般公用经费","2150107","有色金属矿勘探和采选","30205","水费",{"v":20000,"d":"20,000.00"},{"$nulls":9},{"v":20000,"d":"20,000.00"},{"v":20000,"d":"20,000.00"}]
["云南省有色地质局三0六队","530000210000000046396","一般公用经费","2150107","有色金属矿勘探和采选","30206","电费",{"v":100000,"d":"100,000.00"},{"$nulls":9},{"v":100000,"d":"100,000.00"},{"v":100000,"d":"100,000.00"}]
["云南省有色地质局三0六队","530000210000000046396","一般公用经费","2150107","有色金属矿勘探和采选","30207","邮电费",{"v":50000,"d":"50,000.00"},{"$nulls":9},{"v":50000,"d":"50,000.00"},{"v":50000,"d":"50,000.00"}]
["云南省有色地质局三0六队","530000210000000046396","一般公用经费","2150107","有色金属矿勘探和采选","30209","物业管理费",{"v":200000,"d":"200,000.00"},{"$nulls":9},{"v":200000,"d":"200,000.00"},{"v":200000,"d":"200,000.00"}]
["云南省有色地质局三0六队","530000210000000046396","一般公用经费","2150107","有色金属矿勘探和采选","30211","差旅费",{"v":1000000,"d":"1,000,000.00"},{"$nulls":9},{"v":1000000,"d":"1,000,000.00"},{"v":1000000,"d":"1,000,000.00"}]
["云南省有色地质局三0六队","530000210000000046396","一般公用经费","2150107","有色金属矿勘探和采选","30213","维修（护）费",{"v":500000,"d":"500,000.00"},{"$nulls":9},{"v":500000,"d":"500,000.00"},{"v":500000,"d":"500,000.00"}]
["云南省有色地质局三0六队","530000210000000046396","一般公用经费","2150107","有色金属矿勘探和采选","30214","租赁费",{"v":300000,"d":"300,000.00"},{"$nulls":9},{"v":300000,"d":"300,000.00"},{"v":300000,"d":"300,000.00"}]
["云南省有色地质局三0六队","530000210000000046396","一般公用经费","2150107","有色金属矿勘探和采选","30215","会议费",{"v":3000,"d":"3,000.00"},{"$nulls":9},{"v":3000,"d":"3,000.00"},{"v":3000,"d":"3,000.00"}]
["云南省有色地质局三0六队","530000210000000046396","一般公用经费","2150107","有色金属矿勘探和采选","30216","培训费",{"v":5000,"d":"5,000.00"},{"$nulls":9},{"v":5000,"d":"5,000.00"},{"v":5000,"d":"5,000.00"}]
["云南省有色地质局三0六队","530000210000000046396","一般公用经费","2150107","有色金属矿勘探和采选","30218","专用材料费",{"v":50000,"d":"50,000.00"},{"$nulls":9},{"v":50000,"d":"50,000.00"},{"v":50000,"d":"50,000.00"}]
["云南省有色地质局三0六队","530000210000000046396","一般公用经费","2150107","有色金属矿勘探和采选","30226","劳务费",{"v":1500000,"d":"1,500,000.00"},{"$nulls":9},{"v":1500000,"d":"1,500,000.00"},{"v":1500000,"d":"1,500,000.00"}]
["云南省有色地质局三0六队","530000210000000046396","一般公用经费","2150107","有色金属矿勘探和采选","30227","委托业务费",{"v":12200000,"d":"12,200,000.00"},{"$nulls":9},{"v":12200000,"d":"12,200,000.00"},{"v":2200000,"d":"2,200,000.00"},null,{"v":10000000,"d":"10,000,000.00"}]
["云南省有色地质局三0六队","530000210000000046396","一般公用经费","2150107","有色金属矿勘探和采选","30239","其他交通费用",{"v":180000,"d":"180,000.00"},{"$nulls":9},{"v":180000,"d":"180,000.00"},{"v":180000,"d":"180,000.00"}]
["云南省有色地质局三0六队","530000210000000046396","一般公用经费","2150107","有色金属矿勘探和采选","30240","税金及附加费用",{"v":2200000,"d":"2,200,000.00"},{"$nulls":9},{"v":2200000,"d":"2,200,000.00"},{"v":2200000,"d":"2,200,000.00"}]
["云南省有色地质局三0六队","530000210000000046396","一般公用经费","2150107","有色金属矿勘探和采选","30299","其他商品和服务支出",{"v":11490000,"d":"11,490,000.00"},{"$nulls":9},{"v":11490000,"d":"11,490,000.00"},{"v":1150000,"d":"1,150,000.00"},{"$nulls":3},{"v":10340000,"d":"10,340,000.00"}]
["云南省有色地质局三0六队","530000210000000046396","一般公用经费","2150107","有色金属矿勘探和采选","31002","办公设备购置",{"v":392000,"d":"392,000.00"},{"$nulls":9},{"v":392000,"d":"392,000.00"},{"v":392000,"d":"392,000.00"}]
["云南省有色地质局三0六队","530000210000000046396","一般公用经费","2150107","有色金属矿勘探和采选","31003","专用设备购置",{"v":852000,"d":"852,000.00"},{"$nulls":9},{"v":852000,"d":"852,000.00"},{"v":852000,"d":"852,000.00"}]
["云南省有色地质局三0八队",{"$nulls":6},{"v":150782970,"d":"150,782,970.00"},{"v":14640410,"d":"14,640,410.00"},{"v":3660102.5,"d":"3,660,102.50"},null,{"v":10980307.5,"d":"10,980,307.50"},{"$nulls":5},{"v":136142560,"d":"136,142,560.00"},{"v":113672560,"d":"113,672,560.00"},null,{"v":20000000,"d":"20,000,000.00"},null,{"v":2470000,"d":"2,470,000.00"}]
["云南省有色地质局三0八队","530000210000000044782","事业人员支出工资","2150107","有色金属矿勘探和采选","30101","基本工资",{"v":16486200,"d":"16,486,200.00"},{"v":7301000,"d":"7,301,000.00"},{"v":1825250,"d":"1,825,250.00"},null,{"v":5475750,"d":"5,475,750.00"},{"$nulls":5},{"v":9185200,"d":"9,185,200.00"},{"v":8715200,"d":"8,715,200.00"},{"$nulls":3},{"v":470000,"d":"470,000.00"}]
["云南省有色地质局三0八队","530000210000000044782","事业人员支出工资","2150107","有色金属矿勘探和采选","30107","绩效工资",{"v":17111000,"d":"17,111,000.00"},{"v":1413000,"d":"1,413,000.00"},{"v":353250,"d":"353,250.00"},null,{"v":1059750,"d":"1,059,750.00"},{"$nulls":5},{"v":15698000,"d":"15,698,000.00"},{"v":13858000,"d":"13,858,000.00"},{"$nulls":3},{"v":1840000,"d":"1,840,000.00"}]
["云南省有色地质局三0八队","530000210000000044783","社会保障缴费","2080505","机关事业单位基本养老保险缴费支出","30108","机关事业单位基本养老保险缴费",{"v":4428000,"d":"4,428,000.00"},{"v":582000,"d":"582,000.00"},{"v":145500,"d":"145,500.00"},null,{"v":436500,"d":"436,500.00"},{"$nulls":5},{"v":3846000,"d":"3,846,000.00"},{"v":3846000,"d":"3,846,000.00"}]
["云南省有色地质局三0八队","530000210000000044783","社会保障缴费","2089999","其他社会保障和就业支出","30112","其他社会保障缴费",{"v":519300,"d":"519,300.00"},{"v":30800,"d":"30,800.00"},{"v":7700,"d":"7,700.00"},null,{"v":23100,"d":"23,100.00"},{"$nulls":5},{"v":488500,"d":"488,500.00"},{"v":488500,"d":"488,500.00"}]
["云南省有色地质局三0八队","530000210000000044783","社会保障缴费","2101102","事业单位医疗","30110","职工基本医疗保险缴费",{"v":2015000,"d":"2,015,000.00"},{"$nulls":9},{"v":2015000,"d":"2,015,000.00"},{"v":2015000,"d":"2,015,000.00"}]
["云南省有色地质局三0八队","530000210000000044783","社会保障缴费","2101199","其他行政事业单位医疗支出","30112","其他社会保障缴费",{"v":197500,"d":"197,500.00"},{"$nulls":9},{"v":197500,"d":"197,500.00"},{"v":197500,"d":"197,500.00"}]
["云南省有色地质局三0八队","530000210000000044784","社会保障缴费（职业年金单位缴费）","2080506","机关事业单位职业年金缴费支出","30109","职业年金缴费",{"v":2214000,"d":"2,214,000.00"},{"v":291000,"d":"291,000.00"},{"v":72750,"d":"72,750.00"},null,{"v":218250,"d":"218,250.00"},{"$nulls":5},{"v":1923000,"d":"1,923,000.00"},{"v":1923000,"d":"1,923,000.00"}]
["云南省有色地质局三0八队","530000210000000046775","住房公积金","2210201","住房公积金","30113","住房公积金",{"v":3293000,"d":"3,293,000.00"},{"v":1439000,"d":"1,439,000.00"},{"v":359750,"d":"359,750.00"},null,{"v":1079250,"d":"1,079,250.00"},{"$nulls":5},{"v":1854000,"d":"1,854,000.00"},{"v":1854000,"d":"1,854,000.00"}]
["云南省有色地质局三0八队","530000210000000046776","对个人和家庭的补助","2150107","有色金属矿勘探和采选","30305","生活补助",{"v":1800000,"d":"1,800,000.00"},{"v":1800000,"d":"1,800,000.00"},{"v":450000,"d":"450,000.00"},null,{"v":1350000,"d":"1,350,000.00"}]
["云南省有色地质局三0八队","530000210000000046776","对个人和家庭的补助","2150107","有色金属矿勘探和采选","30399","其他对个人和家庭的补助",{"v":40000,"d":"40,000.00"},{"v":40000,"d":"40,000.00"},{"v":10000,"d":"10,000.00"},null,{"v":30000,"d":"30,000.00"}]
["云南省有色地质局三0八队","530000210000000046777","其他工资福利支出","2150107","有色金属矿勘探和采选","30199","其他工资福利支出",{"v":13570100,"d":"13,570,100.00"},{"v":285100,"d":"285,100.00"},{"v":71275,"d":"71,275.00"},null,{"v":213825,"d":"213,825.00"},{"$nulls":5},{"v":13285000,"d":"13,285,000.00"},{"v":13285000,"d":"13,285,000.00"}]
["云南省有色地质局三0八队","530000210000000046779","公车购置及运维费","2150107","有色金属矿勘探和采选","30231","公务用车运行维护费",{"v":873500,"d":"873,500.00"},{"$nulls":9},{"v":873500,"d":"873,500.00"},{"v":873500,"d":"873,500.00"}]
["云南省有色地质局三0八队","530000210000000046781","公务接待费","2150107","有色金属矿勘探和采选","30217","公务接待费",{"v":630000,"d":"630,000.00"},{"$nulls":9},{"v":630000,"d":"630,000.00"},{"v":630000,"d":"630,000.00"}]
["云南省有色地质局三0八队","530000210000000046783","工会经费","2150107","有色金属矿勘探和采选","30228","工会经费",{"v":285000,"d":"285,000.00"},{"$nulls":9},{"v":285000,"d":"285,000.00"},{"v":285000,"d":"285,000.00"}]
["云南省有色地质局三0八队","530000210000000046784","一般公用经费","2080502","事业单位离退休","30299","其他商品和服务支出",{"v":633420,"d":"633,420.00"},{"v":633420,"d":"633,420.00"},{"v":158355,"d":"158,355.00"},null,{"v":475065,"d":"475,065.00"}]
["云南省有色地质局三0八队","530000210000000046784","一般公用经费","2150107","有色金属矿勘探和采选","30201","办公费",{"v":752900,"d":"752,900.00"},{"$nulls":9},{"v":752900,"d":"752,900.00"},{"v":752900,"d":"752,900.00"}]
["云南省有色地质局三0八队","530000210000000046784","一般公用经费","2150107","有色金属矿勘探和采选","30202","印刷费",{"v":295800,"d":"295,800.00"},{"$nulls":9},{"v":295800,"d":"295,800.00"},{"v":295800,"d":"295,800.00"}]
["云南省有色地质局三0八队","530000210000000046784","一般公用经费","2150107","有色金属矿勘探和采选","30204","手续费",{"v":154500,"d":"154,500.00"},{"$nulls":9},{"v":154500,"d":"154,500.00"},{"v":154500,"d":"154,500.00"}]
["云南省有色地质局三0八队","530000210000000046784","一般公用经费","2150107","有色金属矿勘探和采选","30205","水费",{"v":190950,"d":"190,950.00"},{"v":38150,"d":"38,150.00"},{"v":9537.5,"d":"9,537.50"},null,{"v":28612.5,"d":"28,612.50"},{"$nulls":5},{"v":152800,"d":"152,800.00"},{"v":152800,"d":"152,800.00"}]
["云南省有色地质局三0八队","530000210000000046784","一般公用经费","2150107","有色金属矿勘探和采选","30206","电费",{"v":475000,"d":"475,000.00"},{"v":117000,"d":"117,000.00"},{"v":29250,"d":"29,250.00"},null,{"v":87750,"d":"87,750.00"},{"$nulls":5},{"v":358000,"d":"358,000.00"},{"v":358000,"d":"358,000.00"}]
["云南省有色地质局三0八队","530000210000000046784","一般公用经费","2150107","有色金属矿勘探和采选","30207","邮电费",{"v":254800,"d":"254,800.00"},{"$nulls":9},{"v":254800,"d":"254,800.00"},{"v":254800,"d":"254,800.00"}]
["云南省有色地质局三0八队","530000210000000046784","一般公用经费","2150107","有色金属矿勘探和采选","30209","物业管理费",{"v":458900,"d":"458,900.00"},{"$nulls":9},{"v":458900,"d":"458,900.00"},{"v":358900,"d":"358,900.00"},{"$nulls":3},{"v":100000,"d":"100,000.00"}]
["云南省有色地质局三0八队","530000210000000046784","一般公用经费","2150107","有色金属矿勘探和采选","30211","差旅费",{"v":4544800,"d":"4,544,800.00"},{"v":329800,"d":"329,800.00"},{"v":82450,"d":"82,450.00"},null,{"v":247350,"d":"247,350.00"},{"$nulls":5},{"v":4215000,"d":"4,215,000.00"},{"v":4215000,"d":"4,215,000.00"}]
["云南省有色地质局三0八队","530000210000000046784","一般公用经费","2150107","有色金属矿勘探和采选","30213","维修（护）费",{"v":1041500,"d":"1,041,500.00"},{"$nulls":9},{"v":1041500,"d":"1,041,500.00"},{"v":981500,"d":"981,500.00"},{"$nulls":3},{"v":60000,"d":"60,000.00"}]
["云南省有色地质局三0八队","530000210000000046784","一般公用经费","2150107","有色金属矿勘探和采选","30214","租赁费",{"v":3515000,"d":"3,515,000.00"},{"$nulls":9},{"v":3515000,"d":"3,515,000.00"},{"v":3515000,"d":"3,515,000.00"}]
["云南省有色地质局三0八队","530000210000000046784","一般公用经费","2150107","有色金属矿勘探和采选","30215","会议费",{"v":125000,"d":"125,000.00"},{"$nulls":9},{"v":125000,"d":"125,000.00"},{"v":125000,"d":"125,000.00"}]
["云南省有色地质局三0八队","530000210000000046784","一般公用经费","2150107","有色金属矿勘探和采选","30216","培训费",{"v":242000,"d":"242,000.00"},{"$nulls":9},{"v":242000,"d":"242,000.00"},{"v":242000,"d":"242,000.00"}]
["云南省有色地质局三0八队","530000210000000046784","一般公用经费","2150107","有色金属矿勘探和采选","30218","专用材料费",{"v":14850000,"d":"14,850,000.00"},{"$nulls":9},{"v":14850000,"d":"14,850,000.00"},{"v":14850000,"d":"14,850,000.00"}]
["云南省有色地质局三0八队","530000210000000046784","一般公用经费","2150107","有色金属矿勘探和采选","30225","专用燃料费",{"v":350000,"d":"350,000.00"},{"$nulls":9},{"v":350000,"d":"350,000.00"},{"v":350000,"d":"350,000.00"}]
["云南省有色地质局三0八队","530000210000000046784","一般公用经费","2150107","有色金属矿勘探和采选","30226","劳务费",{"v":3030000,"d":"3,030,000.00"},{"$nulls":9},{"v":3030000,"d":"3,030,000.00"},{"v":3030000,"d":"3,030,000.00"}]
["云南省有色地质局三0八队","530000210000000046784","一般公用经费","2150107","有色金属矿勘探和采选","30227","委托业务费",{"v":8140000,"d":"8,140,000.00"},{"$nulls":9},{"v":8140000,"d":"8,140,000.00"},{"v":8140000,"d":"8,140,000.00"}]
["云南省有色地质局三0八队","530000210000000046784","一般公用经费","2150107","有色金属矿勘探和采选","30239","其他交通费用",{"v":198000,"d":"198,000.00"},{"$nulls":9},{"v":198000,"d":"198,000.00"},{"v":198000,"d":"198,000.00"}]
["云南省有色地质局三0八队","530000210000000046784","一般公用经费","2150107","有色金属矿勘探和采选","30240","税金及附加费用",{"v":4585000,"d":"4,585,000.00"},{"$nulls":9},{"v":4585000,"d":"4,585,000.00"},{"v":4585000,"d":"4,585,000.00"}]
["云南省有色地质局三0八队","530000210000000046784","一般公用经费","2150107","有色金属矿勘探和采选","30299","其他商品和服务支出",{"v":39806600,"d":"39,806,600.00"},{"v":340140,"d":"340,140.00"},{"v":85035,"d":"85,035.00"},null,{"v":255105,"d":"255,105.00"},{"$nulls":5},{"v":39466460,"d":"39,466,460.00"},{"v":19466460,"d":"19,466,460.00"},null,{"v":20000000,"d":"20,000,000.00"}]
["云南省有色地质局三0八队","530000210000000046784","一般公用经费","2150107","有色金属矿勘探和采选","31002","办公设备购置",{"v":517800,"d":"517,800.00"},{"$nulls":9},{"v":517800,"d":"517,800.00"},{"v":517800,"d":"517,800.00"}]
["云南省有色地质局三0八队","530000210000000046784","一般公用经费","2150107","有色金属矿勘探和采选","31003","专用设备购置",{"v":3108400,"d":"3,108,400.00"},{"$nulls":9},{"v":3108400,"d":"3,108,400.00"},{"v":3108400,"d":"3,108,400.00"}]
["云南省有色地质局三0八队","530000210000000046784","一般公用经费","2150107","有色金属矿勘探和采选","31007","信息网络及软件购置更新",{"v":50000,"d":"50,000.00"},{"$nulls":9},{"v":50000,"d":"50,000.00"},{"v":50000,"d":"50,000.00"}]
["云南省有色地质局三一0队",{"$nulls":6},{"v":95925440,"d":"95,925,440.00"},{"v":12646240,"d":"12,646,240.00"},{"v":3161560,"d":"3,161,560.00"},null,{"v":9484680,"d":"9,484,680.00"},{"$nulls":5},{"v":83279200,"d":"83,279,200.00"},{"v":51029200,"d":"51,029,200.00"},null,{"v":30000000,"d":"30,000,000.00"},null,{"v":2250000,"d":"2,250,000.00"}]
["云南省有色地质局三一0队","530000210000000043153","事业人员支出工资","2150107","有色金属矿勘探和采选","30101","基本工资",{"v":7099800,"d":"7,099,800.00"},{"v":3699800,"d":"3,699,800.00"},{"v":924950,"d":"924,950.00"},null,{"v":2774850,"d":"2,774,850.00"},{"$nulls":5},{"v":3400000,"d":"3,400,000.00"},{"v":3400000,"d":"3,400,000.00"}]
["云南省有色地质局三一0队","530000210000000043153","事业人员支出工资","2150107","有色金属矿勘探和采选","30107","绩效工资",{"v":9400000,"d":"9,400,000.00"},{"v":1650000,"d":"1,650,000.00"},{"v":412500,"d":"412,500.00"},null,{"v":1237500,"d":"1,237,500.00"},{"$nulls":5},{"v":7750000,"d":"7,750,000.00"},{"v":6350000,"d":"6,350,000.00"},{"$nulls":3},{"v":1400000,"d":"1,400,000.00"}]
["云南省有色地质局三一0队","530000210000000043154","对个人和家庭的补助","2150107","有色金属矿勘探和采选","30305","生活补助",{"v":780000,"d":"780,000.00"},{"v":650000,"d":"650,000.00"},{"v":162500,"d":"162,500.00"},null,{"v":487500,"d":"487,500.00"},{"$nulls":5},{"v":130000,"d":"130,000.00"},{"v":130000,"d":"130,000.00"}]
["云南省有色地质局三一0队","530000210000000043155","社会保障缴费","2080505","机关事业单位基本养老保险缴费支出","30108","机关事业单位基本养老保险缴费",{"v":2068000,"d":"2,068,000.00"},{"v":1400000,"d":"1,400,000.00"},{"v":350000,"d":"350,000.00"},null,{"v":1050000,"d":"1,050,000.00"},{"$nulls":5},{"v":668000,"d":"668,000.00"},{"v":668000,"d":"668,000.00"}]
["云南省有色地质局三一0队","530000210000000043155","社会保障缴费","2089999","其他社会保障和就业支出","30112","其他社会保障缴费",{"v":140000,"d":"140,000.00"},{"v":50000,"d":"50,000.00"},{"v":12500,"d":"12,500.00"},null,{"v":37500,"d":"37,500.00"},{"$nulls":5},{"v":90000,"d":"90,000.00"},{"v":90000,"d":"90,000.00"}]
["云南省有色地质局三一0队","530000210000000043155","社会保障缴费","2101102","事业单位医疗","30110","职工基本医疗保险缴费",{"v":900000,"d":"900,000.00"},{"v":650000,"d":"650,000.00"},{"v":162500,"d":"162,500.00"},null,{"v":487500,"d":"487,500.00"},{"$nulls":5},{"v":250000,"d":"250,000.00"},{"v":250000,"d":"250,000.00"}]
["云南省有色地质局三一0队","530000210000000043155","社会保障缴费","2101102","事业单位医疗","30307","医疗费补助",{"v":130000,"d":"130,000.00"},{"$nulls":9},{"v":130000,"d":"130,000.00"},{"v":130000,"d":"130,000.00"}]
["云南省有色地质局三一0队","530000210000000043155","社会保障缴费","2101199","其他行政事业单位医疗支出","30112","其他社会保障缴费",{"v":22000,"d":"22,000.00"},{"$nulls":9},{"v":22000,"d":"22,000.00"},{"v":22000,"d":"22,000.00"}]
["云南省有色地质局三一0队","530000210000000043156","一般公用经费","2080502","事业单位离退休","30299","其他商品和服务支出",{"v":220860,"d":"220,860.00"},{"v":220860,"d":"220,860.00"},{"v":55215,"d":"55,215.00"},null,{"v":165645,"d":"165,645.00"}]
["云南省有色地质局三一0队","530000210000000043156","一般公用经费","2150107","有色金属矿勘探和采选","30201","办公费",{"v":940000,"d":"940,000.00"},{"v":150000,"d":"150,000.00"},{"v":37500,"d":"37,500.00"},null,{"v":112500,"d":"112,500.00"},{"$nulls":5},{"v":790000,"d":"790,000.00"},{"v":640000,"d":"640,000.00"},{"$nulls":3},{"v":150000,"d":"150,000.00"}]
["云南省有色地质局三一0队","530000210000000043156","一般公用经费","2150107","有色金属矿勘探和采选","30202","印刷费",{"v":900000,"d":"900,000.00"},{"v":150000,"d":"150,000.00"},{"v":37500,"d":"37,500.00"},null,{"v":112500,"d":"112,500.00"},{"$nulls":5},{"v":750000,"d":"750,000.00"},{"v":750000,"d":"750,000.00"}]
["云南省有色地质局三一0队","530000210000000043156","一般公用经费","2150107","有色金属矿勘探和采选","30204","手续费",{"v":180000,"d":"180,000.00"},{"$nulls":9},{"v":180000,"d":"180,000.00"},{"v":180000,"d":"180,000.00"}]
["云南省有色地质局三一0队","530000210000000043156","一般公用经费","2150107","有色金属矿勘探和采选","30205","水费",{"v":164000,"d":"164,000.00"},{"v":4000,"d":"4,000.00"},{"v":1000,"d":"1,000.00"},null,{"v":3000,"d":"3,000.00"},{"$nulls":5},{"v":160000,"d":"160,000.00"},{"v":60000,"d":"60,000.00"},{"$nulls":3},{"v":100000,"d":"100,000.00"}]
["云南省有色地质局三一0队","530000210000000043156","一般公用经费","2150107","有色金属矿勘探和采选","30206","电费",{"v":370000,"d":"370,000.00"},{"v":20000,"d":"20,000.00"},{"v":5000,"d":"5,000.00"},null,{"v":15000,"d":"15,000.00"},{"$nulls":5},{"v":350000,"d":"350,000.00"},{"v":250000,"d":"250,000.00"},{"$nulls":3},{"v":100000,"d":"100,000.00"}]
["云南省有色地质局三一0队","530000210000000043156","一般公用经费","2150107","有色金属矿勘探和采选","30207","邮电费",{"v":160000,"d":"160,000.00"},{"$nulls":9},{"v":160000,"d":"160,000.00"},{"v":160000,"d":"160,000.00"}]
["云南省有色地质局三一0队","530000210000000043156","一般公用经费","2150107","有色金属矿勘探和采选","30209","物业管理费",{"v":370000,"d":"370,000.00"},{"v":150000,"d":"150,000.00"},{"v":37500,"d":"37,500.00"},null,{"v":112500,"d":"112,500.00"},{"$nulls":5},{"v":220000,"d":"220,000.00"},{"v":20000,"d":"20,000.00"},{"$nulls":3},{"v":200000,"d":"200,000.00"}]
["云南省有色地质局三一0队","530000210000000043156","一般公用经费","2150107","有色金属矿勘探和采选","30211","差旅费",{"v":4844080,"d":"4,844,080.00"},{"v":644080,"d":"644,080.00"},{"v":161020,"d":"161,020.00"},null,{"v":483060,"d":"483,060.00"},{"$nulls":5},{"v":4200000,"d":"4,200,000.00"},{"v":4200000,"d":"4,200,000.00"}]
["云南省有色地质局三一0队","530000210000000043156","一般公用经费","2150107","有色金属矿勘探和采选","30213","维修（护）费",{"v":330000,"d":"330,000.00"},{"$nulls":9},{"v":330000,"d":"330,000.00"},{"v":330000,"d":"330,000.00"}]
["云南省有色地质局三一0队","530000210000000043156","一般公用经费","2150107","有色金属矿勘探和采选","30214","租赁费",{"v":1030000,"d":"1,030,000.00"},{"$nulls":9},{"v":1030000,"d":"1,030,000.00"},{"v":1030000,"d":"1,030,000.00"}]
["云南省有色地质局三一0队","530000210000000043156","一般公用经费","2150107","有色金属矿勘探和采选","30215","会议费",{"v":30000,"d":"30,000.00"},{"$nulls":9},{"v":30000,"d":"30,000.00"},{"v":30000,"d":"30,000.00"}]
["云南省有色地质局三一0队","530000210000000043156","一般公用经费","2150107","有色金属矿勘探和采选","30216","培训费",{"v":70000,"d":"70,000.00"},{"$nulls":9},{"v":70000,"d":"70,000.00"},{"v":70000,"d":"70,000.00"}]
["云南省有色地质局三一0队","530000210000000043156","一般公用经费","2150107","有色金属矿勘探和采选","30218","专用材料费",{"v":7600000,"d":"7,600,000.00"},{"$nulls":9},{"v":7600000,"d":"7,600,000.00"},{"v":5600000,"d":"5,600,000.00"},null,{"v":2000000,"d":"2,000,000.00"}]
["云南省有色地质局三一0队","530000210000000043156","一般公用经费","2150107","有色金属矿勘探和采选","30226","劳务费",{"v":2160000,"d":"2,160,000.00"},{"$nulls":9},{"v":2160000,"d":"2,160,000.00"},{"v":1160000,"d":"1,160,000.00"},null,{"v":1000000,"d":"1,000,000.00"}]
["云南省有色地质局三一0队","530000210000000043156","一般公用经费","2150107","有色金属矿勘探和采选","30227","委托业务费",{"v":13550000,"d":"13,550,000.00"},{"v":1500000,"d":"1,500,000.00"},{"v":375000,"d":"375,000.00"},null,{"v":1125000,"d":"1,125,000.00"},{"$nulls":5},{"v":12050000,"d":"12,050,000.00"},{"v":4750000,"d":"4,750,000.00"},null,{"v":7000000,"d":"7,000,000.00"},null,{"v":300000,"d":"300,000.00"}]
["云南省有色地质局三一0队","530000210000000043156","一般公用经费","2150107","有色金属矿勘探和采选","30239","其他交通费用",{"v":1000000,"d":"1,000,000.00"},{"$nulls":9},{"v":1000000,"d":"1,000,000.00"},{"v":1000000,"d":"1,000,000.00"}]
["云南省有色地质局三一0队","530000210000000043156","一般公用经费","2150107","有色金属矿勘探和采选","30240","税金及附加费用",{"v":3000000,"d":"3,000,000.00"},{"$nulls":9},{"v":3000000,"d":"3,000,000.00"},{"v":3000000,"d":"3,000,000.00"}]
["云南省有色地质局三一0队","530000210000000043156","一般公用经费","2150107","有色金属矿勘探和采选","30299","其他商品和服务支出",{"v":23650000,"d":"23,650,000.00"},{"$nulls":9},{"v":23650000,"d":"23,650,000.00"},{"v":3650000,"d":"3,650,000.00"},null,{"v":20000000,"d":"20,000,000.00"}]
["云南省有色地质局三一0队","530000210000000043156","一般公用经费","2150107","有色金属矿勘探和采选","31002","办公设备购置",{"v":351200,"d":"351,200.00"},{"$nulls":9},{"v":351200,"d":"351,200.00"},{"v":351200,"d":"351,200.00"}]
["云南省有色地质局三一0队","530000210000000043156","一般公用经费","2150107","有色金属矿勘探和采选","31003","专用设备购置",{"v":1694000,"d":"1,694,000.00"},{"$nulls":9},{"v":1694000,"d":"1,694,000.00"},{"v":1694000,"d":"1,694,000.00"}]
["云南省有色地质局三一0队","530000210000000043171","其他工资福利支出","2150107","有色金属矿勘探和采选","30199","其他工资福利支出",{"v":7800000,"d":"7,800,000.00"},{"v":300000,"d":"300,000.00"},{"v":75000,"d":"75,000.00"},null,{"v":225000,"d":"225,000.00"},{"$nulls":5},{"v":7500000,"d":"7,500,000.00"},{"v":7500000,"d":"7,500,000.00"}]
["云南省有色地质局三一0队","530000210000000043172","住房公积金","2210201","住房公积金","30113","住房公积金",{"v":2307500,"d":"2,307,500.00"},{"v":707500,"d":"707,500.00"},{"v":176875,"d":"176,875.00"},null,{"v":530625,"d":"530,625.00"},{"$nulls":5},{"v":1600000,"d":"1,600,000.00"},{"v":1600000,"d":"1,600,000.00"}]
["云南省有色地质局三一0队","530000210000000044186","社会保障缴费（职业年金单位缴费）","2080506","机关事业单位职业年金缴费支出","30109","职业年金缴费",{"v":1034000,"d":"1,034,000.00"},{"v":700000,"d":"700,000.00"},{"v":175000,"d":"175,000.00"},null,{"v":525000,"d":"525,000.00"},{"$nulls":5},{"v":334000,"d":"334,000.00"},{"v":334000,"d":"334,000.00"}]
["云南省有色地质局三一0队","530000210000000044187","公车购置及运维费","2150107","有色金属矿勘探和采选","30231","公务用车运行维护费",{"v":900000,"d":"900,000.00"},{"$nulls":9},{"v":900000,"d":"900,000.00"},{"v":900000,"d":"900,000.00"}]
["云南省有色地质局三一0队","530000210000000044188","公务接待费","2150107","有色金属矿勘探和采选","30217","公务接待费",{"v":480000,"d":"480,000.00"},{"$nulls":9},{"v":480000,"d":"480,000.00"},{"v":480000,"d":"480,000.00"}]
["云南省有色地质局三一0队","530000210000000044189","工会经费","2150107","有色金属矿勘探和采选","30228","工会经费",{"v":250000,"d":"250,000.00"},{"$nulls":9},{"v":250000,"d":"250,000.00"},{"v":250000,"d":"250,000.00"}]
["云南省有色地质局三一二队",{"$nulls":6},{"v":24828150,"d":"24,828,150.00"},{"v":7158570,"d":"7,158,570.00"},{"v":1789642.5,"d":"1,789,642.50"},null,{"v":5368927.5,"d":"5,368,927.50"},{"$nulls":5},{"v":17669580,"d":"17,669,580.00"},{"v":16569580,"d":"16,569,580.00"},{"$nulls":3},{"v":1100000,"d":"1,100,000.00"}]
["云南省有色地质局三一二队","530000210000000035200","事业人员支出工资","2150107","有色金属矿勘探和采选","30101","基本工资",{"v":2457600,"d":"2,457,600.00"},{"v":2107600,"d":"2,107,600.00"},{"v":526900,"d":"526,900.00"},null,{"v":1580700,"d":"1,580,700.00"},{"$nulls":5},{"v":350000,"d":"350,000.00"},{"v":350000,"d":"350,000.00"}]
["云南省有色地质局三一二队","530000210000000035200","事业人员支出工资","2150107","有色金属矿勘探和采选","30107","绩效工资",{"v":4000000,"d":"4,000,000.00"},{"v":1208620,"d":"1,208,620.00"},{"v":302155,"d":"302,155.00"},null,{"v":906465,"d":"906,465.00"},{"$nulls":5},{"v":2791380,"d":"2,791,380.00"},{"v":1991380,"d":"1,991,380.00"},{"$nulls":3},{"v":800000,"d":"800,000.00"}]
["云南省有色地质局三一二队","530000210000000035201","社会保障缴费","2080505","机关事业单位基本养老保险缴费支出","30108","机关事业单位基本养老保险缴费",{"v":980000,"d":"980,000.00"},{"v":930000,"d":"930,000.00"},{"v":232500,"d":"232,500.00"},null,{"v":697500,"d":"697,500.00"},{"$nulls":5},{"v":50000,"d":"50,000.00"},{"v":50000,"d":"50,000.00"}]
["云南省有色地质局三一二队","530000210000000035201","社会保障缴费","2089999","其他社会保障和就业支出","30112","其他社会保障缴费",{"v":42000,"d":"42,000.00"},{"v":36000,"d":"36,000.00"},{"v":9000,"d":"9,000.00"},null,{"v":27000,"d":"27,000.00"},{"$nulls":5},{"v":6000,"d":"6,000.00"},{"v":6000,"d":"6,000.00"}]
["云南省有色地质局三一二队","530000210000000035201","社会保障缴费","2101102","事业单位医疗","30110","职工基本医疗保险缴费",{"v":524000,"d":"524,000.00"},{"v":362000,"d":"362,000.00"},{"v":90500,"d":"90,500.00"},null,{"v":271500,"d":"271,500.00"},{"$nulls":5},{"v":162000,"d":"162,000.00"},{"v":162000,"d":"162,000.00"}]
["云南省有色地质局三一二队","530000210000000035201","社会保障缴费","2101199","其他行政事业单位医疗支出","30112","其他社会保障缴费",{"v":3000,"d":"3,000.00"},{"$nulls":9},{"v":3000,"d":"3,000.00"},{"v":3000,"d":"3,000.00"}]
["云南省有色地质局三一二队","530000210000000035202","社会保障缴费（职业年金单位缴费）","2080506","机关事业单位职业年金缴费支出","30109","职业年金缴费",{"v":495000,"d":"495,000.00"},{"v":465000,"d":"465,000.00"},{"v":116250,"d":"116,250.00"},null,{"v":348750,"d":"348,750.00"},{"$nulls":5},{"v":30000,"d":"30,000.00"},{"v":30000,"d":"30,000.00"}]
["云南省有色地质局三一二队","530000210000000035203","住房公积金","2210201","住房公积金","30113","住房公积金",{"v":708800,"d":"708,800.00"},{"v":323800,"d":"323,800.00"},{"v":80950,"d":"80,950.00"},null,{"v":242850,"d":"242,850.00"},{"$nulls":5},{"v":385000,"d":"385,000.00"},{"v":385000,"d":"385,000.00"}]
["云南省有色地质局三一二队","530000210000000035204","对个人和家庭的补助","2150107","有色金属矿勘探和采选","30305","生活补助",{"v":1165000,"d":"1,165,000.00"},{"v":1165000,"d":"1,165,000.00"},{"v":291250,"d":"291,250.00"},null,{"v":873750,"d":"873,750.00"}]
["云南省有色地质局三一二队","530000210000000035204","对个人和家庭的补助","2150107","有色金属矿勘探和采选","30399","其他对个人和家庭的补助",{"v":300000,"d":"300,000.00"},{"v":300000,"d":"300,000.00"},{"v":75000,"d":"75,000.00"},null,{"v":225000,"d":"225,000.00"}]
["云南省有色地质局三一二队","530000210000000035205","其他工资福利支出","2150107","有色金属矿勘探和采选","30199","其他工资福利支出",{"v":5100000,"d":"5,100,000.00"},{"$nulls":9},{"v":5100000,"d":"5,100,000.00"},{"v":5100000,"d":"5,100,000.00"}]
["云南省有色地质局三一二队","530000210000000035206","公车购置及运维费","2150107","有色金属矿勘探和采选","30231","公务用车运行维护费",{"v":430000,"d":"430,000.00"},{"$nulls":9},{"v":430000,"d":"430,000.00"},{"v":430000,"d":"430,000.00"}]
["云南省有色地质局三一二队","530000210000000035208","公务接待费","2150107","有色金属矿勘探和采选","30217","公务接待费",{"v":120000,"d":"120,000.00"},{"$nulls":9},{"v":120000,"d":"120,000.00"},{"v":120000,"d":"120,000.00"}]
["云南省有色地质局三一二队","530000210000000035210","工会经费","2150107","有色金属矿勘探和采选","30228","工会经费",{"v":155000,"d":"155,000.00"},{"$nulls":9},{"v":155000,"d":"155,000.00"},{"v":155000,"d":"155,000.00"}]
["云南省有色地质局三一二队","530000210000000035211","一般公用经费","2080502","事业单位离退休","30299","其他商品和服务支出",{"v":260550,"d":"260,550.00"},{"v":260550,"d":"260,550.00"},{"v":65137.5,"d":"65,137.50"},null,{"v":195412.5,"d":"195,412.50"}]
["云南省有色地质局三一二队","530000210000000035211","一般公用经费","2150107","有色金属矿勘探和采选","30201","办公费",{"v":180000,"d":"180,000.00"},{"$nulls":9},{"v":180000,"d":"180,000.00"},{"v":180000,"d":"180,000.00"}]
["云南省有色地质局三一二队","530000210000000035211","一般公用经费","2150107","有色金属矿勘探和采选","30202","印刷费",{"v":30000,"d":"30,000.00"},{"$nulls":9},{"v":30000,"d":"30,000.00"},{"v":30000,"d":"30,000.00"}]
["云南省有色地质局三一二队","530000210000000035211","一般公用经费","2150107","有色金属矿勘探和采选","30204","手续费",{"v":10000,"d":"10,000.00"},{"$nulls":9},{"v":10000,"d":"10,000.00"},{"v":10000,"d":"10,000.00"}]
["云南省有色地质局三一二队","530000210000000035211","一般公用经费","2150107","有色金属矿勘探和采选","30205","水费",{"v":15000,"d":"15,000.00"},{"$nulls":9},{"v":15000,"d":"15,000.00"},{"v":15000,"d":"15,000.00"}]
["云南省有色地质局三一二队","530000210000000035211","一般公用经费","2150107","有色金属矿勘探和采选","30207","邮电费",{"v":30000,"d":"30,000.00"},{"$nulls":9},{"v":30000,"d":"30,000.00"},{"v":30000,"d":"30,000.00"}]
["云南省有色地质局三一二队","530000210000000035211","一般公用经费","2150107","有色金属矿勘探和采选","30211","差旅费",{"v":520000,"d":"520,000.00"},{"$nulls":9},{"v":520000,"d":"520,000.00"},{"v":520000,"d":"520,000.00"}]
["云南省有色地质局三一二队","530000210000000035211","一般公用经费","2150107","有色金属矿勘探和采选","30213","维修（护）费",{"v":450000,"d":"450,000.00"},{"$nulls":9},{"v":450000,"d":"450,000.00"},{"v":150000,"d":"150,000.00"},{"$nulls":3},{"v":300000,"d":"300,000.00"}]
["云南省有色地质局三一二队","530000210000000035211","一般公用经费","2150107","有色金属矿勘探和采选","30214","租赁费",{"v":200000,"d":"200,000.00"},{"$nulls":9},{"v":200000,"d":"200,000.00"},{"v":200000,"d":"200,000.00"}]
["云南省有色地质局三一二队","530000210000000035211","一般公用经费","2150107","有色金属矿勘探和采选","30215","会议费",{"v":8000,"d":"8,000.00"},{"$nulls":9},{"v":8000,"d":"8,000.00"},{"v":8000,"d":"8,000.00"}]
["云南省有色地质局三一二队","530000210000000035211","一般公用经费","2150107","有色金属矿勘探和采选","30216","培训费",{"v":72000,"d":"72,000.00"},{"$nulls":9},{"v":72000,"d":"72,000.00"},{"v":72000,"d":"72,000.00"}]
["云南省有色地质局三一二队","530000210000000035211","一般公用经费","2150107","有色金属矿勘探和采选","30218","专用材料费",{"v":150000,"d":"150,000.00"},{"$nulls":9},{"v":150000,"d":"150,000.00"},{"v":150000,"d":"150,000.00"}]
["云南省有色地质局三一二队","530000210000000035211","一般公用经费","2150107","有色金属矿勘探和采选","30226","劳务费",{"v":500000,"d":"500,000.00"},{"$nulls":9},{"v":500000,"d":"500,000.00"},{"v":500000,"d":"500,000.00"}]
["云南省有色地质局三一二队","530000210000000035211","一般公用经费","2150107","有色金属矿勘探和采选","30227","委托业务费",{"v":2800000,"d":"2,800,000.00"},{"$nulls":9},{"v":2800000,"d":"2,800,000.00"},{"v":2800000,"d":"2,800,000.00"}]
["云南省有色地质局三一二队","530000210000000035211","一般公用经费","2150107","有色金属矿勘探和采选","30240","税金及附加费用",{"v":850000,"d":"850,000.00"},{"$nulls":9},{"v":850000,"d":"850,000.00"},{"v":850000,"d":"850,000.00"}]
["云南省有色地质局三一二队","530000210000000035211","一般公用经费","2150107","有色金属矿勘探和采选","30299","其他商品和服务支出",{"v":700000,"d":"700,000.00"},{"$nulls":9},{"v":700000,"d":"700,000.00"},{"v":700000,"d":"700,000.00"}]
["云南省有色地质局三一二队","530000210000000035211","一般公用经费","2150107","有色金属矿勘探和采选","31002","办公设备购置",{"v":287200,"d":"287,200.00"},{"$nulls":9},{"v":287200,"d":"287,200.00"},{"v":287200,"d":"287,200.00"}]
["云南省有色地质局三一二队","530000210000000035211","一般公用经费","2150107","有色金属矿勘探和采选","31003","专用设备购置",{"v":475000,"d":"475,000.00"},{"$nulls":9},{"v":475000,"d":"475,000.00"},{"v":475000,"d":"475,000.00"}]
["云南省有色地质局三一二队","530000210000000035211","一般公用经费","2150107","有色金属矿勘探和采选","31007","信息网络及软件购置更新",{"v":810000,"d":"810,000.00"},{"$nulls":9},{"v":810000,"d":"810,000.00"},{"v":810000,"d":"810,000.00"}]
["云南省有色地质局三一三队",{"$nulls":6},{"v":54366020,"d":"54,366,020.00"},{"v":14675140,"d":"14,675,140.00"},{"v":3668785,"d":"3,668,785.00"},null,{"v":11006355,"d":"11,006,355.00"},{"$nulls":5},{"v":39690880,"d":"39,690,880.00"},{"v":29590880,"d":"29,590,880.00"},null,{"v":9000000,"d":"9,000,000.00"},null,{"v":1100000,"d":"1,100,000.00"}]
["云南省有色地质局三一三队","530000210000000045353","事业人员支出工资","2150107","有色金属矿勘探和采选","30101","基本工资",{"v":7569540,"d":"7,569,540.00"},{"v":5643240,"d":"5,643,240.00"},{"v":1410810,"d":"1,410,810.00"},null,{"v":4232430,"d":"4,232,430.00"},{"$nulls":5},{"v":1926300,"d":"1,926,300.00"},{"v":1026300,"d":"1,026,300.00"},{"$nulls":3},{"v":900000,"d":"900,000.00"}]
["云南省有色地质局三一三队","530000210000000045353","事业人员支出工资","2150107","有色金属矿勘探和采选","30107","绩效工资",{"v":6047840,"d":"6,047,840.00"},{"v":1488560,"d":"1,488,560.00"},{"v":372140,"d":"372,140.00"},null,{"v":1116420,"d":"1,116,420.00"},{"$nulls":5},{"v":4559280,"d":"4,559,280.00"},{"v":2359280,"d":"2,359,280.00"},null,{"v":2000000,"d":"2,000,000.00"},null,{"v":200000,"d":"200,000.00"}]
["云南省有色地质局三一三队","530000210000000045354","社会保障缴费","2080505","机关事业单位基本养老保险缴费支出","30108","机关事业单位基本养老保险缴费",{"v":1924000,"d":"1,924,000.00"},{"v":1840000,"d":"1,840,000.00"},{"v":460000,"d":"460,000.00"},null,{"v":1380000,"d":"1,380,000.00"},{"$nulls":5},{"v":84000,"d":"84,000.00"},{"v":84000,"d":"84,000.00"}]
["云南省有色地质局三一三队","530000210000000045354","社会保障缴费","2089999","其他社会保障和就业支出","30112","其他社会保障缴费",{"v":247600,"d":"247,600.00"},{"v":217600,"d":"217,600.00"},{"v":54400,"d":"54,400.00"},null,{"v":163200,"d":"163,200.00"},{"$nulls":5},{"v":30000,"d":"30,000.00"},{"v":30000,"d":"30,000.00"}]
["云南省有色地质局三一三队","530000210000000045354","社会保障缴费","2101102","事业单位医疗","30110","职工基本医疗保险缴费",{"v":822300,"d":"822,300.00"},{"v":747000,"d":"747,000.00"},{"v":186750,"d":"186,750.00"},null,{"v":560250,"d":"560,250.00"},{"$nulls":5},{"v":75300,"d":"75,300.00"},{"v":75300,"d":"75,300.00"}]
["云南省有色地质局三一三队","530000210000000045355","社会保障缴费（职业年金单位缴费）","2080506","机关事业单位职业年金缴费支出","30109","职业年金缴费",{"v":1001500,"d":"1,001,500.00"},{"v":921000,"d":"921,000.00"},{"v":230250,"d":"230,250.00"},null,{"v":690750,"d":"690,750.00"},{"$nulls":5},{"v":80500,"d":"80,500.00"},{"v":80500,"d":"80,500.00"}]
["云南省有色地质局三一三队","530000210000000045356","住房公积金","2210201","住房公积金","30113","住房公积金",{"v":1390700,"d":"1,390,700.00"},{"v":539600,"d":"539,600.00"},{"v":134900,"d":"134,900.00"},null,{"v":404700,"d":"404,700.00"},{"$nulls":5},{"v":851100,"d":"851,100.00"},{"v":851100,"d":"851,100.00"}]
["云南省有色地质局三一三队","530000210000000045357","对个人和家庭的补助","2150107","有色金属矿勘探和采选","30305","生活补助",{"v":690000,"d":"690,000.00"},{"v":690000,"d":"690,000.00"},{"v":172500,"d":"172,500.00"},null,{"v":517500,"d":"517,500.00"}]
["云南省有色地质局三一三队","530000210000000045357","对个人和家庭的补助","2150107","有色金属矿勘探和采选","30399","其他对个人和家庭的补助",{"v":150000,"d":"150,000.00"},{"v":150000,"d":"150,000.00"},{"v":37500,"d":"37,500.00"},null,{"v":112500,"d":"112,500.00"}]
["云南省有色地质局三一三队","530000210000000045358","其他工资福利支出","2150107","有色金属矿勘探和采选","30199","其他工资福利支出",{"v":4765200,"d":"4,765,200.00"},{"$nulls":9},{"v":4765200,"d":"4,765,200.00"},{"v":2765200,"d":"2,765,200.00"},null,{"v":2000000,"d":"2,000,000.00"}]
["云南省有色地质局三一三队","530000210000000045360","工会经费","2150107","有色金属矿勘探和采选","30228","工会经费",{"v":320000,"d":"320,000.00"},{"v":260000,"d":"260,000.00"},{"v":65000,"d":"65,000.00"},null,{"v":195000,"d":"195,000.00"},{"$nulls":5},{"v":60000,"d":"60,000.00"},{"v":60000,"d":"60,000.00"}]
["云南省有色地质局三一三队","530000210000000045361","一般公用经费","2080502","事业单位离退休","30299","其他商品和服务支出",{"v":230940,"d":"230,940.00"},{"v":230940,"d":"230,940.00"},{"v":57735,"d":"57,735.00"},null,{"v":173205,"d":"173,205.00"}]
["云南省有色地质局三一三队","530000210000000045361","一般公用经费","2150107","有色金属矿勘探和采选","30201","办公费",{"v":360000,"d":"360,000.00"},{"v":80000,"d":"80,000.00"},{"v":20000,"d":"20,000.00"},null,{"v":60000,"d":"60,000.00"},{"$nulls":5},{"v":280000,"d":"280,000.00"},{"v":280000,"d":"280,000.00"}]
["云南省有色地质局三一三队","530000210000000045361","一般公用经费","2150107","有色金属矿勘探和采选","30202","印刷费",{"v":200000,"d":"200,000.00"},{"v":20000,"d":"20,000.00"},{"v":5000,"d":"5,000.00"},null,{"v":15000,"d":"15,000.00"},{"$nulls":5},{"v":180000,"d":"180,000.00"},{"v":180000,"d":"180,000.00"}]
["云南省有色地质局三一三队","530000210000000045361","一般公用经费","2150107","有色金属矿勘探和采选","30204","手续费",{"v":2000,"d":"2,000.00"},{"$nulls":9},{"v":2000,"d":"2,000.00"},{"v":2000,"d":"2,000.00"}]
["云南省有色地质局三一三队","530000210000000045361","一般公用经费","2150107","有色金属矿勘探和采选","30205","水费",{"v":43000,"d":"43,000.00"},{"v":32000,"d":"32,000.00"},{"v":8000,"d":"8,000.00"},null,{"v":24000,"d":"24,000.00"},{"$nulls":5},{"v":11000,"d":"11,000.00"},{"v":11000,"d":"11,000.00"}]
["云南省有色地质局三一三队","530000210000000045361","一般公用经费","2150107","有色金属矿勘探和采选","30206","电费",{"v":115000,"d":"115,000.00"},{"v":72000,"d":"72,000.00"},{"v":18000,"d":"18,000.00"},null,{"v":54000,"d":"54,000.00"},{"$nulls":5},{"v":43000,"d":"43,000.00"},{"v":43000,"d":"43,000.00"}]
["云南省有色地质局三一三队","530000210000000045361","一般公用经费","2150107","有色金属矿勘探和采选","30207","邮电费",{"v":37200,"d":"37,200.00"},{"v":8200,"d":"8,200.00"},{"v":2050,"d":"2,050.00"},null,{"v":6150,"d":"6,150.00"},{"$nulls":5},{"v":29000,"d":"29,000.00"},{"v":29000,"d":"29,000.00"}]
["云南省有色地质局三一三队","530000210000000045361","一般公用经费","2150107","有色金属矿勘探和采选","30209","物业管理费",{"v":77000,"d":"77,000.00"},{"v":65000,"d":"65,000.00"},{"v":16250,"d":"16,250.00"},null,{"v":48750,"d":"48,750.00"},{"$nulls":5},{"v":12000,"d":"12,000.00"},{"v":12000,"d":"12,000.00"}]
["云南省有色地质局三一三队","530000210000000045361","一般公用经费","2150107","有色金属矿勘探和采选","30211","差旅费",{"v":1820000,"d":"1,820,000.00"},{"v":320000,"d":"320,000.00"},{"v":80000,"d":"80,000.00"},null,{"v":240000,"d":"240,000.00"},{"$nulls":5},{"v":1500000,"d":"1,500,000.00"},{"v":1200000,"d":"1,200,000.00"},null,{"v":300000,"d":"300,000.00"}]
["云南省有色地质局三一三队","530000210000000045361","一般公用经费","2150107","有色金属矿勘探和采选","30213","维修（护）费",{"v":400000,"d":"400,000.00"},{"v":350000,"d":"350,000.00"},{"v":87500,"d":"87,500.00"},null,{"v":262500,"d":"262,500.00"},{"$nulls":5},{"v":50000,"d":"50,000.00"},{"v":50000,"d":"50,000.00"}]
["云南省有色地质局三一三队","530000210000000045361","一般公用经费","2150107","有色金属矿勘探和采选","30214","租赁费",{"v":500000,"d":"500,000.00"},{"$nulls":9},{"v":500000,"d":"500,000.00"},{"v":500000,"d":"500,000.00"}]
["云南省有色地质局三一三队","530000210000000045361","一般公用经费","2150107","有色金属矿勘探和采选","30218","专用材料费",{"v":1635000,"d":"1,635,000.00"},{"$nulls":9},{"v":1635000,"d":"1,635,000.00"},{"v":1635000,"d":"1,635,000.00"}]
["云南省有色地质局三一三队","530000210000000045361","一般公用经费","2150107","有色金属矿勘探和采选","30226","劳务费",{"v":620000,"d":"620,000.00"},{"$nulls":9},{"v":620000,"d":"620,000.00"},{"v":620000,"d":"620,000.00"}]
["云南省有色地质局三一三队","530000210000000045361","一般公用经费","2150107","有色金属矿勘探和采选","30227","委托业务费",{"v":11592200,"d":"11,592,200.00"},{"v":1000000,"d":"1,000,000.00"},{"v":250000,"d":"250,000.00"},null,{"v":750000,"d":"750,000.00"},{"$nulls":5},{"v":10592200,"d":"10,592,200.00"},{"v":6592200,"d":"6,592,200.00"},null,{"v":4000000,"d":"4,000,000.00"}]
["云南省有色地质局三一三队","530000210000000045361","一般公用经费","2150107","有色金属矿勘探和采选","30239","其他交通费用",{"v":450000,"d":"450,000.00"},{"$nulls":9},{"v":450000,"d":"450,000.00"},{"v":350000,"d":"350,000.00"},null,{"v":100000,"d":"100,000.00"}]
["云南省有色地质局三一三队","530000210000000045361","一般公用经费","2150107","有色金属矿勘探和采选","30240","税金及附加费用",{"v":900000,"d":"900,000.00"},{"$nulls":9},{"v":900000,"d":"900,000.00"},{"v":600000,"d":"600,000.00"},null,{"v":300000,"d":"300,000.00"}]
["云南省有色地质局三一三队","530000210000000045361","一般公用经费","2150107","有色金属矿勘探和采选","30299","其他商品和服务支出",{"v":9749000,"d":"9,749,000.00"},{"$nulls":9},{"v":9749000,"d":"9,749,000.00"},{"v":9449000,"d":"9,449,000.00"},null,{"v":300000,"d":"300,000.00"}]
["云南省有色地质局三一三队","530000210000000045361","一般公用经费","2150107","有色金属矿勘探和采选","31002","办公设备购置",{"v":352000,"d":"352,000.00"},{"$nulls":9},{"v":352000,"d":"352,000.00"},{"v":352000,"d":"352,000.00"}]
["云南省有色地质局三一三队","530000210000000045361","一般公用经费","2150107","有色金属矿勘探和采选","31003","专用设备购置",{"v":64000,"d":"64,000.00"},{"$nulls":9},{"v":64000,"d":"64,000.00"},{"v":64000,"d":"64,000.00"}]
["云南省有色地质局三一三队","530000210000000045564","公车购置及运维费","2150107","有色金属矿勘探和采选","30231","公务用车运行维护费",{"v":250000,"d":"250,000.00"},{"$nulls":9},{"v":250000,"d":"250,000.00"},{"v":250000,"d":"250,000.00"}]
["云南省有色地质局三一三队","530000210000000045569","公务接待费","2150107","有色金属矿勘探和采选","30217","公务接待费",{"v":40000,"d":"40,000.00"},{"$nulls":9},{"v":40000,"d":"40,000.00"},{"v":40000,"d":"40,000.00"}]
["云南省有色地质局三一七队",{"$nulls":6},{"v":49632200,"d":"49,632,200.00"},{"v":11132200,"d":"11,132,200.00"},{"v":2783050,"d":"2,783,050.00"},null,{"v":8349150,"d":"8,349,150.00"},{"$nulls":5},{"v":38500000,"d":"38,500,000.00"},{"v":31000000,"d":"31,000,000.00"},null,{"v":6000000,"d":"6,000,000.00"},null,{"v":1500000,"d":"1,500,000.00"}]
["云南省有色地质局三一七队","530000210000000044441","事业人员支出工资","2150107","有色金属矿勘探和采选","30101","基本工资",{"v":8521580,"d":"8,521,580.00"},{"v":2369080,"d":"2,369,080.00"},{"v":592270,"d":"592,270.00"},null,{"v":1776810,"d":"1,776,810.00"},{"$nulls":5},{"v":6152500,"d":"6,152,500.00"},{"v":5652500,"d":"5,652,500.00"},{"$nulls":3},{"v":500000,"d":"500,000.00"}]
["云南省有色地质局三一七队","530000210000000044441","事业人员支出工资","2150107","有色金属矿勘探和采选","30107","绩效工资",{"v":8605000,"d":"8,605,000.00"},{"v":3540000,"d":"3,540,000.00"},{"v":885000,"d":"885,000.00"},null,{"v":2655000,"d":"2,655,000.00"},{"$nulls":5},{"v":5065000,"d":"5,065,000.00"},{"v":4650000,"d":"4,650,000.00"},{"$nulls":3},{"v":415000,"d":"415,000.00"}]
["云南省有色地质局三一七队","530000210000000044442","社会保障缴费","2080505","机关事业单位基本养老保险缴费支出","30108","机关事业单位基本养老保险缴费",{"v":2115000,"d":"2,115,000.00"},{"v":1750000,"d":"1,750,000.00"},{"v":437500,"d":"437,500.00"},null,{"v":1312500,"d":"1,312,500.00"},{"$nulls":5},{"v":365000,"d":"365,000.00"},{"v":365000,"d":"365,000.00"}]
["云南省有色地质局三一七队","530000210000000044442","社会保障缴费","2089999","其他社会保障和就业支出","30112","其他社会保障缴费",{"v":157000,"d":"157,000.00"},{"v":116500,"d":"116,500.00"},{"v":29125,"d":"29,125.00"},null,{"v":87375,"d":"87,375.00"},{"$nulls":5},{"v":40500,"d":"40,500.00"},{"v":40500,"d":"40,500.00"}]
["云南省有色地质局三一七队","530000210000000044442","社会保障缴费","2101102","事业单位医疗","30110","职工基本医疗保险缴费",{"v":1060000,"d":"1,060,000.00"},{"v":865000,"d":"865,000.00"},{"v":216250,"d":"216,250.00"},null,{"v":648750,"d":"648,750.00"},{"$nulls":5},{"v":195000,"d":"195,000.00"},{"v":195000,"d":"195,000.00"}]
["云南省有色地质局三一七队","530000210000000044442","社会保障缴费","2101199","其他行政事业单位医疗支出","30112","其他社会保障缴费",{"v":18000,"d":"18,000.00"},{"$nulls":9},{"v":18000,"d":"18,000.00"},{"v":18000,"d":"18,000.00"}]
["云南省有色地质局三一七队","530000210000000044443","社会保障缴费（职业年金单位缴费）","2080506","机关事业单位职业年金缴费支出","30109","职业年金缴费",{"v":875000,"d":"875,000.00"},{"v":875000,"d":"875,000.00"},{"v":218750,"d":"218,750.00"},null,{"v":656250,"d":"656,250.00"}]
["云南省有色地质局三一七队","530000210000000044444","住房公积金","2210201","住房公积金","30113","住房公积金",{"v":1533300,"d":"1,533,300.00"},{"v":983300,"d":"983,300.00"},{"v":245825,"d":"245,825.00"},null,{"v":737475,"d":"737,475.00"},{"$nulls":5},{"v":550000,"d":"550,000.00"},{"v":550000,"d":"550,000.00"}]
["云南省有色地质局三一七队","530000210000000044445","对个人和家庭的补助","2150107","有色金属矿勘探和采选","30305","生活补助",{"v":473500,"d":"473,500.00"},{"v":453500,"d":"453,500.00"},{"v":113375,"d":"113,375.00"},null,{"v":340125,"d":"340,125.00"},{"$nulls":5},{"v":20000,"d":"20,000.00"},{"v":20000,"d":"20,000.00"}]
["云南省有色地质局三一七队","530000210000000044445","对个人和家庭的补助","2150107","有色金属矿勘探和采选","30399","其他对个人和家庭的补助",{"v":20000,"d":"20,000.00"},{"$nulls":9},{"v":20000,"d":"20,000.00"},{"v":20000,"d":"20,000.00"}]
["云南省有色地质局三一七队","530000210000000044446","其他工资福利支出","2150107","有色金属矿勘探和采选","30199","其他工资福利支出",{"v":5500000,"d":"5,500,000.00"},{"$nulls":9},{"v":5500000,"d":"5,500,000.00"},{"v":5500000,"d":"5,500,000.00"}]
["云南省有色地质局三一七队","530000210000000044447","公车购置及运维费","2150107","有色金属矿勘探和采选","30231","公务用车运行维护费",{"v":430000,"d":"430,000.00"},{"$nulls":9},{"v":430000,"d":"430,000.00"},{"v":430000,"d":"430,000.00"}]
["云南省有色地质局三一七队","530000210000000044449","公务接待费","2150107","有色金属矿勘探和采选","30217","公务接待费",{"v":85000,"d":"85,000.00"},{"$nulls":9},{"v":85000,"d":"85,000.00"},{"v":85000,"d":"85,000.00"}]
["云南省有色地质局三一七队","530000210000000044451","工会经费","2150107","有色金属矿勘探和采选","30228","工会经费",{"v":165000,"d":"165,000.00"},{"$nulls":9},{"v":165000,"d":"165,000.00"},{"v":165000,"d":"165,000.00"}]
["云南省有色地质局三一七队","530000210000000044452","一般公用经费","2080502","事业单位离退休","30299","其他商品和服务支出",{"v":179820,"d":"179,820.00"},{"v":179820,"d":"179,820.00"},{"v":44955,"d":"44,955.00"},null,{"v":134865,"d":"134,865.00"}]
["云南省有色地质局三一七队","530000210000000044452","一般公用经费","2150107","有色金属矿勘探和采选","30201","办公费",{"v":200000,"d":"200,000.00"},{"$nulls":9},{"v":200000,"d":"200,000.00"},{"v":200000,"d":"200,000.00"}]
["云南省有色地质局三一七队","530000210000000044452","一般公用经费","2150107","有色金属矿勘探和采选","30202","印刷费",{"v":215000,"d":"215,000.00"},{"$nulls":9},{"v":215000,"d":"215,000.00"},{"v":215000,"d":"215,000.00"}]
["云南省有色地质局三一七队","530000210000000044452","一般公用经费","2150107","有色金属矿勘探和采选","30204","手续费",{"v":2000,"d":"2,000.00"},{"$nulls":9},{"v":2000,"d":"2,000.00"},{"v":2000,"d":"2,000.00"}]
["云南省有色地质局三一七队","530000210000000044452","一般公用经费","2150107","有色金属矿勘探和采选","30205","水费",{"v":35000,"d":"35,000.00"},{"$nulls":9},{"v":35000,"d":"35,000.00"},{"$nulls":4},{"v":35000,"d":"35,000.00"}]
["云南省有色地质局三一七队","530000210000000044452","一般公用经费","2150107","有色金属矿勘探和采选","30206","电费",{"v":50000,"d":"50,000.00"},{"$nulls":9},{"v":50000,"d":"50,000.00"},{"$nulls":4},{"v":50000,"d":"50,000.00"}]
["云南省有色地质局三一七队","530000210000000044452","一般公用经费","2150107","有色金属矿勘探和采选","30207","邮电费",{"v":30000,"d":"30,000.00"},{"$nulls":9},{"v":30000,"d":"30,000.00"},{"v":30000,"d":"30,000.00"}]
["云南省有色地质局三一七队","530000210000000044452","一般公用经费","2150107","有色金属矿勘探和采选","30209","物业管理费",{"v":500000,"d":"500,000.00"},{"$nulls":9},{"v":500000,"d":"500,000.00"},{"$nulls":4},{"v":500000,"d":"500,000.00"}]
["云南省有色地质局三一七队","530000210000000044452","一般公用经费","2150107","有色金属矿勘探和采选","30211","差旅费",{"v":1550000,"d":"1,550,000.00"},{"$nulls":9},{"v":1550000,"d":"1,550,000.00"},{"v":1550000,"d":"1,550,000.00"}]
["云南省有色地质局三一七队","530000210000000044452","一般公用经费","2150107","有色金属矿勘探和采选","30213","维修（护）费",{"v":25000,"d":"25,000.00"},{"$nulls":9},{"v":25000,"d":"25,000.00"},{"v":25000,"d":"25,000.00"}]
["云南省有色地质局三一七队","530000210000000044452","一般公用经费","2150107","有色金属矿勘探和采选","30214","租赁费",{"v":600000,"d":"600,000.00"},{"$nulls":9},{"v":600000,"d":"600,000.00"},{"v":600000,"d":"600,000.00"}]
["云南省有色地质局三一七队","530000210000000044452","一般公用经费","2150107","有色金属矿勘探和采选","30215","会议费",{"v":15000,"d":"15,000.00"},{"$nulls":9},{"v":15000,"d":"15,000.00"},{"v":15000,"d":"15,000.00"}]
["云南省有色地质局三一七队","530000210000000044452","一般公用经费","2150107","有色金属矿勘探和采选","30216","培训费",{"v":50000,"d":"50,000.00"},{"$nulls":9},{"v":50000,"d":"50,000.00"},{"v":50000,"d":"50,000.00"}]
["云南省有色地质局三一七队","530000210000000044452","一般公用经费","2150107","有色金属矿勘探和采选","30218","专用材料费",{"v":480000,"d":"480,000.00"},{"$nulls":9},{"v":480000,"d":"480,000.00"},{"v":480000,"d":"480,000.00"}]
["云南省有色地质局三一七队","530000210000000044452","一般公用经费","2150107","有色金属矿勘探和采选","30226","劳务费",{"v":700000,"d":"700,000.00"},{"$nulls":9},{"v":700000,"d":"700,000.00"},{"v":700000,"d":"700,000.00"}]
["云南省有色地质局三一七队","530000210000000044452","一般公用经费","2150107","有色金属矿勘探和采选","30227","委托业务费",{"v":4220000,"d":"4,220,000.00"},{"$nulls":9},{"v":4220000,"d":"4,220,000.00"},{"v":4220000,"d":"4,220,000.00"}]
["云南省有色地质局三一七队","530000210000000044452","一般公用经费","2150107","有色金属矿勘探和采选","30239","其他交通费用",{"v":595000,"d":"595,000.00"},{"$nulls":9},{"v":595000,"d":"595,000.00"},{"v":595000,"d":"595,000.00"}]
["云南省有色地质局三一七队","530000210000000044452","一般公用经费","2150107","有色金属矿勘探和采选","30240","税金及附加费用",{"v":2100000,"d":"2,100,000.00"},{"$nulls":9},{"v":2100000,"d":"2,100,000.00"},{"v":2100000,"d":"2,100,000.00"}]
["云南省有色地质局三一七队","530000210000000044452","一般公用经费","2150107","有色金属矿勘探和采选","30299","其他商品和服务支出",{"v":7500000,"d":"7,500,000.00"},{"$nulls":9},{"v":7500000,"d":"7,500,000.00"},{"v":1500000,"d":"1,500,000.00"},null,{"v":6000000,"d":"6,000,000.00"}]
["云南省有色地质局三一七队","530000210000000044452","一般公用经费","2150107","有色金属矿勘探和采选","31002","办公设备购置",{"v":76000,"d":"76,000.00"},{"$nulls":9},{"v":76000,"d":"76,000.00"},{"v":76000,"d":"76,000.00"}]
["云南省有色地质局三一七队","530000210000000044452","一般公用经费","2150107","有色金属矿勘探和采选","31003","专用设备购置",{"v":701000,"d":"701,000.00"},{"$nulls":9},{"v":701000,"d":"701,000.00"},{"v":701000,"d":"701,000.00"}]
["云南省有色地质局三一七队","530000210000000044452","一般公用经费","2150107","有色金属矿勘探和采选","31007","信息网络及软件购置更新",{"v":250000,"d":"250,000.00"},{"$nulls":9},{"v":250000,"d":"250,000.00"},{"v":250000,"d":"250,000.00"}]
["云南省有色地质局楚雄勘查院",{"$nulls":6},{"v":93570400,"d":"93,570,400.00"},{"v":15590100,"d":"15,590,100.00"},{"v":3897525,"d":"3,897,525.00"},null,{"v":11692575,"d":"11,692,575.00"},{"$nulls":5},{"v":77980300,"d":"77,980,300.00"},{"v":66080300,"d":"66,080,300.00"},null,{"v":10000000,"d":"10,000,000.00"},null,{"v":1900000,"d":"1,900,000.00"}]
["云南省有色地质局楚雄勘查院","530000210000000044135","事业人员支出工资","2150107","有色金属矿勘探和采选","30101","基本工资",{"v":14888000,"d":"14,888,000.00"},{"v":6500000,"d":"6,500,000.00"},{"v":1625000,"d":"1,625,000.00"},null,{"v":4875000,"d":"4,875,000.00"},{"$nulls":5},{"v":8388000,"d":"8,388,000.00"},{"v":3518000,"d":"3,518,000.00"},null,{"v":4170000,"d":"4,170,000.00"},null,{"v":700000,"d":"700,000.00"}]
["云南省有色地质局楚雄勘查院","530000210000000044135","事业人员支出工资","2150107","有色金属矿勘探和采选","30107","绩效工资",{"v":13941320,"d":"13,941,320.00"},{"v":2064020,"d":"2,064,020.00"},{"v":516005,"d":"516,005.00"},null,{"v":1548015,"d":"1,548,015.00"},{"$nulls":5},{"v":11877300,"d":"11,877,300.00"},{"v":11277300,"d":"11,277,300.00"},{"$nulls":3},{"v":600000,"d":"600,000.00"}]
["云南省有色地质局楚雄勘查院","530000210000000044136","社会保障缴费","2080505","机关事业单位基本养老保险缴费支出","30108","机关事业单位基本养老保险缴费",{"v":3220000,"d":"3,220,000.00"},{"v":2620000,"d":"2,620,000.00"},{"v":655000,"d":"655,000.00"},null,{"v":1965000,"d":"1,965,000.00"},{"$nulls":5},{"v":600000,"d":"600,000.00"},{"v":600000,"d":"600,000.00"}]
["云南省有色地质局楚雄勘查院","530000210000000044136","社会保障缴费","2089999","其他社会保障和就业支出","30112","其他社会保障缴费",{"v":400000,"d":"400,000.00"},{"$nulls":9},{"v":400000,"d":"400,000.00"},{"v":400000,"d":"400,000.00"}]
["云南省有色地质局楚雄勘查院","530000210000000044136","社会保障缴费","2101102","事业单位医疗","30110","职工基本医疗保险缴费",{"v":1300000,"d":"1,300,000.00"},{"$nulls":9},{"v":1300000,"d":"1,300,000.00"},{"v":1300000,"d":"1,300,000.00"}]
["云南省有色地质局楚雄勘查院","530000210000000044136","社会保障缴费","2101199","其他行政事业单位医疗支出","30112","其他社会保障缴费",{"v":280000,"d":"280,000.00"},{"$nulls":9},{"v":280000,"d":"280,000.00"},{"v":280000,"d":"280,000.00"}]
["云南省有色地质局楚雄勘查院","530000210000000044137","社会保障缴费（职业年金单位缴费）","2080506","机关事业单位职业年金缴费支出","30109","职业年金缴费",{"v":1610000,"d":"1,610,000.00"},{"v":1310000,"d":"1,310,000.00"},{"v":327500,"d":"327,500.00"},null,{"v":982500,"d":"982,500.00"},{"$nulls":5},{"v":300000,"d":"300,000.00"},{"v":300000,"d":"300,000.00"}]
["云南省有色地质局楚雄勘查院","530000210000000044138","住房公积金","2210201","住房公积金","30113","住房公积金",{"v":2263000,"d":"2,263,000.00"},{"v":1463000,"d":"1,463,000.00"},{"v":365750,"d":"365,750.00"},null,{"v":1097250,"d":"1,097,250.00"},{"$nulls":5},{"v":800000,"d":"800,000.00"},{"v":800000,"d":"800,000.00"}]
["云南省有色地质局楚雄勘查院","530000210000000044139","对个人和家庭的补助","2150107","有色金属矿勘探和采选","30305","生活补助",{"v":1700000,"d":"1,700,000.00"},{"v":1200000,"d":"1,200,000.00"},{"v":300000,"d":"300,000.00"},null,{"v":900000,"d":"900,000.00"},{"$nulls":5},{"v":500000,"d":"500,000.00"},null,null,{"v":500000,"d":"500,000.00"}]
["云南省有色地质局楚雄勘查院","530000210000000044140","其他工资福利支出","2150107","有色金属矿勘探和采选","30199","其他工资福利支出",{"v":16480000,"d":"16,480,000.00"},{"$nulls":9},{"v":16480000,"d":"16,480,000.00"},{"v":16480000,"d":"16,480,000.00"}]
["云南省有色地质局楚雄勘查院","530000210000000044141","公车购置及运维费","2150107","有色金属矿勘探和采选","30231","公务用车运行维护费",{"v":760000,"d":"760,000.00"},{"$nulls":9},{"v":760000,"d":"760,000.00"},{"v":760000,"d":"760,000.00"}]
["云南省有色地质局楚雄勘查院","530000210000000044142","公务接待费","2150107","有色金属矿勘探和采选","30217","公务接待费",{"v":293800,"d":"293,800.00"},{"$nulls":9},{"v":293800,"d":"293,800.00"},{"v":293800,"d":"293,800.00"}]
["云南省有色地质局楚雄勘查院","530000210000000044143","工会经费","2150107","有色金属矿勘探和采选","30228","工会经费",{"v":800000,"d":"800,000.00"},{"$nulls":9},{"v":800000,"d":"800,000.00"},{"v":700000,"d":"700,000.00"},null,{"v":100000,"d":"100,000.00"}]
["云南省有色地质局楚雄勘查院","530000210000000044144","一般公用经费","2080502","事业单位离退休","30299","其他商品和服务支出",{"v":433080,"d":"433,080.00"},{"v":433080,"d":"433,080.00"},{"v":108270,"d":"108,270.00"},null,{"v":324810,"d":"324,810.00"}]
["云南省有色地质局楚雄勘查院","530000210000000044144","一般公用经费","2150107","有色金属矿勘探和采选","30201","办公费",{"v":430000,"d":"430,000.00"},{"$nulls":9},{"v":430000,"d":"430,000.00"},null,null,{"v":430000,"d":"430,000.00"}]
["云南省有色地质局楚雄勘查院","530000210000000044144","一般公用经费","2150107","有色金属矿勘探和采选","30202","印刷费",{"v":350000,"d":"350,000.00"},{"$nulls":9},{"v":350000,"d":"350,000.00"},null,null,{"v":350000,"d":"350,000.00"}]
["云南省有色地质局楚雄勘查院","530000210000000044144","一般公用经费","2150107","有色金属矿勘探和采选","30205","水费",{"v":20000,"d":"20,000.00"},{"$nulls":9},{"v":20000,"d":"20,000.00"},{"$nulls":4},{"v":20000,"d":"20,000.00"}]
["云南省有色地质局楚雄勘查院","530000210000000044144","一般公用经费","2150107","有色金属矿勘探和采选","30206","电费",{"v":30000,"d":"30,000.00"},{"$nulls":9},{"v":30000,"d":"30,000.00"},{"$nulls":4},{"v":30000,"d":"30,000.00"}]
["云南省有色地质局楚雄勘查院","530000210000000044144","一般公用经费","2150107","有色金属矿勘探和采选","30207","邮电费",{"v":60000,"d":"60,000.00"},{"$nulls":9},{"v":60000,"d":"60,000.00"},{"v":60000,"d":"60,000.00"}]
["云南省有色地质局楚雄勘查院","530000210000000044144","一般公用经费","2150107","有色金属矿勘探和采选","30209","物业管理费",{"v":550000,"d":"550,000.00"},{"$nulls":9},{"v":550000,"d":"550,000.00"},{"$nulls":4},{"v":550000,"d":"550,000.00"}]
["云南省有色地质局楚雄勘查院","530000210000000044144","一般公用经费","2150107","有色金属矿勘探和采选","30211","差旅费",{"v":3850000,"d":"3,850,000.00"},{"$nulls":9},{"v":3850000,"d":"3,850,000.00"},{"v":1850000,"d":"1,850,000.00"},null,{"v":2000000,"d":"2,000,000.00"}]
["云南省有色地质局楚雄勘查院","530000210000000044144","一般公用经费","2150107","有色金属矿勘探和采选","30213","维修（护）费",{"v":390000,"d":"390,000.00"},{"$nulls":9},{"v":390000,"d":"390,000.00"},{"v":390000,"d":"390,000.00"}]
["云南省有色地质局楚雄勘查院","530000210000000044144","一般公用经费","2150107","有色金属矿勘探和采选","30214","租赁费",{"v":150000,"d":"150,000.00"},{"$nulls":9},{"v":150000,"d":"150,000.00"},{"v":150000,"d":"150,000.00"}]
["云南省有色地质局楚雄勘查院","530000210000000044144","一般公用经费","2150107","有色金属矿勘探和采选","30216","培训费",{"v":50000,"d":"50,000.00"},{"$nulls":9},{"v":50000,"d":"50,000.00"},{"v":50000,"d":"50,000.00"}]
["云南省有色地质局楚雄勘查院","530000210000000044144","一般公用经费","2150107","有色金属矿勘探和采选","30226","劳务费",{"v":703000,"d":"703,000.00"},{"$nulls":9},{"v":703000,"d":"703,000.00"},{"v":703000,"d":"703,000.00"}]
["云南省有色地质局楚雄勘查院","530000210000000044144","一般公用经费","2150107","有色金属矿勘探和采选","30227","委托业务费",{"v":19040000,"d":"19,040,000.00"},{"$nulls":9},{"v":19040000,"d":"19,040,000.00"},{"v":18590000,"d":"18,590,000.00"},null,{"v":450000,"d":"450,000.00"}]
["云南省有色地质局楚雄勘查院","530000210000000044144","一般公用经费","2150107","有色金属矿勘探和采选","30239","其他交通费用",{"v":1000000,"d":"1,000,000.00"},{"$nulls":9},{"v":1000000,"d":"1,000,000.00"},{"v":1000000,"d":"1,000,000.00"}]
["云南省有色地质局楚雄勘查院","530000210000000044144","一般公用经费","2150107","有色金属矿勘探和采选","30240","税金及附加费用",{"v":4500000,"d":"4,500,000.00"},{"$nulls":9},{"v":4500000,"d":"4,500,000.00"},{"v":4500000,"d":"4,500,000.00"}]
["云南省有色地质局楚雄勘查院","530000210000000044144","一般公用经费","2150107","有色金属矿勘探和采选","30299","其他商品和服务支出",{"v":3000000,"d":"3,000,000.00"},{"$nulls":9},{"v":3000000,"d":"3,000,000.00"},{"v":1000000,"d":"1,000,000.00"},null,{"v":2000000,"d":"2,000,000.00"}]
["云南省有色地质局楚雄勘查院","530000210000000044144","一般公用经费","2150107","有色金属矿勘探和采选","31002","办公设备购置",{"v":363200,"d":"363,200.00"},{"$nulls":9},{"v":363200,"d":"363,200.00"},{"v":363200,"d":"363,200.00"}]
["云南省有色地质局楚雄勘查院","530000210000000044144","一般公用经费","2150107","有色金属矿勘探和采选","31003","专用设备购置",{"v":695000,"d":"695,000.00"},{"$nulls":9},{"v":695000,"d":"695,000.00"},{"v":695000,"d":"695,000.00"}]
["云南省有色地质局楚雄勘查院","530000210000000044144","一般公用经费","2150107","有色金属矿勘探和采选","31007","信息网络及软件购置更新",{"v":20000,"d":"20,000.00"},{"$nulls":9},{"v":20000,"d":"20,000.00"},{"v":20000,"d":"20,000.00"}]
["合  计",{"$nulls":6},{"v":765563900.4,"d":"765,563,900.40"},{"v":126276690.4,"d":"126,276,690.40"},{"v":31545397.6,"d":"31,545,397.60"},null,{"v":94731292.8,"d":"94,731,292.80"},{"$nulls":5},{"v":639287210,"d":"639,287,210.00"},{"v":430043670,"d":"430,043,670.00"},null,{"v":85000000,"d":"85,000,000.00"},{"v":51858000,"d":"51,858,000.00"},{"v":72385540,"d":"72,385,540.00"}]

{"sheet":"部门项目支出预算表05-1","index":7,"n_rows":24,"n_cols":23,"rows_kept":24,"merged":[[1,0,1,22],[2,0,2,8],[3,0,5,0],[3,1,5,1],[3,2,5,2],[3,3,5,3],[3,4,5,4],[3,5,5,5],[3,6,5,6],[3,7,5,7],[3,8,5,8],[3,9,3,12],[3,13,3,15],[3,16,5,16],[3,17,3,22],[4,9,4,10],[4,11,5,11],[4,12,5,12],[4,13,5,13],[4,14,5,14],[4,15,5,15],[4,17,5,17],[4,18,5,18],[4,19,5,19],[4,20,5,20],[4,21,5,21],[4,22,5,22],[23,0,23,7]]}
[{"$nulls":22},"预算05-1表"]
["2026年部门项目支出预算表"]
[{"$f":"\"单位名称：\"&\"云南省有色地质局\"","v":"单位名称：云南省有色地质局"},"单位名称：云南省有色地质局",{"$nulls":20},"单位：元"]
["项目分类","项目代码","项目名称","项目单位","功能科目编码","功能科目名称","经济科目编码","经济科目名称","合计","本年拨款",{"$nulls":3},"财政拨款结转结余",null,null,"财政专户管理资金","单位资金"]
[{"$nulls":9},"一般公共预算",null,"政府性基金预算","国有资本经营预算","一般公共预算","政府性基金预算","国有资本经营预算",null,"小计","事业收入","事业单位\n经营收入","上级补助收入","附属单位上缴收入","其他收入"]
[{"$nulls":9},"小计","其中：本次下达"]
[1,2,3,4,5,6,7,8,9,10,11,12,13,14,15,16,17,18,19,20,21,22,23]
[null,null,"因公出国境项目经费",{"$nulls":5},{"v":159500,"d":"159,500.00"},{"$nulls":8},{"v":159500,"d":"159,500.00"},{"$nulls":4},{"v":159500,"d":"159,500.00"}]
["因公出国（境）经费","530000251100003279190","因公出国境项目经费","云南省有色地质局","2150107","有色金属矿勘探和采选","30212","因公出国（境）费用",{"v":159500,"d":"159,500.00"},{"$nulls":8},{"v":159500,"d":"159,500.00"},{"$nulls":4},{"v":159500,"d":"159,500.00"}]
[null,null,"因公出国（境）专项经费",{"$nulls":5},{"v":300000,"d":"300,000.00"},{"$nulls":8},{"v":300000,"d":"300,000.00"},{"v":300000,"d":"300,000.00"}]
["因公出国（境）经费","530000261100004753194","因公出国（境）专项经费","云南省有色地质局地质地球物理化学勘查院","2150107","有色金属矿勘探和采选","30212","因公出国（境）费用",{"v":300000,"d":"300,000.00"},{"$nulls":8},{"v":300000,"d":"300,000.00"},{"v":300000,"d":"300,000.00"}]
[null,null,"因公出国境项目经费",{"$nulls":5},{"v":25200,"d":"25,200.00"},{"$nulls":8},{"v":25200,"d":"25,200.00"},{"v":25200,"d":"25,200.00"}]
["因公出国（境）经费","530000251100003347174","因公出国境项目经费","云南省有色地质局三0六队","2150107","有色金属矿勘探和采选","30212","因公出国（境）费用",{"v":25200,"d":"25,200.00"},{"$nulls":8},{"v":25200,"d":"25,200.00"},{"v":25200,"d":"25,200.00"}]
[null,null,"因公出国（境）经费",{"$nulls":5},{"v":600000,"d":"600,000.00"},{"$nulls":8},{"v":600000,"d":"600,000.00"},{"v":600000,"d":"600,000.00"}]
["因公出国（境）经费","530000251100003346793","因公出国（境）经费","云南省有色地质局三0八队","2150107","有色金属矿勘探和采选","30212","因公出国（境）费用",{"v":600000,"d":"600,000.00"},{"$nulls":8},{"v":600000,"d":"600,000.00"},{"v":600000,"d":"600,000.00"}]
[null,null,"因公出国（境）专项经费",{"$nulls":5},{"v":38000,"d":"38,000.00"},{"$nulls":8},{"v":38000,"d":"38,000.00"},{"v":38000,"d":"38,000.00"}]
["因公出国（境）经费","530000261100004740451","因公出国（境）专项经费","云南省有色地质局三一0队","2150107","有色金属矿勘探和采选","30212","因公出国（境）费用",{"v":38000,"d":"38,000.00"},{"$nulls":8},{"v":38000,"d":"38,000.00"},{"v":38000,"d":"38,000.00"}]
[null,null,"因公出国境项目经费",{"$nulls":5},{"v":56800,"d":"56,800.00"},{"$nulls":8},{"v":56800,"d":"56,800.00"},{"v":56800,"d":"56,800.00"}]
["因公出国（境）经费","530000251100003347266","因公出国境项目经费","云南省有色地质局三一三队","2150107","有色金属矿勘探和采选","30212","因公出国（境）费用",{"v":56800,"d":"56,800.00"},{"$nulls":8},{"v":56800,"d":"56,800.00"},{"v":56800,"d":"56,800.00"}]
[null,null,"因公出国（境）专项经费",{"$nulls":5},{"v":35000,"d":"35,000.00"},{"$nulls":8},{"v":35000,"d":"35,000.00"},{"v":35000,"d":"35,000.00"}]
["因公出国（境）经费","530000261100004756625","因公出国（境）专项经费","云南省有色地质局三一七队","2150107","有色金属矿勘探和采选","30212","因公出国（境）费用",{"v":35000,"d":"35,000.00"},{"$nulls":8},{"v":35000,"d":"35,000.00"},{"v":35000,"d":"35,000.00"}]
[null,null,"因公出国境项目经费",{"$nulls":5},{"v":104600,"d":"104,600.00"},{"$nulls":8},{"v":104600,"d":"104,600.00"},{"v":104600,"d":"104,600.00"}]
["因公出国（境）经费","530000251100003346951","因公出国境项目经费","云南省有色地质局楚雄勘查院","2150107","有色金属矿勘探和采选","30212","因公出国（境）费用",{"v":104600,"d":"104,600.00"},{"$nulls":8},{"v":104600,"d":"104,600.00"},{"v":104600,"d":"104,600.00"}]
["合  计",{"$nulls":7},{"v":1319100,"d":"1,319,100.00"},{"$nulls":8},{"v":1319100,"d":"1,319,100.00"},{"v":1159600,"d":"1,159,600.00"},{"$nulls":3},{"v":159500,"d":"159,500.00"}]

{"sheet":"部门项目支出绩效目标表05-2","index":8,"n_rows":39,"n_cols":10,"rows_kept":39,"merged":[[1,0,1,9],[2,0,2,7],[7,0,9,0],[7,1,9,1],[11,0,14,0],[11,1,14,1],[16,0,18,0],[16,1,18,1],[20,0,22,0],[20,1,22,1],[24,0,26,0],[24,1,26,1],[28,0,30,0],[28,1,30,1],[32,0,34,0],[32,1,34,1],[36,0,38,0],[36,1,38,1]]}
[{"$nulls":9},"预算05-2表"]
["2026年部门项目支出绩效目标表"]
[{"$f":"\"单位名称：\"&\"云南省有色地质局\"","v":"单位名称：云南省有色地质局"}]
["单位名称、项目名称","项目年度绩效目标","一级指标","二级指标","三级指标","指标性质","指标值","度量单位","指标属性","指标内容"]
[1,2,3,4,5,6,7,8,9,10]
["云南省有色地质局"]
["云南省有色地质局"]
["因公出国境项目经费","顺利完成商务洽谈和对所属单位境外项目的综合检查。","产出指标","数量指标","开展检查（核查）次数",">=","1.00","人、次","定量指标","反映检查核查的次数情况。"]
["因公出国境项目经费","顺利完成商务洽谈和对所属单位境外项目的综合检查","效益指标","社会效益","促成成果数",">=","1.00","个","定量指标","反映出访团组出访促进成果达成的数量情况，如提出建设性意见、建议的数量等。"]
["因公出国境项目经费","顺利完成商务洽谈和对所属单位境外项目的综合检查","满意度指标","服务对象满意度","满意度",">=","85","%","定量指标","反映服务对象对检查核查工作的整体满意情况。"]
["云南省有色地质局地质地球物理化学勘查院"]
["因公出国（境）专项经费","顺利完成商务洽谈和单位境外项目的执行。","产出指标","数量指标","出访团组批次",">=","2","人/人次","定量指标","反映年度组织出访批次和团组的数量情况。"]
["因公出国（境）专项经费","顺利完成商务洽谈和单位境外项目的执行。","产出指标","质量指标","安全事故发生次数","<=","1.00","人次","定量指标","反映地质勘查项目实施期间的安全目标。"]
["因公出国（境）专项经费","顺利完成商务洽谈和单位境外项目的执行。","效益指标","社会效益","境外项目合同额",">=","100","万元","定量指标","反应境外项目合同签订、执行情况"]
["因公出国（境）专项经费","顺利完成商务洽谈和单位境外项目的执行。","满意度指标","服务对象满意度","客户满意度",">=","85","%","定量指标","反应客户对单位地勘工作的满意度"]
["云南省有色地质局三0六队"]
["因公出国境项目经费","顺利完成项目调查和对单位境外项目的执行。","产出指标","数量指标","项目执行数","=","1.00","个","定量指标","反映项目执行情况。"]
["因公出国境项目经费","顺利完成项目调查和对单位境外项目的执行。","效益指标","社会效益","促成成果数",">=","1.00","个","定量指标","反映出访团组出访促进成果达成的数量情况，如提出建设性意见、建议的数量等。"]
["因公出国境项目经费","顺利完成项目调查和对单位境外项目的执行。","满意度指标","服务对象满意度","客户满意度",">=","85","%","定量指标","反映客户对项目调查工作的满意程度。"]
["云南省有色地质局三0八队"]
["因公出国（境）经费","顺利完成商务洽谈、业务工作开展和对所属单位境外项目的综合检查","产出指标","数量指标","开展检查（核查）次数",">=","5","人次","定量指标","反映检查核查的次数情况。"]
["因公出国（境）经费","  顺利完成商务洽谈、业务工作开展和对所属单位境外项目的综合检查","效益指标","社会效益","促成成果数",">=","5","个","定量指标","反映出访团组出访促进成果达成的数量情况，如提出建设性意见、建议的数量等。"]
["因公出国（境）经费","  顺利完成商务洽谈、业务工作开展和对所属单位境外项目的综合检查","满意度指标","服务对象满意度","满意度",">=","90","%","定量指标","反映服务对象对检查核查工作的整体满意情况。"]
["云南省有色地质局三一0队"]
["因公出国（境）专项经费","顺利完成项目任务、野外踏勘和商务洽谈。","产出指标","数量指标","开展检查（核查）次数",">=","2","人次","定量指标","反映检查核查的次数情况。"]
["因公出国（境）专项经费","顺利完成项目任务、野外踏勘和商务洽谈。","效益指标","社会效益","促成成果数",">=","2","个","定量指标","反映出访团组出访促进成果达成的数量情况，如提出建设性意见、建议的数量等。"]
["因公出国（境）专项经费","顺利完成项目任务、野外踏勘和商务洽谈。","满意度指标","服务对象满意度","满意度",">=","85.00","%","定量指标","反映服务对象对检查核查工作的整体满意情况。"]
["云南省有色地质局三一三队"]
["因公出国境项目经费","顺利完成项目任务、野外踏勘和商务洽谈。","产出指标","数量指标","开展项目勘查、野外踏勘次数",">=","4","次","定量指标","反映开展项目勘查、野外踏勘次数情况。"]
["因公出国境项目经费","顺利完成项目任务、野外踏勘和商务洽谈。","效益指标","社会效益","促成成果数",">=","2","个","定量指标","反映出访团组出访促进成果达成情况，如达成合作项目、提出建设性意见、建议的数量等。"]
["因公出国境项目经费","顺利完成项目任务、野外踏勘和商务洽谈。","满意度指标","服务对象满意度","客户满意度",">=","90","%","定量指标","反映客户对单位技术服务等工作的满意程度。"]
["云南省有色地质局三一七队"]
["因公出国（境）专项经费","顺利完成境外项目踏勘及项目的综合检查等工作。","产出指标","数量指标","开展境外项目踏勘人次",">=","2","人次","定量指标","反映单位境外项目拓展开展情况。"]
["因公出国（境）专项经费","顺利完成境外项目踏勘及项目的综合检查等工作。","效益指标","经济效益","境外项目合同额",">=","100","万元","定量指标","反映境外项目的合同签订、执行情况。"]
["因公出国（境）专项经费","顺利完成境外项目踏勘及项目的综合检查等工作。","满意度指标","服务对象满意度","客户满意度",">=","85","%","定量指标","反映客户对单位地勘工作的满意度。"]
["云南省有色地质局楚雄勘查院"]
["因公出国境项目经费","顺利完成商务洽谈和单位境外项目的执行。\t\t\t\t\n","产出指标","数量指标","境外项目执行数",">=","1.00","个","定量指标","反映项目执行个数情况。\n"]
["因公出国境项目经费","顺利完成商务洽谈和单位境外项目的执行。\t\t\t\t\n","效益指标","经济效益","境外项目合同额",">=","300.00","万元","定量指标","反应境外项目合同签订、执行情况"]
["因公出国境项目经费","顺利完成商务洽谈和单位境外项目的执行。\t\t\t\t\n","满意度指标","服务对象满意度","客户满意度",">=","85","%","定量指标","反应客户对单位地勘工作的满意度"]

{"sheet":"部门政府性基金预算表06","index":9,"n_rows":9,"n_cols":6,"rows_kept":9,"merged":[[1,0,1,5],[3,0,4,0],[3,1,4,1],[3,2,4,2],[3,3,3,5],[7,0,7,2],[8,0,8,5]]}
[{"$nulls":5},"预算06表"]
["2026年政府性基金预算支出预算表"]
[{"$f":"\"单位名称：\"&\"云南省有色地质局\"","v":"单位名称：云南省有色地质局"},{"$nulls":4},"单位:元"]
["单位名称","科目编码","科目名称","政府性基金预算支出"]
[{"$nulls":3},"合计","基本支出","项目支出"]
[1,2,3,4,5,6]
[]
["合  计",null,"合  计"]
["说明：我部门无政府性基金预算支出，因此《2026年政府性基金预算支出预算表》（预算06表）公开空表。"]

{"sheet":"部门政府采购预算表07","index":10,"n_rows":168,"n_cols":17,"rows_kept":168,"merged":[[1,0,1,16],[2,0,2,5],[3,0,5,0],[3,1,5,1],[3,2,5,2],[3,3,5,3],[3,4,5,4],[3,5,5,5],[3,6,3,16],[4,6,5,6],[4,7,5,7],[4,8,5,8],[4,9,5,9],[4,10,5,10],[4,11,4,16],[167,0,167,4]]}
[{"$nulls":16},"预算07表"]
["2026年部门政府采购预算表"]
[{"$f":"\"单位名称：\"&\"云南省有色地质局\"","v":"单位名称：云南省有色地质局"},{"$nulls":15},"单位：元"]
["预算项目","采购项目","采购品目","计量\n单位","数量","面向中小企业预留资金","资金来源"]
[{"$nulls":6},"合计","一般公共预算","政府性\n基金","国有资本经营收益","财政专户管理的收入","单位自筹"]
[{"$nulls":7},"小计",{"$nulls":3},"小计","事业收入","事业单位\n经营收入","上级补助收入","附属单位上缴收入","其他收入"]
[1,2,3,4,5,6,7,8,9,10,11,12,13,14,15,16,17]
["云南省有色地质局",{"$nulls":4},{"v":506400,"d":"506,400.00"},{"v":706400,"d":"706,400.00"},{"v":10000,"d":"10,000.00"},{"$nulls":3},{"v":696400,"d":"696,400.00"},{"v":203000,"d":"203,000.00"},{"$nulls":3},{"v":493400,"d":"493,400.00"}]
["云南省有色地质局",{"$nulls":4},{"v":296400,"d":"296,400.00"},{"v":496400,"d":"496,400.00"},{"v":10000,"d":"10,000.00"},{"$nulls":3},{"v":486400,"d":"486,400.00"},{"$nulls":4},{"v":486400,"d":"486,400.00"}]
["公车购置及运维费","2026年公务用车加油服务","C23120302 车辆加油、添加燃料服务","年",1,null,{"v":90000,"d":"90,000.00"},{"$nulls":4},{"v":90000,"d":"90,000.00"},{"$nulls":4},{"v":90000,"d":"90,000.00"}]
["公车购置及运维费","2026年公务用车维修和保养服务","C23120301 车辆维修和保养服务","年",1,null,{"v":80000,"d":"80,000.00"},{"$nulls":4},{"v":80000,"d":"80,000.00"},{"$nulls":4},{"v":80000,"d":"80,000.00"}]
["公车购置及运维费","2026年公务用车保险服","C1804010201 机动车保险服务","年",1,null,{"v":30000,"d":"30,000.00"},{"$nulls":4},{"v":30000,"d":"30,000.00"},{"$nulls":4},{"v":30000,"d":"30,000.00"}]
["一般公用经费","2026年打印机采购","A02021003 A4黑白打印机","台",4,{"v":6000,"d":"6,000.00"},{"v":6000,"d":"6,000.00"},{"$nulls":4},{"v":6000,"d":"6,000.00"},{"$nulls":4},{"v":6000,"d":"6,000.00"}]
["一般公用经费","2026年办公椅（厅级）采购","A05010301 办公椅","把",3,{"v":4500,"d":"4,500.00"},{"v":4500,"d":"4,500.00"},{"$nulls":4},{"v":4500,"d":"4,500.00"},{"$nulls":4},{"v":4500,"d":"4,500.00"}]
["一般公用经费","2026年笔记本电脑采购","A02010108 便携式计算机","台",6,{"v":54000,"d":"54,000.00"},{"v":54000,"d":"54,000.00"},{"$nulls":4},{"v":54000,"d":"54,000.00"},{"$nulls":4},{"v":54000,"d":"54,000.00"}]
["一般公用经费","2026年打印纸采购","A05040101 复印纸","件",70,{"v":11900,"d":"11,900.00"},{"v":11900,"d":"11,900.00"},{"$nulls":4},{"v":11900,"d":"11,900.00"},{"$nulls":4},{"v":11900,"d":"11,900.00"}]
["一般公用经费","2026年档案密集架采购","A05010602 金属质架类","组",1,{"v":40000,"d":"40,000.00"},{"v":40000,"d":"40,000.00"},{"$nulls":4},{"v":40000,"d":"40,000.00"},{"$nulls":4},{"v":40000,"d":"40,000.00"}]
["一般公用经费","2026年空调采购","A02061804 空调机","台",2,{"v":14000,"d":"14,000.00"},{"v":14000,"d":"14,000.00"},{"$nulls":4},{"v":14000,"d":"14,000.00"},{"$nulls":4},{"v":14000,"d":"14,000.00"}]
["一般公用经费","2026年硒鼓采购","A05040299 其他硒鼓、粉盒","组",1,{"v":10000,"d":"10,000.00"},{"v":10000,"d":"10,000.00"},{"v":10000,"d":"10,000.00"}]
["一般公用经费","2026年会议室音频设备采购","A02080805 视频会议系统及会议室音频系统","套",1,{"v":100000,"d":"100,000.00"},{"v":100000,"d":"100,000.00"},{"$nulls":4},{"v":100000,"d":"100,000.00"},{"$nulls":4},{"v":100000,"d":"100,000.00"}]
["一般公用经费","2026年台式机采购","A02010105 台式计算机","台",6,{"v":36000,"d":"36,000.00"},{"v":36000,"d":"36,000.00"},{"$nulls":4},{"v":36000,"d":"36,000.00"},{"$nulls":4},{"v":36000,"d":"36,000.00"}]
["一般公用经费","2026年文件柜采购","A05010502 文件柜","组",5,{"v":5000,"d":"5,000.00"},{"v":5000,"d":"5,000.00"},{"$nulls":4},{"v":5000,"d":"5,000.00"},{"$nulls":4},{"v":5000,"d":"5,000.00"}]
["一般公用经费","2026年液晶屏采购","A02021104 液晶显示器","台",1,{"v":15000,"d":"15,000.00"},{"v":15000,"d":"15,000.00"},{"$nulls":4},{"v":15000,"d":"15,000.00"},{"$nulls":4},{"v":15000,"d":"15,000.00"}]
["云南省有色地质局地质勘查院",{"$nulls":4},{"v":210000,"d":"210,000.00"},{"v":210000,"d":"210,000.00"},{"$nulls":4},{"v":210000,"d":"210,000.00"},{"v":203000,"d":"203,000.00"},{"$nulls":3},{"v":7000,"d":"7,000.00"}]
["公车购置及运维费","车辆加油、添加燃料服务","C23120302 车辆加油、添加燃料服务","年",1,{"v":180000,"d":"180,000.00"},{"v":180000,"d":"180,000.00"},{"$nulls":4},{"v":180000,"d":"180,000.00"},{"v":180000,"d":"180,000.00"}]
["公车购置及运维费","车辆维修和保养服务","C23120301 车辆维修和保养服务","年",1,{"v":7000,"d":"7,000.00"},{"v":7000,"d":"7,000.00"},{"$nulls":4},{"v":7000,"d":"7,000.00"},{"$nulls":4},{"v":7000,"d":"7,000.00"}]
["公车购置及运维费","车辆维修和保养服务","C23120301 车辆维修和保养服务","项",1,{"v":13000,"d":"13,000.00"},{"v":13000,"d":"13,000.00"},{"$nulls":4},{"v":13000,"d":"13,000.00"},{"v":13000,"d":"13,000.00"}]
["公车购置及运维费","机动车保险服务","C1804010201 机动车保险服务","年",1,{"v":10000,"d":"10,000.00"},{"v":10000,"d":"10,000.00"},{"$nulls":4},{"v":10000,"d":"10,000.00"},{"v":10000,"d":"10,000.00"}]
["云南省有色地质局机关后勤服务中心",{"$nulls":4},{"v":327000,"d":"327,000.00"},{"v":327000,"d":"327,000.00"},{"$nulls":4},{"v":327000,"d":"327,000.00"},{"$nulls":4},{"v":327000,"d":"327,000.00"}]
["一般公用经费","电视机","A02091001 普通电视设备（电视机）","台",1,{"v":3000,"d":"3,000.00"},{"v":3000,"d":"3,000.00"},{"$nulls":4},{"v":3000,"d":"3,000.00"},{"$nulls":4},{"v":3000,"d":"3,000.00"}]
["一般公用经费","台式电脑","A02010105 台式计算机","台",4,{"v":24000,"d":"24,000.00"},{"v":24000,"d":"24,000.00"},{"$nulls":4},{"v":24000,"d":"24,000.00"},{"$nulls":4},{"v":24000,"d":"24,000.00"}]
["一般公用经费","物业费","C21040001 物业管理服务","年",1,{"v":300000,"d":"300,000.00"},{"v":300000,"d":"300,000.00"},{"$nulls":4},{"v":300000,"d":"300,000.00"},{"$nulls":4},{"v":300000,"d":"300,000.00"}]
["云南省有色地质局地质研究所",{"$nulls":4},{"v":792800,"d":"792,800.00"},{"v":854800,"d":"854,800.00"},{"$nulls":4},{"v":854800,"d":"854,800.00"},{"$nulls":4},{"v":854800,"d":"854,800.00"}]
["一般公用经费","A3彩色打印机","A02021002 A3彩色打印机","台",1,{"v":15000,"d":"15,000.00"},{"v":15000,"d":"15,000.00"},{"$nulls":4},{"v":15000,"d":"15,000.00"},{"$nulls":4},{"v":15000,"d":"15,000.00"}]
["一般公用经费","A4彩色打印机","A02021004 A4彩色打印机","台",1,{"v":4000,"d":"4,000.00"},{"v":4000,"d":"4,000.00"},{"$nulls":4},{"v":4000,"d":"4,000.00"},{"$nulls":4},{"v":4000,"d":"4,000.00"}]
["一般公用经费","保安服务-物业管理服务","C05040300 保安服务","年",1,{"v":100000,"d":"100,000.00"},{"v":100000,"d":"100,000.00"},{"$nulls":4},{"v":100000,"d":"100,000.00"},{"$nulls":4},{"v":100000,"d":"100,000.00"}]
["一般公用经费","笔记本电脑","A02010108 便携式计算机","台",3,{"v":27000,"d":"27,000.00"},{"v":27000,"d":"27,000.00"},{"$nulls":4},{"v":27000,"d":"27,000.00"},{"$nulls":4},{"v":27000,"d":"27,000.00"}]
["一般公用经费","复印纸","A05040101 复印纸","箱",60,{"v":10800,"d":"10,800.00"},{"v":10800,"d":"10,800.00"},{"$nulls":4},{"v":10800,"d":"10,800.00"},{"$nulls":4},{"v":10800,"d":"10,800.00"}]
["一般公用经费","台式电脑","A02010105 台式计算机","台",5,{"v":30000,"d":"30,000.00"},{"v":30000,"d":"30,000.00"},{"$nulls":4},{"v":30000,"d":"30,000.00"},{"$nulls":4},{"v":30000,"d":"30,000.00"}]
["一般公用经费","文件柜","A05010502 文件柜","组",6,{"v":6000,"d":"6,000.00"},{"v":6000,"d":"6,000.00"},{"$nulls":4},{"v":6000,"d":"6,000.00"},{"$nulls":4},{"v":6000,"d":"6,000.00"}]
["一般公用经费","物业管理服务-保洁服务费","C21040001 物业管理服务","年",1,{"v":150000,"d":"150,000.00"},{"v":150000,"d":"150,000.00"},{"$nulls":4},{"v":150000,"d":"150,000.00"},{"$nulls":4},{"v":150000,"d":"150,000.00"}]
["一般公用经费","物业管理服务-垃圾清运费","C21040001 物业管理服务","年",1,{"v":150000,"d":"150,000.00"},{"v":150000,"d":"150,000.00"},{"$nulls":4},{"v":150000,"d":"150,000.00"},{"$nulls":4},{"v":150000,"d":"150,000.00"}]
["一般公用经费","物业管理服务-零星维修材料费等","C21040001 物业管理服务","年",1,{"v":180000,"d":"180,000.00"},{"v":180000,"d":"180,000.00"},{"$nulls":4},{"v":180000,"d":"180,000.00"},{"$nulls":4},{"v":180000,"d":"180,000.00"}]
["一般公用经费","物业管理服务-绿化费","C21040001 物业管理服务","年",1,{"v":120000,"d":"120,000.00"},{"v":120000,"d":"120,000.00"},{"$nulls":4},{"v":120000,"d":"120,000.00"},{"$nulls":4},{"v":120000,"d":"120,000.00"}]
["公车购置及运维费","车辆加油、添加燃料服务","C23120302 车辆加油、添加燃料服务","辆",2,null,{"v":20000,"d":"20,000.00"},{"$nulls":4},{"v":20000,"d":"20,000.00"},{"$nulls":4},{"v":20000,"d":"20,000.00"}]
["公车购置及运维费","车辆维修和保养服务","C23120301 车辆维修和保养服务","年",1,null,{"v":27000,"d":"27,000.00"},{"$nulls":4},{"v":27000,"d":"27,000.00"},{"$nulls":4},{"v":27000,"d":"27,000.00"}]
["公车购置及运维费","机动车保险服务","C1804010201 机动车保险服务","年",1,null,{"v":15000,"d":"15,000.00"},{"$nulls":4},{"v":15000,"d":"15,000.00"},{"$nulls":4},{"v":15000,"d":"15,000.00"}]
["云南省有色地质局地质地球物理化学勘查院",{"$nulls":4},{"v":1869900,"d":"1,869,900.00"},{"v":1869900,"d":"1,869,900.00"},{"$nulls":4},{"v":1869900,"d":"1,869,900.00"},{"v":1869900,"d":"1,869,900.00"}]
["公车购置及运维费","车辆加油、添加燃料服务","C23120302 车辆加油、添加燃料服务","年",1,{"v":800000,"d":"800,000.00"},{"v":800000,"d":"800,000.00"},{"$nulls":4},{"v":800000,"d":"800,000.00"},{"v":800000,"d":"800,000.00"}]
["公车购置及运维费","车辆维修和保养服务","C23120301 车辆维修和保养服务","年",1,{"v":200000,"d":"200,000.00"},{"v":200000,"d":"200,000.00"},{"$nulls":4},{"v":200000,"d":"200,000.00"},{"v":200000,"d":"200,000.00"}]
["公车购置及运维费","机动车保险服务","C1804010201 机动车保险服务","年",1,{"v":100000,"d":"100,000.00"},{"v":100000,"d":"100,000.00"},{"$nulls":4},{"v":100000,"d":"100,000.00"},{"v":100000,"d":"100,000.00"}]
["一般公用经费","办公椅","A05010301 办公椅","件",20,{"v":16000,"d":"16,000.00"},{"v":16000,"d":"16,000.00"},{"$nulls":4},{"v":16000,"d":"16,000.00"},{"v":16000,"d":"16,000.00"}]
["一般公用经费","办公桌","A05010201 办公桌","件",20,{"v":16000,"d":"16,000.00"},{"v":16000,"d":"16,000.00"},{"$nulls":4},{"v":16000,"d":"16,000.00"},{"v":16000,"d":"16,000.00"}]
["一般公用经费","便携式计算机","A02010108 便携式计算机","台",30,{"v":240000,"d":"240,000.00"},{"v":240000,"d":"240,000.00"},{"$nulls":4},{"v":240000,"d":"240,000.00"},{"v":240000,"d":"240,000.00"}]
["一般公用经费","小茶几","A05010204 茶几","个",3,{"v":2400,"d":"2,400.00"},{"v":2400,"d":"2,400.00"},{"$nulls":4},{"v":2400,"d":"2,400.00"},{"v":2400,"d":"2,400.00"}]
["一般公用经费","单人沙发","A05010402 单人沙发","个",10,{"v":10000,"d":"10,000.00"},{"v":10000,"d":"10,000.00"},{"$nulls":4},{"v":10000,"d":"10,000.00"},{"v":10000,"d":"10,000.00"}]
["一般公用经费","复印机","A02020100 复印机","台",3,{"v":60000,"d":"60,000.00"},{"v":60000,"d":"60,000.00"},{"$nulls":4},{"v":60000,"d":"60,000.00"},{"v":60000,"d":"60,000.00"}]
["一般公用经费","复印机","A02020100 复印机","台",2,{"v":80000,"d":"80,000.00"},{"v":80000,"d":"80,000.00"},{"$nulls":4},{"v":80000,"d":"80,000.00"},{"v":80000,"d":"80,000.00"}]
["一般公用经费","复印纸","A05040101 复印纸","项",{"v":1800,"d":"1,800"},{"v":72000,"d":"72,000.00"},{"v":72000,"d":"72,000.00"},{"$nulls":4},{"v":72000,"d":"72,000.00"},{"v":72000,"d":"72,000.00"}]
["一般公用经费","会议椅 ","A05010303 会议椅","个",20,{"v":16000,"d":"16,000.00"},{"v":16000,"d":"16,000.00"},{"$nulls":4},{"v":16000,"d":"16,000.00"},{"v":16000,"d":"16,000.00"}]
["一般公用经费","会议桌","A05010202 会议桌","平方米",20,{"v":20000,"d":"20,000.00"},{"v":20000,"d":"20,000.00"},{"$nulls":4},{"v":20000,"d":"20,000.00"},{"v":20000,"d":"20,000.00"}]
["一般公用经费","印刷服务","C2309019999 其他印刷服务","项",2,{"v":100000,"d":"100,000.00"},{"v":100000,"d":"100,000.00"},{"$nulls":4},{"v":100000,"d":"100,000.00"},{"v":100000,"d":"100,000.00"}]
["一般公用经费","书柜","A05010501 书柜","个",5,{"v":6000,"d":"6,000.00"},{"v":6000,"d":"6,000.00"},{"$nulls":4},{"v":6000,"d":"6,000.00"},{"v":6000,"d":"6,000.00"}]
["一般公用经费","碎纸机","A02021301 碎纸机","台",5,{"v":4000,"d":"4,000.00"},{"v":4000,"d":"4,000.00"},{"$nulls":4},{"v":4000,"d":"4,000.00"},{"v":4000,"d":"4,000.00"}]
["一般公用经费","台式计算机","A02010105 台式计算机","台",16,{"v":96000,"d":"96,000.00"},{"v":96000,"d":"96,000.00"},{"$nulls":4},{"v":96000,"d":"96,000.00"},{"v":96000,"d":"96,000.00"}]
["一般公用经费","密码文件柜","A05010502 文件柜","个",5,{"v":17500,"d":"17,500.00"},{"v":17500,"d":"17,500.00"},{"$nulls":4},{"v":17500,"d":"17,500.00"},{"v":17500,"d":"17,500.00"}]
["一般公用经费","文件柜","A05010502 文件柜","个",10,{"v":10000,"d":"10,000.00"},{"v":10000,"d":"10,000.00"},{"$nulls":4},{"v":10000,"d":"10,000.00"},{"v":10000,"d":"10,000.00"}]
["一般公用经费","饮水机","A02061818 饮水器","台",4,{"v":4000,"d":"4,000.00"},{"v":4000,"d":"4,000.00"},{"$nulls":4},{"v":4000,"d":"4,000.00"},{"v":4000,"d":"4,000.00"}]
["云南省有色地质局三0六队",{"$nulls":4},{"v":622000,"d":"622,000.00"},{"v":1363000,"d":"1,363,000.00"},{"$nulls":4},{"v":1363000,"d":"1,363,000.00"},{"v":1363000,"d":"1,363,000.00"}]
["公车购置及运维费","车辆加油、添加燃料服务","C23120302 车辆加油、添加燃料服务","年",1,null,{"v":360000,"d":"360,000.00"},{"$nulls":4},{"v":360000,"d":"360,000.00"},{"v":360000,"d":"360,000.00"}]
["公车购置及运维费","车辆维修和保养服务","C23120301 车辆维修和保养服务","年",1,null,{"v":340000,"d":"340,000.00"},{"$nulls":4},{"v":340000,"d":"340,000.00"},{"v":340000,"d":"340,000.00"}]
["公车购置及运维费","机动车保险服务","C1804010201 机动车保险服务","年",1,null,{"v":41000,"d":"41,000.00"},{"$nulls":4},{"v":41000,"d":"41,000.00"},{"v":41000,"d":"41,000.00"}]
["一般公用经费","打印机","A02021002 A3彩色打印机","台",1,{"v":15000,"d":"15,000.00"},{"v":15000,"d":"15,000.00"},{"$nulls":4},{"v":15000,"d":"15,000.00"},{"v":15000,"d":"15,000.00"}]
["一般公用经费","笔记本电脑","A02010108 便携式计算机","台",29,{"v":261000,"d":"261,000.00"},{"v":261000,"d":"261,000.00"},{"$nulls":4},{"v":261000,"d":"261,000.00"},{"v":261000,"d":"261,000.00"}]
["一般公用经费","复印纸","A05040101 复印纸","箱",175,{"v":35000,"d":"35,000.00"},{"v":35000,"d":"35,000.00"},{"$nulls":4},{"v":35000,"d":"35,000.00"},{"v":35000,"d":"35,000.00"}]
["一般公用经费","台式电脑","A02010105 台式计算机","台",16,{"v":96000,"d":"96,000.00"},{"v":96000,"d":"96,000.00"},{"$nulls":4},{"v":96000,"d":"96,000.00"},{"v":96000,"d":"96,000.00"}]
["一般公用经费","投影仪","A02020200 投影仪","台",1,{"v":15000,"d":"15,000.00"},{"v":15000,"d":"15,000.00"},{"$nulls":4},{"v":15000,"d":"15,000.00"},{"v":15000,"d":"15,000.00"}]
["一般公用经费","物业管理服务","C21040000 物业管理服务","年",1,{"v":200000,"d":"200,000.00"},{"v":200000,"d":"200,000.00"},{"$nulls":4},{"v":200000,"d":"200,000.00"},{"v":200000,"d":"200,000.00"}]
["云南省有色地质局三0八队",{"$nulls":4},{"v":532800,"d":"532,800.00"},{"v":1536300,"d":"1,536,300.00"},{"$nulls":4},{"v":1536300,"d":"1,536,300.00"},{"v":1536300,"d":"1,536,300.00"}]
["公车购置及运维费","车辆加油、添加燃料服务","C23120302 车辆加油、添加燃料服务","年",1,null,{"v":442000,"d":"442,000.00"},{"$nulls":4},{"v":442000,"d":"442,000.00"},{"v":442000,"d":"442,000.00"}]
["公车购置及运维费","车辆维修和保养服务","C23120301 车辆维修和保养服务","年",1,null,{"v":324000,"d":"324,000.00"},{"$nulls":4},{"v":324000,"d":"324,000.00"},{"v":324000,"d":"324,000.00"}]
["公车购置及运维费","机动车保险服务","C1804010201 机动车保险服务","年",1,null,{"v":107500,"d":"107,500.00"},{"$nulls":4},{"v":107500,"d":"107,500.00"},{"v":107500,"d":"107,500.00"}]
["一般公用经费","打印机","A02021004 A4彩色打印机","台",4,{"v":16000,"d":"16,000.00"},{"v":16000,"d":"16,000.00"},{"$nulls":4},{"v":16000,"d":"16,000.00"},{"v":16000,"d":"16,000.00"}]
["一般公用经费","便携式计算机","A02010108 便携式计算机","台",30,{"v":270000,"d":"270,000.00"},{"v":270000,"d":"270,000.00"},{"$nulls":4},{"v":270000,"d":"270,000.00"},{"v":270000,"d":"270,000.00"}]
["一般公用经费","茶几","A05010204 茶几","个",4,{"v":4000,"d":"4,000.00"},{"v":4000,"d":"4,000.00"},{"$nulls":4},{"v":4000,"d":"4,000.00"},{"v":4000,"d":"4,000.00"}]
["一般公用经费","茶几","A05010204 茶几","个",1,{"v":800,"d":"800.00"},{"v":800,"d":"800.00"},{"$nulls":4},{"v":800,"d":"800.00"},{"v":800,"d":"800.00"}]
["一般公用经费","茶水柜","A05010505 茶水柜","个",1,{"v":1000,"d":"1,000.00"},{"v":1000,"d":"1,000.00"},{"$nulls":4},{"v":1000,"d":"1,000.00"},{"v":1000,"d":"1,000.00"}]
["一般公用经费","复印机","A02020100 复印机","台",1,{"v":20000,"d":"20,000.00"},{"v":20000,"d":"20,000.00"},{"$nulls":4},{"v":20000,"d":"20,000.00"},{"v":20000,"d":"20,000.00"}]
["一般公用经费","复印纸A3","A05040101 复印纸","箱",20,{"v":6000,"d":"6,000.00"},{"v":6000,"d":"6,000.00"},{"$nulls":4},{"v":6000,"d":"6,000.00"},{"v":6000,"d":"6,000.00"}]
["一般公用经费","复印纸A4","A05040101 复印纸","箱",60,{"v":9000,"d":"9,000.00"},{"v":9000,"d":"9,000.00"},{"$nulls":4},{"v":9000,"d":"9,000.00"},{"v":9000,"d":"9,000.00"}]
["一般公用经费","信息安全软件","A08060399 其他计算机软件","套",1,{"v":50000,"d":"50,000.00"},{"v":50000,"d":"50,000.00"},{"$nulls":4},{"v":50000,"d":"50,000.00"},{"v":50000,"d":"50,000.00"}]
["一般公用经费","台式计算机","A02010105 台式计算机","台",26,{"v":156000,"d":"156,000.00"},{"v":156000,"d":"156,000.00"},{"$nulls":4},{"v":156000,"d":"156,000.00"},{"v":156000,"d":"156,000.00"}]
["一般公用经费","物业管理费","C21040001 物业管理服务","年",1,null,{"v":130000,"d":"130,000.00"},{"$nulls":4},{"v":130000,"d":"130,000.00"},{"v":130000,"d":"130,000.00"}]
["云南省有色地质局三一0队",{"$nulls":4},{"v":170200,"d":"170,200.00"},{"v":2026200,"d":"2,026,200.00"},{"$nulls":4},{"v":2026200,"d":"2,026,200.00"},{"v":2026200,"d":"2,026,200.00"}]
["一般公用经费","A3彩色打印机","A02021002 A3彩色打印机","台",1,{"v":15000,"d":"15,000.00"},{"v":15000,"d":"15,000.00"},{"$nulls":4},{"v":15000,"d":"15,000.00"},{"v":15000,"d":"15,000.00"}]
["一般公用经费","A3黑白打印机","A02021001 A3黑白打印机","台",2,{"v":15200,"d":"15,200.00"},{"v":15200,"d":"15,200.00"},{"$nulls":4},{"v":15200,"d":"15,200.00"},{"v":15200,"d":"15,200.00"}]
["一般公用经费","A4黑白打印机","A02021003 A4黑白打印机","台",2,{"v":3000,"d":"3,000.00"},{"v":3000,"d":"3,000.00"},{"$nulls":4},{"v":3000,"d":"3,000.00"},{"v":3000,"d":"3,000.00"}]
["一般公用经费","办公椅","A05010301 办公椅","把",20,{"v":16000,"d":"16,000.00"},{"v":16000,"d":"16,000.00"},{"$nulls":4},{"v":16000,"d":"16,000.00"},{"v":16000,"d":"16,000.00"}]
["一般公用经费","办公桌","A05010201 办公桌","组",10,{"v":25000,"d":"25,000.00"},{"v":25000,"d":"25,000.00"},{"$nulls":4},{"v":25000,"d":"25,000.00"},{"v":25000,"d":"25,000.00"}]
["一般公用经费","笔记本电脑","A02010108 便携式计算机","台",4,null,{"v":36000,"d":"36,000.00"},{"$nulls":4},{"v":36000,"d":"36,000.00"},{"v":36000,"d":"36,000.00"}]
["一般公用经费","一体机","A02020400 多功能一体机","台",4,{"v":12000,"d":"12,000.00"},{"v":12000,"d":"12,000.00"},{"$nulls":4},{"v":12000,"d":"12,000.00"},{"v":12000,"d":"12,000.00"}]
["一般公用经费","普通黑白复印机","A02020100 复印机","台",3,{"v":60000,"d":"60,000.00"},{"v":60000,"d":"60,000.00"},{"$nulls":4},{"v":60000,"d":"60,000.00"},{"v":60000,"d":"60,000.00"}]
["一般公用经费","复印纸","A05040101 复印纸","箱",500,null,{"v":100000,"d":"100,000.00"},{"$nulls":4},{"v":100000,"d":"100,000.00"},{"v":100000,"d":"100,000.00"}]
["一般公用经费","打印费","C2309019999 其他印刷服务","年",1,null,{"v":700000,"d":"700,000.00"},{"$nulls":4},{"v":700000,"d":"700,000.00"},{"v":700000,"d":"700,000.00"}]
["一般公用经费","扫描仪","A02021118 扫描仪","台",1,{"v":4000,"d":"4,000.00"},{"v":4000,"d":"4,000.00"},{"$nulls":4},{"v":4000,"d":"4,000.00"},{"v":4000,"d":"4,000.00"}]
["一般公用经费","台式电脑","A02010105 台式计算机","台",20,null,{"v":120000,"d":"120,000.00"},{"$nulls":4},{"v":120000,"d":"120,000.00"},{"v":120000,"d":"120,000.00"}]
["一般公用经费","文件柜","A05010502 文件柜","组",20,{"v":20000,"d":"20,000.00"},{"v":20000,"d":"20,000.00"},{"$nulls":4},{"v":20000,"d":"20,000.00"},{"v":20000,"d":"20,000.00"}]
["公车购置及运维费","车辆加油、添加燃料服务","C23120302 车辆加油、添加燃料服务","年",1,null,{"v":500000,"d":"500,000.00"},{"$nulls":4},{"v":500000,"d":"500,000.00"},{"v":500000,"d":"500,000.00"}]
["公车购置及运维费","车辆维修和保养服务","C23120301 车辆维修和保养服务","年",1,null,{"v":300000,"d":"300,000.00"},{"$nulls":4},{"v":300000,"d":"300,000.00"},{"v":300000,"d":"300,000.00"}]
["公车购置及运维费","机动车保险服务","C1804010201 机动车保险服务","年",1,null,{"v":100000,"d":"100,000.00"},{"$nulls":4},{"v":100000,"d":"100,000.00"},{"v":100000,"d":"100,000.00"}]
["云南省有色地质局三一二队",{"$nulls":4},{"v":1003800,"d":"1,003,800.00"},{"v":1433800,"d":"1,433,800.00"},{"$nulls":4},{"v":1433800,"d":"1,433,800.00"},{"v":1433800,"d":"1,433,800.00"}]
["公车购置及运维费","车辆加油、添加燃料服务","C23120302 车辆加油、添加燃料服务","年",1,null,{"v":180000,"d":"180,000.00"},{"$nulls":4},{"v":180000,"d":"180,000.00"},{"v":180000,"d":"180,000.00"}]
["公车购置及运维费","车辆维修和保养服务","C23120301 车辆维修和保养服务","年",1,null,{"v":160000,"d":"160,000.00"},{"$nulls":4},{"v":160000,"d":"160,000.00"},{"v":160000,"d":"160,000.00"}]
["公车购置及运维费","机动车保险服务","C1804010201 机动车保险服务","年",1,null,{"v":90000,"d":"90,000.00"},{"$nulls":4},{"v":90000,"d":"90,000.00"},{"v":90000,"d":"90,000.00"}]
["一般公用经费","A3黑白打印机","A02021001 A3黑白打印机","台",3,{"v":22800,"d":"22,800.00"},{"v":22800,"d":"22,800.00"},{"$nulls":4},{"v":22800,"d":"22,800.00"},{"v":22800,"d":"22,800.00"}]
["一般公用经费","A4黑白打印机","A02021003 A4黑白打印机","台",3,{"v":4500,"d":"4,500.00"},{"v":4500,"d":"4,500.00"},{"$nulls":4},{"v":4500,"d":"4,500.00"},{"v":4500,"d":"4,500.00"}]
["一般公用经费","办公桌","A05010201 办公桌","张",5,{"v":12500,"d":"12,500.00"},{"v":12500,"d":"12,500.00"},{"$nulls":4},{"v":12500,"d":"12,500.00"},{"v":12500,"d":"12,500.00"}]
["一般公用经费","保险柜","A05010504 保密柜","个",5,{"v":17500,"d":"17,500.00"},{"v":17500,"d":"17,500.00"},{"$nulls":4},{"v":17500,"d":"17,500.00"},{"v":17500,"d":"17,500.00"}]
["一般公用经费","笔记本电脑","A02010108 便携式计算机","台",10,{"v":90000,"d":"90,000.00"},{"v":90000,"d":"90,000.00"},{"$nulls":4},{"v":90000,"d":"90,000.00"},{"v":90000,"d":"90,000.00"}]
["一般公用经费","茶几","A05010204 茶几","张",5,{"v":5000,"d":"5,000.00"},{"v":5000,"d":"5,000.00"},{"$nulls":4},{"v":5000,"d":"5,000.00"},{"v":5000,"d":"5,000.00"}]
["一般公用经费","茶水柜","A05010505 茶水柜","个",5,{"v":7500,"d":"7,500.00"},{"v":7500,"d":"7,500.00"},{"$nulls":4},{"v":7500,"d":"7,500.00"},{"v":7500,"d":"7,500.00"}]
["一般公用经费","A3纸","A05040101 复印纸","件",170,{"v":30600,"d":"30,600.00"},{"v":30600,"d":"30,600.00"},{"$nulls":4},{"v":30600,"d":"30,600.00"},{"v":30600,"d":"30,600.00"}]
["一般公用经费","A4纸","A05040101 复印纸","件",200,{"v":36000,"d":"36,000.00"},{"v":36000,"d":"36,000.00"},{"$nulls":4},{"v":36000,"d":"36,000.00"},{"v":36000,"d":"36,000.00"}]
["一般公用经费","档案架","A05010602 金属质架类","组",5,{"v":10000,"d":"10,000.00"},{"v":10000,"d":"10,000.00"},{"$nulls":4},{"v":10000,"d":"10,000.00"},{"v":10000,"d":"10,000.00"}]
["一般公用经费","饮水机","A05029900 其他用具","台",5,{"v":5000,"d":"5,000.00"},{"v":5000,"d":"5,000.00"},{"$nulls":4},{"v":5000,"d":"5,000.00"},{"v":5000,"d":"5,000.00"}]
["一般公用经费","扫描仪","A02021118 扫描仪","台",2,{"v":8000,"d":"8,000.00"},{"v":8000,"d":"8,000.00"},{"$nulls":4},{"v":8000,"d":"8,000.00"},{"v":8000,"d":"8,000.00"}]
["一般公用经费","书柜","A05010501 书柜","个",2,{"v":2400,"d":"2,400.00"},{"v":2400,"d":"2,400.00"},{"$nulls":4},{"v":2400,"d":"2,400.00"},{"v":2400,"d":"2,400.00"}]
["一般公用经费","碎纸机","A02021301 碎纸机","台",3,{"v":3000,"d":"3,000.00"},{"v":3000,"d":"3,000.00"},{"$nulls":4},{"v":3000,"d":"3,000.00"},{"v":3000,"d":"3,000.00"}]
["一般公用经费","台式电脑","A02010105 台式计算机","台",15,{"v":90000,"d":"90,000.00"},{"v":90000,"d":"90,000.00"},{"$nulls":4},{"v":90000,"d":"90,000.00"},{"v":90000,"d":"90,000.00"}]
["一般公用经费","基础软件","A0806030301 通用应用软件","套",10,{"v":500000,"d":"500,000.00"},{"v":500000,"d":"500,000.00"},{"$nulls":4},{"v":500000,"d":"500,000.00"},{"v":500000,"d":"500,000.00"}]
["一般公用经费","信息安全软件","A0806030301 通用应用软件","套",3,{"v":150000,"d":"150,000.00"},{"v":150000,"d":"150,000.00"},{"$nulls":4},{"v":150000,"d":"150,000.00"},{"v":150000,"d":"150,000.00"}]
["一般公用经费","文件柜","A05010502 文件柜","个",5,{"v":5000,"d":"5,000.00"},{"v":5000,"d":"5,000.00"},{"$nulls":4},{"v":5000,"d":"5,000.00"},{"v":5000,"d":"5,000.00"}]
["一般公用经费","桌前椅","A05010302 桌前椅","把",5,{"v":4000,"d":"4,000.00"},{"v":4000,"d":"4,000.00"},{"$nulls":4},{"v":4000,"d":"4,000.00"},{"v":4000,"d":"4,000.00"}]
["云南省有色地质局三一三队",{"$nulls":4},{"v":354100,"d":"354,100.00"},{"v":604100,"d":"604,100.00"},{"$nulls":4},{"v":604100,"d":"604,100.00"},{"v":604100,"d":"604,100.00"}]
["一般公用经费","笔记本电脑","A02010108 便携式计算机","台",1,{"v":6000,"d":"6,000.00"},{"v":6000,"d":"6,000.00"},{"$nulls":4},{"v":6000,"d":"6,000.00"},{"v":6000,"d":"6,000.00"}]
["一般公用经费","笔记本电脑","A02010108 便携式计算机","台",22,{"v":198000,"d":"198,000.00"},{"v":198000,"d":"198,000.00"},{"$nulls":4},{"v":198000,"d":"198,000.00"},{"v":198000,"d":"198,000.00"}]
["一般公用经费","普通彩色复印机","A02020100 复印机","台",1,{"v":30000,"d":"30,000.00"},{"v":30000,"d":"30,000.00"},{"$nulls":4},{"v":30000,"d":"30,000.00"},{"v":30000,"d":"30,000.00"}]
["一般公用经费","普通彩色复印机","A02020100 复印机","台",1,{"v":40000,"d":"40,000.00"},{"v":40000,"d":"40,000.00"},{"$nulls":4},{"v":40000,"d":"40,000.00"},{"v":40000,"d":"40,000.00"}]
["一般公用经费","普通黑白复印件","A02020100 复印机","台",1,{"v":8000,"d":"8,000.00"},{"v":8000,"d":"8,000.00"},{"$nulls":4},{"v":8000,"d":"8,000.00"},{"v":8000,"d":"8,000.00"}]
["一般公用经费","A4复印纸","A05040101 复印纸","箱",15,{"v":2100,"d":"2,100.00"},{"v":2100,"d":"2,100.00"},{"$nulls":4},{"v":2100,"d":"2,100.00"},{"v":2100,"d":"2,100.00"}]
["一般公用经费","档案柜","A05010599 其他柜类","组",26,{"v":52000,"d":"52,000.00"},{"v":52000,"d":"52,000.00"},{"$nulls":4},{"v":52000,"d":"52,000.00"},{"v":52000,"d":"52,000.00"}]
["一般公用经费","台式电脑","A02010105 台式计算机","台",3,{"v":18000,"d":"18,000.00"},{"v":18000,"d":"18,000.00"},{"$nulls":4},{"v":18000,"d":"18,000.00"},{"v":18000,"d":"18,000.00"}]
["公车购置及运维费","车辆加油、添加燃料服务","C23120302 车辆加油、添加燃料服务","年",1,null,{"v":178000,"d":"178,000.00"},{"$nulls":4},{"v":178000,"d":"178,000.00"},{"v":178000,"d":"178,000.00"}]
["公车购置及运维费","车辆维修和保养服务","C23120301 车辆维修和保养服务","年",1,null,{"v":60000,"d":"60,000.00"},{"$nulls":4},{"v":60000,"d":"60,000.00"},{"v":60000,"d":"60,000.00"}]
["公车购置及运维费","机动车保险服务","C1804010201 机动车保险服务","年",1,null,{"v":12000,"d":"12,000.00"},{"$nulls":4},{"v":12000,"d":"12,000.00"},{"v":12000,"d":"12,000.00"}]
["云南省有色地质局三一七队",{"$nulls":4},{"v":670000,"d":"670,000.00"},{"v":1030000,"d":"1,030,000.00"},{"$nulls":4},{"v":1030000,"d":"1,030,000.00"},{"v":530000,"d":"530,000.00"},{"$nulls":3},{"v":500000,"d":"500,000.00"}]
["公车购置及运维费","车辆加油 、添加燃料服务","C23120302 车辆加油、添加燃料服务","辆",6,null,{"v":330000,"d":"330,000.00"},{"$nulls":4},{"v":330000,"d":"330,000.00"},{"v":330000,"d":"330,000.00"}]
["公车购置及运维费","车辆维修和保养服务","C23120301 车辆维修和保养服务","年",1,{"v":70000,"d":"70,000.00"},{"v":70000,"d":"70,000.00"},{"$nulls":4},{"v":70000,"d":"70,000.00"},{"v":70000,"d":"70,000.00"}]
["公车购置及运维费","机动车保险服务","C1804010201 机动车保险服务","辆",6,null,{"v":30000,"d":"30,000.00"},{"$nulls":4},{"v":30000,"d":"30,000.00"},{"v":30000,"d":"30,000.00"}]
["一般公用经费","复印机","A02020100 复印机","台",1,{"v":40000,"d":"40,000.00"},{"v":40000,"d":"40,000.00"},{"$nulls":4},{"v":40000,"d":"40,000.00"},{"v":40000,"d":"40,000.00"}]
["一般公用经费","A3复印纸","A05040101 复印纸","箱",60,{"v":9000,"d":"9,000.00"},{"v":9000,"d":"9,000.00"},{"$nulls":4},{"v":9000,"d":"9,000.00"},{"v":9000,"d":"9,000.00"}]
["一般公用经费","A4复印纸","A05040101 复印纸","箱",100,{"v":15000,"d":"15,000.00"},{"v":15000,"d":"15,000.00"},{"$nulls":4},{"v":15000,"d":"15,000.00"},{"v":15000,"d":"15,000.00"}]
["一般公用经费","台式计算机","A02010105 台式计算机","台",6,{"v":36000,"d":"36,000.00"},{"v":36000,"d":"36,000.00"},{"$nulls":4},{"v":36000,"d":"36,000.00"},{"v":36000,"d":"36,000.00"}]
["一般公用经费","物业管理服务","C21040001 物业管理服务","年",1,{"v":500000,"d":"500,000.00"},{"v":500000,"d":"500,000.00"},{"$nulls":4},{"v":500000,"d":"500,000.00"},{"$nulls":4},{"v":500000,"d":"500,000.00"}]
["云南省有色地质局楚雄勘查院",{"$nulls":4},{"v":2040200,"d":"2,040,200.00"},{"v":2040200,"d":"2,040,200.00"},{"$nulls":4},{"v":2040200,"d":"2,040,200.00"},{"v":1036200,"d":"1,036,200.00"},null,{"v":454000,"d":"454,000.00"},null,{"v":550000,"d":"550,000.00"}]
["公车购置及运维费","车辆加油、添加燃料服务","C23120302 车辆加油、添加燃料服务","年",1,{"v":500000,"d":"500,000.00"},{"v":500000,"d":"500,000.00"},{"$nulls":4},{"v":500000,"d":"500,000.00"},{"v":500000,"d":"500,000.00"}]
["公车购置及运维费","车辆维修和保养服务","C23120301 车辆维修和保养服务","年",1,{"v":200000,"d":"200,000.00"},{"v":200000,"d":"200,000.00"},{"$nulls":4},{"v":200000,"d":"200,000.00"},{"v":200000,"d":"200,000.00"}]
["公车购置及运维费","机动车保险服务","C1804010201 机动车保险服务","年",1,{"v":60000,"d":"60,000.00"},{"v":60000,"d":"60,000.00"},{"$nulls":4},{"v":60000,"d":"60,000.00"},{"v":60000,"d":"60,000.00"}]
["一般公用经费","A3黑白打印机","A02021001 A3黑白打印机","台",8,{"v":40000,"d":"40,000.00"},{"v":40000,"d":"40,000.00"},{"$nulls":4},{"v":40000,"d":"40,000.00"},{"v":40000,"d":"40,000.00"}]
["一般公用经费","A3黑白打印机","A02021001 A3黑白打印机","台",2,{"v":15200,"d":"15,200.00"},{"v":15200,"d":"15,200.00"},{"$nulls":4},{"v":15200,"d":"15,200.00"},{"v":15200,"d":"15,200.00"}]
["一般公用经费","办公桌","A05010201 办公桌","张",10,{"v":22000,"d":"22,000.00"},{"v":22000,"d":"22,000.00"},{"$nulls":4},{"v":22000,"d":"22,000.00"},{"v":22000,"d":"22,000.00"}]
["一般公用经费","复印机","A02020100 复印机","台",1,{"v":50000,"d":"50,000.00"},{"v":50000,"d":"50,000.00"},{"$nulls":4},{"v":50000,"d":"50,000.00"},{"v":50000,"d":"50,000.00"}]
["一般公用经费","复印纸","A05040101 复印纸","箱",650,{"v":104000,"d":"104,000.00"},{"v":104000,"d":"104,000.00"},{"$nulls":4},{"v":104000,"d":"104,000.00"},null,null,{"v":104000,"d":"104,000.00"}]
["一般公用经费","其他印刷服务","C2309019999 其他印刷服务","年",1,{"v":350000,"d":"350,000.00"},{"v":350000,"d":"350,000.00"},{"$nulls":4},{"v":350000,"d":"350,000.00"},null,null,{"v":350000,"d":"350,000.00"}]
["一般公用经费","台式计算机","A02010105 台式计算机","台",24,{"v":144000,"d":"144,000.00"},{"v":144000,"d":"144,000.00"},{"$nulls":4},{"v":144000,"d":"144,000.00"},{"v":144000,"d":"144,000.00"}]
["一般公用经费","投影仪","A02020200 投影仪","台",1,{"v":5000,"d":"5,000.00"},{"v":5000,"d":"5,000.00"},{"$nulls":4},{"v":5000,"d":"5,000.00"},{"v":5000,"d":"5,000.00"}]
["一般公用经费","物业管理服务","C21040001 物业管理服务","年",1,{"v":550000,"d":"550,000.00"},{"v":550000,"d":"550,000.00"},{"$nulls":4},{"v":550000,"d":"550,000.00"},{"$nulls":4},{"v":550000,"d":"550,000.00"}]
["合  计",{"$nulls":4},{"v":8889200,"d":"8,889,200.00"},{"v":13791700,"d":"13,791,700.00"},{"v":10000,"d":"10,000.00"},{"$nulls":3},{"v":13781700,"d":"13,781,700.00"},{"v":10602500,"d":"10,602,500.00"},null,{"v":454000,"d":"454,000.00"},null,{"v":2725200,"d":"2,725,200.00"}]

{"sheet":"部门政府购买服务预算表08","index":11,"n_rows":11,"n_cols":14,"rows_kept":11,"merged":[[1,0,1,13],[2,0,2,2],[3,0,5,0],[3,1,5,1],[3,2,5,2],[3,3,3,13],[4,3,5,3],[4,4,5,4],[4,5,5,5],[4,6,5,6],[4,7,5,7],[4,8,4,13],[9,0,9,2],[10,0,10,13]]}
[{"$nulls":13},"预算08表"]
["2026年部门政府购买服务预算表"]
[{"$f":"\"单位名称：\"&\"云南省有色地质局\"","v":"单位名称：云南省有色地质局"},{"$nulls":12},"单位：元"]
["预算项目","政府购买服务项目","政府购买服务目录","资金来源"]
[{"$nulls":3},"合计","一般公共预算","政府性\n基金","国有资本经营收益","财政专户管理的收入","单位自筹"]
[{"$nulls":8},"小计","事业收入","事业单位\n经营收入","上级补助收入","附属单位上缴收入","其他收入"]
[1,2,3,4,5,6,7,8,9,10,11,12,13,14]
[]
[]
["合  计"]
["说明：我部门无政府购买服务预算，因此《2026年部门政府购买服务预算表》（预算08表）公开空表。"]

{"sheet":"省对下转移支付预算表09-1","index":12,"n_rows":9,"n_cols":24,"rows_kept":9,"merged":[[1,0,1,23],[2,0,2,8],[3,0,4,0],[3,1,3,3],[3,4,3,23],[8,0,8,23]]}
[{"$nulls":23},"预算09-1表"]
["2026年省对下转移支付预算表"]
[{"$f":"\"单位名称：\"&\"云南省有色地质局\"","v":"单位名称：云南省有色地质局"},{"$nulls":22},"单位：元"]
["单位名称（项目）","资金来源",null,null,"地区"]
[null,"合计","一般公共预算","政府性基金","昆明","昭通","曲靖","玉溪","红河","文山","普洱","西双版纳","楚雄","大理","保山","德宏","丽江","怒江","迪庆","临沧","宣威","腾冲","镇雄","未分配到地区数"]
[1,2,3,4,5,6,7,8,9,10,11,12,13,14,15,16,17,18,19,20,21,22,23,24]
[]
[]
["说明：我部门无省对下转移支付预算，因此《2026年省对下转移支付预算表》（预算09-1表）公开空表。"]

{"sheet":"省对下转移支付绩效目标表09-2","index":13,"n_rows":8,"n_cols":10,"rows_kept":8,"merged":[[1,0,1,9],[2,0,2,7],[7,0,7,9]]}
[{"$nulls":9},"预算09-2表"]
["2026年省对下转移支付绩效目标表"]
[{"$f":"\"单位名称：\"&\"云南省有色地质局\"","v":"单位名称：云南省有色地质局"}]
["单位名称、项目名称","项目年度绩效目标","一级指标","二级指标","三级指标","指标性质","指标值","度量单位","指标属性","指标内容"]
[1,2,3,4,5,6,7,8,9,10]
[]
[]
["说明：我部门无省对下转移支付预算，因此《2026年省对下转移支付绩效目标表》（预算09-2表）公开空表。"]

{"sheet":"新增资产配置表10","index":14,"n_rows":173,"n_cols":8,"rows_kept":173,"merged":[[1,0,1,7],[3,0,4,0],[3,1,4,1],[3,2,4,2],[3,3,4,3],[3,4,4,4],[3,5,3,7],[171,0,171,4],[172,0,172,7]]}
[{"$nulls":7},"预算10表"]
["2026年新增资产配置表"]
[{"$f":"\"单位名称：\"&\"云南省有色地质局\"","v":"单位名称：云南省有色地质局"}]
["单位名称","资产类别","资产分类代码.名称","资产名称","计量单位","财政部门批复数（元）"]
[{"$nulls":5},"数量","单价","金额"]
["1","2","3","4","5","6","7","8"]
["云南省有色地质局",{"$nulls":4},23,null,{"v":265500,"d":"265,500.00"}]
["云南省有色地质局","设备","A02010105 台式计算机","台式电脑","套",6,{"v":6000,"d":"6,000.00"},{"v":36000,"d":"36,000.00"}]
["云南省有色地质局","设备","A02010108 便携式计算机","笔记本电脑","台",6,{"v":9000,"d":"9,000.00"},{"v":54000,"d":"54,000.00"}]
["云南省有色地质局","设备","A02021003 A4黑白打印机","A4黑白打印机","台",1,{"v":1500,"d":"1,500.00"},{"v":1500,"d":"1,500.00"}]
["云南省有色地质局","设备","A02021104 液晶显示器","液晶显示屏幕","台",1,{"v":15000,"d":"15,000.00"},{"v":15000,"d":"15,000.00"}]
["云南省有色地质局","设备","A02061804 空调机","空调机","台",2,{"v":7000,"d":"7,000.00"},{"v":14000,"d":"14,000.00"}]
["云南省有色地质局","设备","A02091299 其他音频设备","会议室音频设备","套",1,{"v":100000,"d":"100,000.00"},{"v":100000,"d":"100,000.00"}]
["云南省有色地质局","家具和用品","A05010502 文件柜","铁皮文件柜","组",5,{"v":1000,"d":"1,000.00"},{"v":5000,"d":"5,000.00"}]
["云南省有色地质局","家具和用品","A05010602 金属质架类","档案室密集架","组",1,{"v":40000,"d":"40,000.00"},{"v":40000,"d":"40,000.00"}]
["云南省有色地质局机关后勤服务中心","设备","A02010105 台式计算机","台式电脑","台",4,{"v":6000,"d":"6,000.00"},{"v":24000,"d":"24,000.00"}]
["云南省有色地质局机关后勤服务中心","设备","A02091001 普通电视设备（电视机）","电视机","台",1,{"v":3000,"d":"3,000.00"},{"v":3000,"d":"3,000.00"}]
["云南省有色地质局地质研究所","设备","A02010105 台式计算机","台式电脑","台",5,{"v":6000,"d":"6,000.00"},{"v":30000,"d":"30,000.00"}]
["云南省有色地质局地质研究所","设备","A02010108 便携式计算机","笔记本电脑","台",3,{"v":9000,"d":"9,000.00"},{"v":27000,"d":"27,000.00"}]
["云南省有色地质局地质研究所","设备","A02021002 A3彩色打印机","A3彩色打印机","台",1,{"v":15000,"d":"15,000.00"},{"v":15000,"d":"15,000.00"}]
["云南省有色地质局地质研究所","设备","A02021004 A4彩色打印机","A4彩色打印机","台",1,{"v":4000,"d":"4,000.00"},{"v":4000,"d":"4,000.00"}]
["云南省有色地质局地质研究所","设备","A02060400 变频设备","恒压变频供水系统","套",1,{"v":120000,"d":"120,000.00"},{"v":120000,"d":"120,000.00"}]
["云南省有色地质局地质研究所","设备","A02091107 视频监控设备","道闸系统","套",2,{"v":15000,"d":"15,000.00"},{"v":30000,"d":"30,000.00"}]
["云南省有色地质局地质研究所","设备","A02091107 视频监控设备","监控设备","套",1,{"v":200000,"d":"200,000.00"},{"v":200000,"d":"200,000.00"}]
["云南省有色地质局地质研究所","设备","A02370100 消防设备","消防设备","套",1,{"v":370000,"d":"370,000.00"},{"v":370000,"d":"370,000.00"}]
["云南省有色地质局地质研究所","家具和用品","A05010502 文件柜","文件柜","组",6,{"v":1000,"d":"1,000.00"},{"v":6000,"d":"6,000.00"}]
["云南省有色地质局地质地球物理化学勘查院","设备","A02010105 台式计算机","台式计算机","台",16,{"v":6000,"d":"6,000.00"},{"v":96000,"d":"96,000.00"}]
["云南省有色地质局地质地球物理化学勘查院","设备","A02010108 便携式计算机","便携式计算机","台",30,{"v":8000,"d":"8,000.00"},{"v":240000,"d":"240,000.00"}]
["云南省有色地质局地质地球物理化学勘查院","设备","A02020100 复印机","复印机","台",2,{"v":40000,"d":"40,000.00"},{"v":80000,"d":"80,000.00"}]
["云南省有色地质局地质地球物理化学勘查院","设备","A02020100 复印机","黑白复印机","台",3,{"v":20000,"d":"20,000.00"},{"v":60000,"d":"60,000.00"}]
["云南省有色地质局地质地球物理化学勘查院","设备","A02020501 数字照相机","单反相机","台",2,{"v":25000,"d":"25,000.00"},{"v":50000,"d":"50,000.00"}]
["云南省有色地质局地质地球物理化学勘查院","设备","A02021301 碎纸机","碎纸机","台",5,{"v":800,"d":"800.00"},{"v":4000,"d":"4,000.00"}]
["云南省有色地质局地质地球物理化学勘查院","设备","A02071300 卫星定位导航设备","手持北斗定位系统","台",15,{"v":6000,"d":"6,000.00"},{"v":90000,"d":"90,000.00"}]
["云南省有色地质局地质地球物理化学勘查院","设备","A02430900 无人机","无人机","台",2,{"v":30000,"d":"30,000.00"},{"v":60000,"d":"60,000.00"}]
["云南省有色地质局地质地球物理化学勘查院","家具和用品","A05010201 办公桌","办公桌","张",20,{"v":800,"d":"800.00"},{"v":16000,"d":"16,000.00"}]
["云南省有色地质局地质地球物理化学勘查院","家具和用品","A05010202 会议桌","会议桌","平方米",20,{"v":1000,"d":"1,000.00"},{"v":20000,"d":"20,000.00"}]
["云南省有色地质局地质地球物理化学勘查院","家具和用品","A05010204 茶几","小茶几","个",3,{"v":800,"d":"800.00"},{"v":2400,"d":"2,400.00"}]
["云南省有色地质局地质地球物理化学勘查院","家具和用品","A05010301 办公椅","办公椅","把",20,{"v":800,"d":"800.00"},{"v":16000,"d":"16,000.00"}]
["云南省有色地质局地质地球物理化学勘查院","家具和用品","A05010303 会议椅","会议椅","把",20,{"v":800,"d":"800.00"},{"v":16000,"d":"16,000.00"}]
["云南省有色地质局地质地球物理化学勘查院","家具和用品","A05010402 单人沙发","单人沙发","个",10,{"v":1000,"d":"1,000.00"},{"v":10000,"d":"10,000.00"}]
["云南省有色地质局地质地球物理化学勘查院","家具和用品","A05010501 书柜","书柜","组",5,{"v":1200,"d":"1,200.00"},{"v":6000,"d":"6,000.00"}]
["云南省有色地质局地质地球物理化学勘查院","家具和用品","A05010502 文件柜","文件柜","组",10,{"v":1000,"d":"1,000.00"},{"v":10000,"d":"10,000.00"}]
["云南省有色地质局地质地球物理化学勘查院","家具和用品","A05010504 保密柜","密码文件柜","组",5,{"v":3500,"d":"3,500.00"},{"v":17500,"d":"17,500.00"}]
["云南省有色地质局地质地球物理化学勘查院","家具和用品","A05029900 其他用具","饮水机","台",4,{"v":1000,"d":"1,000.00"},{"v":4000,"d":"4,000.00"}]
["云南省有色地质局三0六队","设备","A02010105 台式计算机","台式电脑","台",16,{"v":6000,"d":"6,000.00"},{"v":96000,"d":"96,000.00"}]
["云南省有色地质局三0六队","设备","A02010107 图形工作站","测绘图形工作站","台",2,{"v":25000,"d":"25,000.00"},{"v":50000,"d":"50,000.00"}]
["云南省有色地质局三0六队","设备","A02010108 便携式计算机","笔记本电脑","台",29,{"v":9000,"d":"9,000.00"},{"v":261000,"d":"261,000.00"}]
["云南省有色地质局三0六队","设备","A02020200 投影仪","投影仪","台",1,{"v":15000,"d":"15,000.00"},{"v":15000,"d":"15,000.00"}]
["云南省有色地质局三0六队","设备","A02021002 A3彩色打印机","打印机","台",1,{"v":15000,"d":"15,000.00"},{"v":15000,"d":"15,000.00"}]
["云南省有色地质局三0六队","设备","A02071300 卫星定位导航设备","地质填图掌上机","台",7,{"v":6000,"d":"6,000.00"},{"v":42000,"d":"42,000.00"}]
["云南省有色地质局三0六队","设备","A02091001 普通电视设备（电视机）","电视机","台",1,{"v":5000,"d":"5,000.00"},{"v":5000,"d":"5,000.00"}]
["云南省有色地质局三0六队","设备","A02101900 测绘仪器","GNSS接收机","台",6,{"v":30000,"d":"30,000.00"},{"v":180000,"d":"180,000.00"}]
["云南省有色地质局三0六队","设备","A02101900 测绘仪器","多旋翼无人机","台",1,{"v":250000,"d":"250,000.00"},{"v":250000,"d":"250,000.00"}]
["云南省有色地质局三0六队","设备","A02101900 测绘仪器","手持式三维激光扫描仪","台",1,{"v":300000,"d":"300,000.00"},{"v":300000,"d":"300,000.00"}]
["云南省有色地质局三0六队","设备","A02101900 测绘仪器","小型无人机","台",3,{"v":10000,"d":"10,000.00"},{"v":30000,"d":"30,000.00"}]
["云南省有色地质局三0八队","房屋和构筑物","A01020300 塔","钻塔 SG18","台",1,{"v":140500,"d":"140,500.00"},{"v":140500,"d":"140,500.00"}]
["云南省有色地质局三0八队","设备","A02010102 大型计算机","高性能台式计算机（三维建模平台）","台",4,{"v":20000,"d":"20,000.00"},{"v":80000,"d":"80,000.00"}]
["云南省有色地质局三0八队","设备","A02010105 台式计算机","台式计算机","台",26,{"v":6000,"d":"6,000.00"},{"v":156000,"d":"156,000.00"}]
["云南省有色地质局三0八队","设备","A02010108 便携式计算机","便携式计算机","台",30,{"v":9000,"d":"9,000.00"},{"v":270000,"d":"270,000.00"}]
["云南省有色地质局三0八队","设备","A02020100 复印机","复印机","台",1,{"v":20000,"d":"20,000.00"},{"v":20000,"d":"20,000.00"}]
["云南省有色地质局三0八队","设备","A02021004 A4彩色打印机","A4彩色打印机","台",1,{"v":4000,"d":"4,000.00"},{"v":4000,"d":"4,000.00"}]
["云南省有色地质局三0八队","设备","A02021117 触摸屏","司钻房触摸控制屏","套",1,{"v":12000,"d":"12,000.00"},{"v":12000,"d":"12,000.00"}]
["云南省有色地质局三0八队","设备","A02050899 其他液压机械","液压动力钳 SQ114/8","副",1,{"v":25000,"d":"25,000.00"},{"v":25000,"d":"25,000.00"}]
["云南省有色地质局三0八队","设备","A02051219 绞车和绞盘","绳索绞车 3000M","台",1,{"v":110000,"d":"110,000.00"},{"v":110000,"d":"110,000.00"}]
["云南省有色地质局三0八队","设备","A02051904 往复泵","交流变频泥浆泵 BW300/12B/TD","台",1,{"v":100000,"d":"100,000.00"},{"v":100000,"d":"100,000.00"}]
["云南省有色地质局三0八队","设备","A02052104 螺杆式压缩机","永磁变频螺杆式空压机","台",1,{"v":40000,"d":"40,000.00"},{"v":40000,"d":"40,000.00"}]
["云南省有色地质局三0八队","设备","A02053201 粉碎机","150圆盘粉碎机","台",1,{"v":17000,"d":"17,000.00"},{"v":17000,"d":"17,000.00"}]
["云南省有色地质局三0八队","设备","A02053201 粉碎机","250圆盘粉碎机","台",1,{"v":21000,"d":"21,000.00"},{"v":21000,"d":"21,000.00"}]
["云南省有色地质局三0八队","设备","A02060101 发电机","柴油发电机组 150KW","台",1,{"v":55000,"d":"55,000.00"},{"v":55000,"d":"55,000.00"}]
["云南省有色地质局三0八队","设备","A02070999 其他地面航空无线电导航设备","手持激光雷达扫描仪","台",2,{"v":200000,"d":"200,000.00"},{"v":400000,"d":"400,000.00"}]
["云南省有色地质局三0八队","设备","A02100404 光学式分析仪器","可见分光光度计","台",1,{"v":6300,"d":"6,300.00"},{"v":6300,"d":"6,300.00"}]
["云南省有色地质局三0八队","设备","A02100405 射线式分析仪器","手持式XRF光谱分析仪","台",1,{"v":200000,"d":"200,000.00"},{"v":200000,"d":"200,000.00"}]
["云南省有色地质局三0八队","设备","A02100419 样品前处理及制备仪器","光谱样品混匀仪","台",1,{"v":30000,"d":"30,000.00"},{"v":30000,"d":"30,000.00"}]
["云南省有色地质局三0八队","设备","A02100601 分析天平及专用天平","电子天平","台",3,{"v":2000,"d":"2,000.00"},{"v":6000,"d":"6,000.00"}]
["云南省有色地质局三0八队","设备","A02101100 地质勘探、钻采及人工地震仪器","全姿态数字罗盘测斜仪","台",1,{"v":50000,"d":"50,000.00"},{"v":50000,"d":"50,000.00"}]
["云南省有色地质局三0八队","设备","A02101100 地质勘探、钻采及人工地震仪器","无线光纤寻北陀螺测斜仪 XBY-2GW","台",1,{"v":240000,"d":"240,000.00"},{"v":240000,"d":"240,000.00"}]
["云南省有色地质局三0八队","设备","A02101300 安全仪器","多参数气体检测仪","台",6,{"v":2000,"d":"2,000.00"},{"v":12000,"d":"12,000.00"}]
["云南省有色地质局三0八队","设备","A02101800 水文仪器设备","地下水洗井采样系统","台",1,{"v":50000,"d":"50,000.00"},{"v":50000,"d":"50,000.00"}]
["云南省有色地质局三0八队","设备","A02101800 水文仪器设备","踪荧光测定仪","台",1,{"v":80000,"d":"80,000.00"},{"v":80000,"d":"80,000.00"}]
["云南省有色地质局三0八队","设备","A02101900 测绘仪器","GNSS接收机","台",2,{"v":20000,"d":"20,000.00"},{"v":40000,"d":"40,000.00"}]
["云南省有色地质局三0八队","设备","A02130100 钻探机","岩心主机 XY-6DB","台",1,{"v":1184000,"d":"1,184,000.00"},{"v":1184000,"d":"1,184,000.00"}]
["云南省有色地质局三0八队","设备","A02131000 探矿、采矿、选矿和造块设备零部件","司钻房绞车控制手柄","套",1,{"v":9600,"d":"9,600.00"},{"v":9600,"d":"9,600.00"}]
["云南省有色地质局三0八队","设备","A02139900 其他探矿、采矿、选矿和造块设备","刻槽取样机","台",1,{"v":20000,"d":"20,000.00"},{"v":20000,"d":"20,000.00"}]
["云南省有色地质局三0八队","设备","A02430900 无人机","单北斗无人机","架",1,{"v":30000,"d":"30,000.00"},{"v":30000,"d":"30,000.00"}]
["云南省有色地质局三0八队","设备","A02430900 无人机","无人机","架",1,{"v":150000,"d":"150,000.00"},{"v":150000,"d":"150,000.00"}]
["云南省有色地质局三0八队","家具和用品","A05010204 茶几","大茶几","件",4,{"v":1000,"d":"1,000.00"},{"v":4000,"d":"4,000.00"}]
["云南省有色地质局三0八队","家具和用品","A05010204 茶几","小茶几","件",1,{"v":800,"d":"800.00"},{"v":800,"d":"800.00"}]
["云南省有色地质局三0八队","家具和用品","A05010505 茶水柜","茶水柜","件",1,{"v":1000,"d":"1,000.00"},{"v":1000,"d":"1,000.00"}]
["云南省有色地质局三0八队","无形资产","A08060399 其他计算机软件","信息安全软件","套",1,{"v":50000,"d":"50,000.00"},{"v":50000,"d":"50,000.00"}]
["云南省有色地质局三一0队","设备","A02010105 台式计算机","台式电脑","台",20,{"v":6000,"d":"6,000.00"},{"v":120000,"d":"120,000.00"}]
["云南省有色地质局三一0队","设备","A02010107 图形工作站","图形工作站","台",4,{"v":35000,"d":"35,000.00"},{"v":140000,"d":"140,000.00"}]
["云南省有色地质局三一0队","设备","A02010108 便携式计算机","笔记本电脑","台",4,{"v":9000,"d":"9,000.00"},{"v":36000,"d":"36,000.00"}]
["云南省有色地质局三一0队","设备","A02020100 复印机","普通黑白复印机","台",3,{"v":20000,"d":"20,000.00"},{"v":60000,"d":"60,000.00"}]
["云南省有色地质局三一0队","设备","A02020400 多功能一体机","一体机","台",4,{"v":3000,"d":"3,000.00"},{"v":12000,"d":"12,000.00"}]
["云南省有色地质局三一0队","设备","A02020502 通用照相机","单反相机","台",1,{"v":25000,"d":"25,000.00"},{"v":25000,"d":"25,000.00"}]
["云南省有色地质局三一0队","设备","A02021001 A3黑白打印机","A3黑白打印机","台",2,{"v":7600,"d":"7,600.00"},{"v":15200,"d":"15,200.00"}]
["云南省有色地质局三一0队","设备","A02021002 A3彩色打印机","A3彩色打印机","台",1,{"v":15000,"d":"15,000.00"},{"v":15000,"d":"15,000.00"}]
["云南省有色地质局三一0队","设备","A02021003 A4黑白打印机","A4黑白打印机","台",2,{"v":1500,"d":"1,500.00"},{"v":3000,"d":"3,000.00"}]
["云南省有色地质局三一0队","设备","A02021118 扫描仪","扫描仪","台",1,{"v":4000,"d":"4,000.00"},{"v":4000,"d":"4,000.00"}]
["云南省有色地质局三一0队","设备","A02071300 卫星定位导航设备","GNSS","台",15,{"v":10000,"d":"10,000.00"},{"v":150000,"d":"150,000.00"}]
["云南省有色地质局三一0队","设备","A02071300 卫星定位导航设备","GPS集思宝","台",19,{"v":10000,"d":"10,000.00"},{"v":190000,"d":"190,000.00"}]
["云南省有色地质局三一0队","设备","A02100406 波谱仪","手持矿石分析仪","台",2,{"v":300000,"d":"300,000.00"},{"v":600000,"d":"600,000.00"}]
["云南省有色地质局三一0队","设备","A02101900 测绘仪器","测距仪","台",2,{"v":2000,"d":"2,000.00"},{"v":4000,"d":"4,000.00"}]
["云南省有色地质局三一0队","设备","A02101900 测绘仪器","全站仪","台",1,{"v":250000,"d":"250,000.00"},{"v":250000,"d":"250,000.00"}]
["云南省有色地质局三一0队","设备","A02430900 无人机","无人机","台",4,{"v":40000,"d":"40,000.00"},{"v":160000,"d":"160,000.00"}]
["云南省有色地质局三一0队","设备","A02439900 其他航空器及其配套设备","无人机挂载五镜头相机","套",1,{"v":200000,"d":"200,000.00"},{"v":200000,"d":"200,000.00"}]
["云南省有色地质局三一0队","家具和用品","A05010201 办公桌","办公桌","张",10,{"v":2500,"d":"2,500.00"},{"v":25000,"d":"25,000.00"}]
["云南省有色地质局三一0队","家具和用品","A05010301 办公椅","办公椅","把",20,{"v":800,"d":"800.00"},{"v":16000,"d":"16,000.00"}]
["云南省有色地质局三一0队","家具和用品","A05010502 文件柜","文件柜","个",20,{"v":1000,"d":"1,000.00"},{"v":20000,"d":"20,000.00"}]
["云南省有色地质局三一二队","设备","A02010105 台式计算机","台式电脑","台",15,{"v":6000,"d":"6,000.00"},{"v":90000,"d":"90,000.00"}]
["云南省有色地质局三一二队","设备","A02010108 便携式计算机","笔记本电脑","台",10,{"v":9000,"d":"9,000.00"},{"v":90000,"d":"90,000.00"}]
["云南省有色地质局三一二队","设备","A02010109 平板式计算机","平板电脑","台",2,{"v":5000,"d":"5,000.00"},{"v":10000,"d":"10,000.00"}]
["云南省有色地质局三一二队","设备","A02010199 其他计算机","高性能计算机","台",1,{"v":20000,"d":"20,000.00"},{"v":20000,"d":"20,000.00"}]
["云南省有色地质局三一二队","设备","A02010508 移动存储设备","硬盘","个",10,{"v":2000,"d":"2,000.00"},{"v":20000,"d":"20,000.00"}]
["云南省有色地质局三一二队","设备","A02021001 A3黑白打印机","A3黑白打印机","台",3,{"v":7600,"d":"7,600.00"},{"v":22800,"d":"22,800.00"}]
["云南省有色地质局三一二队","设备","A02021003 A4黑白打印机","A4黑白打印机","台",3,{"v":1500,"d":"1,500.00"},{"v":4500,"d":"4,500.00"}]
["云南省有色地质局三一二队","设备","A02021118 扫描仪","扫描仪","台",2,{"v":4000,"d":"4,000.00"},{"v":8000,"d":"8,000.00"}]
["云南省有色地质局三一二队","设备","A02021301 碎纸机","碎纸机","台",3,{"v":1000,"d":"1,000.00"},{"v":3000,"d":"3,000.00"}]
["云南省有色地质局三一二队","设备","A02071300 卫星定位导航设备","GNSS接收机","台",10,{"v":15000,"d":"15,000.00"},{"v":150000,"d":"150,000.00"}]
["云南省有色地质局三一二队","设备","A02100108 绘图仪","绘图仪","台",1,{"v":150000,"d":"150,000.00"},{"v":150000,"d":"150,000.00"}]
["云南省有色地质局三一二队","设备","A02101900 测绘仪器","全站仪","台",5,{"v":25000,"d":"25,000.00"},{"v":125000,"d":"125,000.00"}]
["云南省有色地质局三一二队","家具和用品","A05010201 办公桌","办公桌","张",5,{"v":2500,"d":"2,500.00"},{"v":12500,"d":"12,500.00"}]
["云南省有色地质局三一二队","家具和用品","A05010204 茶几","茶几","张",5,{"v":1000,"d":"1,000.00"},{"v":5000,"d":"5,000.00"}]
["云南省有色地质局三一二队","家具和用品","A05010302 桌前椅","桌前椅","把",5,{"v":800,"d":"800.00"},{"v":4000,"d":"4,000.00"}]
["云南省有色地质局三一二队","家具和用品","A05010501 书柜","书柜","个",2,{"v":1200,"d":"1,200.00"},{"v":2400,"d":"2,400.00"}]
["云南省有色地质局三一二队","家具和用品","A05010502 文件柜","文件柜","个",5,{"v":1000,"d":"1,000.00"},{"v":5000,"d":"5,000.00"}]
["云南省有色地质局三一二队","家具和用品","A05010504 保密柜","保险柜","个",5,{"v":3500,"d":"3,500.00"},{"v":17500,"d":"17,500.00"}]
["云南省有色地质局三一二队","家具和用品","A05010505 茶水柜","茶水柜","个",5,{"v":1500,"d":"1,500.00"},{"v":7500,"d":"7,500.00"}]
["云南省有色地质局三一二队","家具和用品","A05010602 金属质架类","档案架","组",5,{"v":2000,"d":"2,000.00"},{"v":10000,"d":"10,000.00"}]
["云南省有色地质局三一二队","家具和用品","A05029900 其他用具","饮水机","台",5,{"v":1000,"d":"1,000.00"},{"v":5000,"d":"5,000.00"}]
["云南省有色地质局三一二队","无形资产","A08060301 基础软件","基础软件","套",10,{"v":50000,"d":"50,000.00"},{"v":500000,"d":"500,000.00"}]
["云南省有色地质局三一二队","无形资产","A08060303 应用软件","摄影测量系统","套",4,{"v":40000,"d":"40,000.00"},{"v":160000,"d":"160,000.00"}]
["云南省有色地质局三一二队","无形资产","A08060303 应用软件","信息安全软件","套",3,{"v":50000,"d":"50,000.00"},{"v":150000,"d":"150,000.00"}]
["云南省有色地质局三一三队","设备","A02010105 台式计算机","台式电脑","台",3,{"v":6000,"d":"6,000.00"},{"v":18000,"d":"18,000.00"}]
["云南省有色地质局三一三队","设备","A02010108 便携式计算机","笔记本电脑","台",1,{"v":6000,"d":"6,000.00"},{"v":6000,"d":"6,000.00"}]
["云南省有色地质局三一三队","设备","A02010108 便携式计算机","笔记本电脑","台",22,{"v":9000,"d":"9,000.00"},{"v":198000,"d":"198,000.00"}]
["云南省有色地质局三一三队","设备","A02020100 复印机","普通彩色复印机","台",1,{"v":30000,"d":"30,000.00"},{"v":30000,"d":"30,000.00"}]
["云南省有色地质局三一三队","设备","A02020100 复印机","普通彩色复印机","台",1,{"v":40000,"d":"40,000.00"},{"v":40000,"d":"40,000.00"}]
["云南省有色地质局三一三队","设备","A02020100 复印机","普通黑白复印件","台",1,{"v":8000,"d":"8,000.00"},{"v":8000,"d":"8,000.00"}]
["云南省有色地质局三一三队","设备","A02101900 测绘仪器","高精度激光测量仪","台",2,{"v":2000,"d":"2,000.00"},{"v":4000,"d":"4,000.00"}]
["云南省有色地质局三一三队","设备","A02430900 无人机","无人机","架",2,{"v":30000,"d":"30,000.00"},{"v":60000,"d":"60,000.00"}]
["云南省有色地质局三一三队","家具和用品","A05010599 其他柜类","档案柜","组",52,{"v":1000,"d":"1,000.00"},{"v":52000,"d":"52,000.00"}]
["云南省有色地质局三一七队","设备","A02010105 台式计算机","台式电脑","台",6,{"v":6000,"d":"6,000.00"},{"v":36000,"d":"36,000.00"}]
["云南省有色地质局三一七队","设备","A02020100 复印机","彩色复印件","台",1,{"v":40000,"d":"40,000.00"},{"v":40000,"d":"40,000.00"}]
["云南省有色地质局三一七队","设备","A02020506 镜头及器材","国产全画幅镜头","台",1,{"v":50000,"d":"50,000.00"},{"v":50000,"d":"50,000.00"}]
["云南省有色地质局三一七队","设备","A02071300 卫星定位导航设备","大疆DJIMiNi3无人机","台",3,{"v":10000,"d":"10,000.00"},{"v":30000,"d":"30,000.00"}]
["云南省有色地质局三一七队","设备","A02071300 卫星定位导航设备","无人机带五镜头","套",1,{"v":210000,"d":"210,000.00"},{"v":210000,"d":"210,000.00"}]
["云南省有色地质局三一七队","设备","A02079900 其他雷达和无线电导航设备","北斗定位平板终端","台",1,{"v":5000,"d":"5,000.00"},{"v":5000,"d":"5,000.00"}]
["云南省有色地质局三一七队","设备","A02119900 其他电子和通信测量仪器","单北斗版GNSS接收机","台",3,{"v":12000,"d":"12,000.00"},{"v":36000,"d":"36,000.00"}]
["云南省有色地质局三一七队","设备","A02119900 其他电子和通信测量仪器","地下管线探测仪","套",3,{"v":30000,"d":"30,000.00"},{"v":90000,"d":"90,000.00"}]
["云南省有色地质局三一七队","设备","A02119900 其他电子和通信测量仪器","国产小型激光雷达","套",1,{"v":250000,"d":"250,000.00"},{"v":250000,"d":"250,000.00"}]
["云南省有色地质局三一七队","设备","A02119900 其他电子和通信测量仪器","全站仪","套",2,{"v":15000,"d":"15,000.00"},{"v":30000,"d":"30,000.00"}]
["云南省有色地质局三一七队","无形资产","A08060303 应用软件","超图软件（GIS国产软件）、中望CAD三套、清华三维EPS软件","套",12,{"v":20000,"d":"20,000.00"},{"v":240000,"d":"240,000.00"}]
["云南省有色地质局三一七队","无形资产","A08060303 应用软件","无人飞行测量采集系统","套",2,{"v":5000,"d":"5,000.00"},{"v":10000,"d":"10,000.00"}]
["云南省有色地质局楚雄勘查院","设备","A02010105 台式计算机","台式电脑","台",24,{"v":6000,"d":"6,000.00"},{"v":144000,"d":"144,000.00"}]
["云南省有色地质局楚雄勘查院","设备","A02010109 平板式计算机","平板电脑","台",10,{"v":5000,"d":"5,000.00"},{"v":50000,"d":"50,000.00"}]
["云南省有色地质局楚雄勘查院","设备","A02020100 复印机","高速黑白复印机","台",1,{"v":50000,"d":"50,000.00"},{"v":50000,"d":"50,000.00"}]
["云南省有色地质局楚雄勘查院","设备","A02020200 投影仪","投影仪","台",1,{"v":5000,"d":"5,000.00"},{"v":5000,"d":"5,000.00"}]
["云南省有色地质局楚雄勘查院","设备","A02020502 通用照相机","照相机","台",1,{"v":5000,"d":"5,000.00"},{"v":5000,"d":"5,000.00"}]
["云南省有色地质局楚雄勘查院","设备","A02021001 A3黑白打印机","A3黑白打印机","台",2,{"v":7600,"d":"7,600.00"},{"v":15200,"d":"15,200.00"}]
["云南省有色地质局楚雄勘查院","设备","A02021001 A3黑白打印机","A3黑白打印机","台",8,{"v":5000,"d":"5,000.00"},{"v":40000,"d":"40,000.00"}]
["云南省有色地质局楚雄勘查院","设备","A02021500 制图机械","宽幅打图机","台",1,{"v":90000,"d":"90,000.00"},{"v":90000,"d":"90,000.00"}]
["云南省有色地质局楚雄勘查院","设备","A02080805 视频会议系统及会议室音频系统","会议室视频显示设备","台",2,{"v":16000,"d":"16,000.00"},{"v":32000,"d":"32,000.00"}]
["云南省有色地质局楚雄勘查院","设备","A02100108 绘图仪","绘图仪","台",1,{"v":90000,"d":"90,000.00"},{"v":90000,"d":"90,000.00"}]
["云南省有色地质局楚雄勘查院","设备","A02101900 测绘仪器","RTK","台",5,{"v":35000,"d":"35,000.00"},{"v":175000,"d":"175,000.00"}]
["云南省有色地质局楚雄勘查院","设备","A02101900 测绘仪器","RTK无人机及图像处理设备","台",1,{"v":80000,"d":"80,000.00"},{"v":80000,"d":"80,000.00"}]
["云南省有色地质局楚雄勘查院","设备","A02101900 测绘仪器","全站仪","台",2,{"v":50000,"d":"50,000.00"},{"v":100000,"d":"100,000.00"}]
["云南省有色地质局楚雄勘查院","设备","A02430900 无人机","航测无人机","架",2,{"v":30000,"d":"30,000.00"},{"v":60000,"d":"60,000.00"}]
["云南省有色地质局楚雄勘查院","设备","A02430900 无人机","无人机","架",2,{"v":50000,"d":"50,000.00"},{"v":100000,"d":"100,000.00"}]
["云南省有色地质局楚雄勘查院","家具和用品","A05010201 办公桌","办公桌","张",10,{"v":2200,"d":"2,200.00"},{"v":22000,"d":"22,000.00"}]
["云南省有色地质局楚雄勘查院","无形资产","A08060303 应用软件","AI Earth软件","套",1,{"v":20000,"d":"20,000.00"},{"v":20000,"d":"20,000.00"}]
["合计",{"$nulls":4},867,null,{"$f":"SUM(H8:H171)","v":{"v":12889200,"d":"12,889,200.00"}}]
["注：涉及土地使用权、房屋、公务用车购置，按照现行相关管理制度规定报批，以职能部门审批意见为准。"]

{"sheet":"中央转移支付补助项目支出预算表11","index":15,"n_rows":11,"n_cols":11,"rows_kept":11,"merged":[[1,0,1,10],[2,0,2,6],[3,0,5,0],[3,1,5,1],[3,2,5,2],[3,3,5,3],[3,4,5,4],[3,5,5,5],[3,6,5,6],[3,7,5,7],[3,8,3,10],[4,8,5,8],[4,9,5,9],[4,10,5,10],[9,0,9,6],[10,0,10,10]]}
[{"$nulls":10},"预算11表"]
["2026年中央转移支付补助项目支出预算表"]
[{"$f":"\"单位名称：\"&\"云南省有色地质局\"","v":"单位名称：云南省有色地质局"},{"$nulls":9},"单位：元"]
["项目分类","项目名称","项目单位","功能科目编码","功能科目名称","经济科目编码","经济科目名称","合计","上级补助"]
[{"$nulls":8},"一般公共预算","政府性基金预算","国有资本经营预算"]
[{"$nulls":8},"小计"]
[1,2,3,4,5,6,7,8,9,10,11]
[]
[]
["合  计"]
["说明：我部门无中央转移支付补助项目支出预算，因此《2026年中央转移支付补助项目支出预算表》（预算11表）公开空表。"]

{"sheet":"部门项目支出中期规划预算表12","index":16,"n_rows":11,"n_cols":7,"rows_kept":11,"merged":[[1,0,1,6],[2,0,2,3],[3,0,5,0],[3,1,5,1],[3,2,5,2],[3,3,5,3],[3,4,3,6],[4,4,5,4],[4,5,5,5],[4,6,5,6],[9,0,9,3],[10,0,10,6]]}
[{"$nulls":6},"预算12表"]
["2026年部门项目支出中期规划预算表"]
[{"$f":"\"单位名称：\"&\"云南省有色地质局\"","v":"单位名称：云南省有色地质局"},{"$nulls":5},"单位：元"]
["项目单位","项目分类","项目名称","项目级次","一般公共预算"]
[{"$nulls":4},"2026年","2027年","2028年"]
[{"$nulls":5},"小计"]
[1,2,3,4,5,6,7]
[]
[]
["合计",""]
["说明：我部门无项目支出中期规划，因此《2026年部门项目支出中期规划预算表》（预算12表）公开空表。"]